{"text_format":"3","workbook":"xlsx","n_sheets":9,"sheets":["SUMMARY","P&G","Sheet3","P&Gs","Part-A ","Part-B","Part-C","Part B","Part C"],"not_rendered":{"images":2,"external_links":2,"defined_names":510},"read":"whole","date_system":"1900"}

{"sheet":"SUMMARY","index":0,"n_rows":33,"n_cols":4,"rows_kept":33,"hidden":true,"merged":[[3,1,3,2],[11,1,11,2],[18,1,18,2],[27,1,27,2],[28,1,28,2],[29,1,29,2],[30,1,30,2],[31,1,31,2],[32,1,32,2]]}
[]
[]
[null,"Section 1","Preliminary and General (Part A, B and C) @ 15%",{"$f":"0.15*SUM(D4+D12+D19)","v":{"$error":"#REF!"}}]
[null,"PART A: Specon Pipeline Replacement Phase ",null,{"$f":"SUM(D5:D10)","v":{"$error":"#REF!"}}]
[null,"Section 2:","Earthworks (Pipe Trenches",{"$f":"'Part-A '!#REF!","v":{"$error":"#REF!"}}]
[null,"Section 3:","Medium Pressure Pipelines",{"$f":"'Part-A '!#REF!","v":{"$error":"#REF!"}}]
[null,"Section 4:","Bedding (Flexible Pipes)",{"$f":"'Part-A '!G382","v":{"v":0,"d":"R0"}}]
[null,"Section 5:","Pipe Jacking ",{"$f":"'Part-A '!G415","v":{"v":0,"d":"R0"}}]
[null,"Section 6:","Cathodic Protection",{"$f":"'Part-A '!#REF!","v":{"$error":"#REF!"}}]
[null,"Section 7:","Service Roads",{"$f":"'Part-A '!G495","v":{"v":0,"d":"R0"}}]
[]
[null,"PART B: Refurbishment of Olifantspoort Water Treatment Works",null,{"$f":"SUM(D13:D17)","v":{"v":33075221.474710744,"d":"R33,075,221"}}]
[null,"Section 2:","Water Treatment Works Process",{"$f":"'Part B'!I116","v":{"v":15996290.834710743,"d":"R15,996,291"}}]
[null,"Section 3:","Mechanical Refurbishment ",{"$f":"'Part B'!I130","v":{"v":4301577,"d":"R4,301,577"}}]
[null,"Section 4:","Electrical Refurbishment",{"$f":"'Part B'!I184","v":{"v":6717727,"d":"R6,717,727"}}]
[null,"Section 5:","Control and Instrumentation Refurbishment",{"$f":"'Part B'!I250","v":{"v":3676020,"d":"R3,676,020"}}]
[null,"Section 6:","Buildings and Minor Civil Works",{"$f":"'Part B'!I756","v":{"v":2383606.64,"d":"R2,383,607"}}]
[]
[null,"PART C: Rehabilitation of Megoring and Thakgalang River Crossings",null,{"$f":"SUM(D20:D25)","v":{"v":21726719.200000003,"d":"R21,726,719"}}]
[null,"Section A2:","Megoring Earthworks (Pipe Trenches)",{"$f":"'Part C'!G100","v":{"v":651350,"d":"R651,350"}}]
[null,"Section A3:","Megoring Medium Pressure Pipelines",{"$f":"'Part C'!G230","v":{"v":10737270.8,"d":"R10,737,271"}}]
[null,"Section A4:","Megoring Bedding (Flexible Pipes)",{"$f":"'Part C'!G279","v":{"v":912400,"d":"R912,400"}}]
[null,"Section B2:","Thakgalang Earthworks (Pipe Trenches)",{"$f":"'Part C'!G374","v":{"v":717850,"d":"R717,850"}}]
[null,"Section B3:","Thakgalang Medium Pressure Pipelines",{"$f":"'Part C'!G462","v":{"v":8206848.4,"d":"R8,206,848"}}]
[null,"Section B4:","Thakgalang  Bedding (Flexible Pipes)",{"$f":"'Part C'!G511","v":{"v":501000,"d":"R501,000"}}]
[]
[null,"SUB-TOTAL 1","Section 1 + Part A + Part B + Part C",{"$f":"D4+D12+D19+D3","v":{"$error":"#REF!"}}]
[null,"Contingencies at 10% of Sub-Total 1",null,{"$f":"0.1*D27","v":{"$error":"#REF!"}}]
[null,"SUB-TOTAL 2",null,{"$f":"D27+D28","v":{"$error":"#REF!"}}]
[null,"Escalation at 10% of Sub-Total 2",null,{"$f":"0.1*D29","v":{"$error":"#REF!"}}]
[null,"SUB-TOTAL 3",null,{"$f":"D29+D30","v":{"$error":"#REF!"}}]
[null,"VAT at 15% of Sub-Total 3",null,{"$f":"0.15*D31","v":{"$error":"#REF!"}}]
[null,"GRAND TOTAL (Sub-Total 1 and Sub-Total 2)",null,{"$f":"D31+D32","v":{"$error":"#REF!"}}]

{"sheet":"P&G","index":1,"n_rows":126,"n_cols":7,"rows_kept":126,"hidden":true,"merged":[[0,0,0,6],[7,1,7,2],[10,1,10,2],[25,1,25,2],[28,1,28,2],[37,0,37,5],[38,0,38,6],[40,0,40,5],[69,0,69,5],[70,0,70,6],[72,0,72,5],[108,0,108,5],[109,0,109,6],[111,0,111,5],[125,0,125,5]]}
["SECTION 1: PRELIMINARY & GENERAL -SANS 1200A / 1200AB"]
["ITEM\nNo","PAYMENT\nREF","DESCRIPTION","UNIT","QTY","RATE","   AMOUNT\nR"]
[]
["1.1","PSA8.3","Scheduled Fixed-Time Charge Items"]
[]
["1.1.1","PSA8.3.1","Fixed Preliminary and Genaral charges","Sum",1]
[]
[null,"  SANS 1200AB"]
["1.1.2","8.2.1","Establishing Facilities for Engineer","Sum",1]
[]
[null,"  SANS 1200A"]
["1.1.3","8.3.2.2","Establishing Facilities for Contractor ","Sum",1]
[]
["1.1.4","8.3.3","Other Fixed-charge Obligations ","Sum",1]
[]
["1.1.5","8.3.4","Removal of Site Establishment","Sum",1]
[]
["1.1.6","PSA8.8","The preparation of risk assessments, safe work procedures, and plan. Provision of Personal Protection Equipment and Clothing and any other health and safety matters according to the Project specifications","Sum",1]
[]
["1.1.7","PSA8.9","Compliance with Environmental Management Plan ","Sum",1]
[]
["1.2","PSA8.4","Scheduled Time Raleted Items"]
[]
["1.2.1","PSA8.4.1","Time related preliminary and general","Sum",1]
[]
[null,"SANS 1200AB      "]
[null,"8.2.1","Operation and Maintenance of Facilities for Engineer","Sum",1]
[]
[null,"SANS 1200A      "]
["1.2.2","8.4.2.2","Operation and Maintenance of Facilities for Contractor","Sum",1]
[]
["1.2.3","8.4.3","Supervision for The Duration of Construction","Sum",1]
[]
["1.2.4","8.4.4","Company and Head office Overhead for Duration of Construction","Sum",1]
[]
["1.2.5","8.4.5","Other Time-related Obligations","Sum",1]
["1.2.6","PSA8.4.5.1","Supervision and Training of Nominated Sub-contractors","Sum",1]
["Carried Forward"]
["SECTION 1: PRELIMINARY & GENERAL -SANS 1200A / 1200AB"]
["ITEM\nNo","PAYMENT\nREF","DESCRIPTION","UNIT","QTY","RATE","   AMOUNT\nR"]
[" Brought Forward"]
[]
["1.2.7","PSA8.4.5.2","Salary for Labour Desk office and Community Liaison officer","Sum",1]
[]
["1.2.8","PSA8.4.5.3","Artisans and Skills accredited Training","Sum",1]
[]
["1.2.9","PSA8.4.5.4","Specialised Services","Sum",1]
[]
["1.2.10","PSA8.8","Full Compliance with all Health and Safety specifications","Sum",1]
[]
["1.2.11","PSA8.9","Compliance with EMP","Sum",1]
[]
["1.3","PSA8.5","Sums Stated Provisionally by Engineer"]
[]
["1.3.1",null,"Cellular communications and data bundles","Prov Sum",1,{"v":24000,"d":"24,000.00"},{"$f":"E55*F55","v":{"v":24000,"d":"24,000.00"}}]
[]
["1.3.2",null,"Supply of computer, printer and associated equipment to become property of the Engineer at the end of the Contract","Prov Sum",1,{"v":45000,"d":"45,000.00"},{"$f":"E57*F57","v":{"v":45000,"d":"45,000.00"}}]
[]
["1.3.3","PSA8.5.1","Works Executed by the Contractor","Prov Sum",1,{"$f":"G59","v":{"v":50000,"d":"50,000.0"}},{"v":50000,"d":"50,000.00"}]
[]
["1.3.4",null,"Relocation of Existing Services (inclusive all Discussions, Liaison, Labour and Material)","Prov Sum",1,{"$f":"G61","v":{"v":150000,"d":"150,000.0"}},{"v":150000,"d":"150,000.00"}]
[]
["1.3.4","8.8.5 (a)","Search for and Record Trigonometrically Survey Beacons, Bench Marks and Plot Boundary Pegs, and Expose on Completion of Works","Prov Sum",1,{"$f":"G63","v":{"v":10000,"d":"10,000.0"}},{"v":10000,"d":"10,000.00"}]
[]
["1.3.5",null,"Electromechanical Refurbishment and Repairs of 10ML Package Plant including valves replacement and pipeworks. Testing and Commissioning of Package Plant including all 'As Built' Drawings and Manuals (3-Sets Hard Copies and 1-Set Soft-copy on USB)","Prov Sum",1,{"v":6500000,"d":"6,500,000.0"},{"$f":"F65","v":{"v":6500000,"d":"6,500,000.00"}}]
["1.3.6",null,"Percentage (%) mark-up on item 1.3.1 to 1.3.5 above for Contractor's overheads, administration charges and profit","%",10,{"$f":"F55+F57+F59+F61+F63+F65","v":{"v":6779000,"d":"6,779,000.0"}},{"$f":"F66*E66/100","v":{"v":677900,"d":"677,900.00"}}]
["1.4","PSA8.6","Prime Cost Sums"]
["1.4.1","PSA8.6 (a)","Allowance for accredited training","PC Sum",null,{"v":650000,"d":"650,000.0"},{"$f":"F68","v":{"v":650000,"d":"650,000.00"}}]
["1.4.2","PSA8.6 (a)","Community Liaison Officers (CLO)","PC Sum",1,{"v":360000,"d":"360,000.0"},{"$f":"F69","v":{"v":360000,"d":"360,000.00"}}]
["Carried Forward"]
["SECTION 1: PRELIMINARY & GENERAL -SANS 1200A / 1200AB"]
["ITEM\nNo","PAYMENT\nREF","DESCRIPTION","UNIT","QTY","RATE","   AMOUNT\nR"]
[" Brought Forward"]
["1.4","PSA8.6","Prime Cost Sums"]
[]
["1.4.1","PSA8.6 (a)","Allowance for accredited training","PC Sum",null,{"v":650000,"d":"650,000.0"},{"$f":"F76","v":{"v":650000,"d":"650,000.00"}}]
[]
["1.4.2","PSA8.6 (a)","Community Liaison Officers (CLO)","PC Sum",1,{"v":360000,"d":"360,000.0"},{"$f":"F78","v":{"v":360000,"d":"360,000.00"}}]
[]
["1.4.3",null,"Construction Management Assistance for Emerging Contractors","PC Sum",1,{"$f":"750000*2","v":{"v":1500000,"d":"1,500,000.0"}},{"$f":"F80","v":{"v":1500000,"d":"1,500,000.00"}}]
["1.4.4",null,"Preliminary and General for Emerging Contractors","PC Sum",1,{"v":3700000,"d":"3,700,000.0"},{"$f":"F81","v":{"v":3700000,"d":"3,700,000.00"}}]
["1.4.5",null,"Percentage (%) mark-up on item 1.4.1 to 1.4.4 above for Contractor's overheads, administration charges and profit","%",10,{"$f":"G76+G78+G80+G81","v":{"v":6210000,"d":"6,210,000.0"}},{"$f":"F82*E82/100","v":{"v":621000,"d":"621,000.00"}}]
["1.5","PSA 8.7","Dayworks"]
[]
[null,null,"(a) Using The Contractor's Labour force"]
[]
["1.5.1",null,"1.  Labourer","hour",200]
[]
["1.5.2",null,"2.  Driver","hour",100]
[]
["1.5.3",null,"3.  Operator","hour",50]
[]
["1.5.4",null,"4.  Artisan","hour",50]
[]
["1.5.5",null,"5.  Welder","hour",50]
[]
["1.5.6",null,"6.  Foreman","hour",50]
[]
["1.5.7",null,"7.  Security Guard","day",50]
[]
[null,null,"(b)  Using Contractor's Plant"]
[]
["1.5.8",null,"1.  Ldv (1 ton)","hour",200]
[]
["1.5.9",null,"2.  Flat Truck (3 to 5 ton)","hour",50]
[]
["1.5.10",null,"3.  Tip Truck (10m3)","hour",50]
[]
["Carried Forward"]
["SECTION 1: PRELIMINARY & GENERAL -SANS 1200A / 1200AB"]
["ITEM\nNo","PAYMENT\nREF","DESCRIPTION","UNIT","QTY","RATE","   AMOUNT\nR"]
[" Brought Forward"]
["1.5.11",null,"4. Backhoe ","hour",50]
[]
["1.5.12",null,"5.  Trench Vibrating Roller","hour",50]
[]
["1.5.13",null,"7.  Air compressor, including all tools (Drills, Jackhammers, etc)","hour",50]
[]
["1.5.14",null,"8.  Pump, including all Necessary Hosing and Pipes","hour",200]
[]
["1.5.15",null,"9.  Concrete Mixer","hour",20]
[]
["1.5.16",null,"10.  Water Truck (10 000 L)","hour",50]
[]
[]
[" TOTAL SECTION 1 CARRIED TO SUMMARY",{"$nulls":5},{"$f":"SUMMARY!D3","v":{"$error":"#REF!"}}]

{"sheet":"Sheet3","index":2,"n_rows":31,"n_cols":2,"rows_kept":31,"merged":[[1,0,1,1],[9,0,9,1],[16,0,16,1],[25,0,25,1],[26,0,26,1],[27,0,27,1],[28,0,28,1],[29,0,29,1],[30,0,30,1]]}
["Section 1","Preliminary and General (Part A, B and C) "]
["PART A: Specon Pipeline Replacement Phase "]
["Section 2:","Earthworks (Pipe Trenches"]
["Section 3:","Medium Pressure Pipelines"]
["Section 4:","Bedding (Flexible Pipes)"]
["Section 5:","Pipe Jacking "]
["Section 6:","Cathodic Protection"]
["Section 7:","Service Roads"]
[]
["PART B: Refurbishment of Olifantspoort Water Treatment Works"]
["Section 2:","Water Treatment Works Process"]
["Section 3:","Mechanical Refurbishment "]
["Section 4:","Electrical Refurbishment"]
["Section 5:","Control and Instrumentation Refurbishment"]
["Section 6:","Buildings and Minor Civil Works"]
[]
["PART C: Rehabilitation of Megoring and Thakgalang River Crossings"]
["Section A2:","Megoring Earthworks (Pipe Trenches)"]
["Section A3:","Megoring Medium Pressure Pipelines"]
["Section A4:","Megoring Bedding (Flexible Pipes)"]
["Section B2:","Thakgalang Earthworks (Pipe Trenches)"]
["Section B3:","Thakgalang Medium Pressure Pipelines"]
["Section B4:","Thakgalang  Bedding (Flexible Pipes)"]
[]
["SUB-TOTAL 1","Section 1 + Part A + Part B + Part C"]
["Contingencies at 10% of Sub-Total 1"]
["SUB-TOTAL 2"]
["Escalation at 10% of Sub-Total 2"]
["SUB-TOTAL 3"]
["VAT at 15% of Sub-Total 3"]
["GRAND TOTAL (Sub-Total 1 and Sub-Total 2)"]

{"sheet":"P&Gs","index":3,"n_rows":71,"n_cols":7,"rows_kept":71,"merged":[[0,0,0,6],[22,0,22,5],[23,0,23,6],[25,0,25,5],[41,0,41,5],[42,0,42,6],[44,0,44,5],[70,0,70,5]]}
["SECTION 1: PRELIMINARY & GENERAL -SANS 1200A / 1200AB"]
["ITEM\nNo","PAYMENT\nREF","DESCRIPTION","UNIT","QTY","RATE","   AMOUNT\nR"]
["1.1","PSA8.3","Scheduled Fixed-Time Charge Items"]
["1.1.1","PSA8.3.1","Fixed Preliminary and Genaral charges","Sum",1]
[null,"  SANS 1200AB"]
["1.1.2","8.2.1","Establishing Facilities for Engineer","Sum",1]
[null,"  SANS 1200A"]
["1.1.3","8.3.2.2","Establishing Facilities for Contractor ","Sum",1]
["1.1.4","8.3.3","Other Fixed-charge Obligations ","Sum",1]
["1.1.5","8.3.4","Removal of Site Establishment","Sum",1]
["1.1.6","PSA8.8","The preparation of risk assessments, safe work procedures, and plan. Provision of Personal Protection Equipment and Clothing and any other health and safety matters according to the Project specifications","Sum",1]
["1.1.7","PSA8.9","Compliance with Environmental Management Plan ","Sum",1]
["1.2","PSA8.4","Scheduled Time Raleted Items"]
["1.2.1","PSA8.4.1","Time related preliminary and general","Sum",1]
[null,"SANS 1200AB      "]
[null,"8.2.1","Operation and Maintenance of Facilities for Engineer","Sum",1]
[null,"SANS 1200A      "]
["1.2.2","8.4.2.2","Operation and Maintenance of Facilities for Contractor","Sum",1]
["1.2.3","8.4.3","Supervision for The Duration of Construction","Sum",1]
["1.2.4","8.4.4","Company and Head office Overhead for Duration of Construction","Sum",1]
["1.2.5","8.4.5","Other Time-related Obligations","Sum",1]
["1.2.6","PSA8.4.5.1","Supervision and Training of Nominated Sub-contractors","Sum",1]
["Carried Forward"]
["SECTION 1: PRELIMINARY & GENERAL -SANS 1200A / 1200AB"]
["ITEM\nNo","PAYMENT\nREF","DESCRIPTION","UNIT","QTY","RATE","   AMOUNT\nR"]
[" Brought Forward"]
["1.2.7","PSA8.4.5.2","Salary for Labour Desk office and Community Liaison officer","Sum",1]
["1.2.8","PSA8.4.5.3","Artisans and Skills accredited Training","Sum",1]
["1.2.9","PSA8.4.5.4","Specialised Services","Sum",1]
["1.2.10","PSA8.8","Full Compliance with all Health and Safety specifications","Sum",1]
["1.3","PSA8.5","Sums Stated Provisionally by Engineer"]
["1.3.1",null,"Cellular communications and data bundles","Prov Sum",1,{"v":24000,"d":"24,000.00"},{"$f":"E32*F32","v":{"v":24000,"d":"24,000.00"}}]
["1.3.2",null,"Supply of computer, printer and associated equipment to become property of the Engineer at the end of the Contract","Prov Sum",1,{"v":45000,"d":"45,000.00"},{"$f":"E33*F33","v":{"v":45000,"d":"45,000.00"}}]
["1.3.3","PSA8.5.1","Works Executed by the Contractor","Prov Sum",1,{"$f":"G34","v":{"v":50000,"d":"50,000.0"}},{"v":50000,"d":"50,000.00"}]
["1.3.4",null,"Relocation of Existing Services (inclusive all Discussions, Liaison, Labour and Material)","Prov Sum",1,{"$f":"G35","v":{"v":150000,"d":"150,000.0"}},{"v":150000,"d":"150,000.00"}]
["1.3.4","8.8.5 (a)","Search for and Record Trigonometrically Survey Beacons, Bench Marks and Plot Boundary Pegs, and Expose on Completion of Works","Prov Sum",1,{"$f":"G36","v":{"v":10000,"d":"10,000.0"}},{"v":10000,"d":"10,000.00"}]
["1.3.5",null,"Electromechanical Refurbishment and Repairs of 10ML Package Plant including valves replacement and pipeworks. Testing and Commissioning of Package Plant including all 'As Built' Drawings and Manuals (3-Sets Hard Copies and 1-Set Soft-copy on USB)","Prov Sum",1,{"v":6500000,"d":"6,500,000.0"},{"$f":"F37","v":{"v":6500000,"d":"6,500,000.00"}}]
["1.3.6",null,"Percentage (%) mark-up on item 1.3.1 to 1.3.5 above for Contractor's overheads, administration charges and profit","%",10,{"$f":"F32+F33+F34+F35+F36+F37","v":{"v":6779000,"d":"6,779,000.0"}},{"$f":"F38*E38/100","v":{"v":677900,"d":"677,900.00"}}]
["1.4","PSA8.6","Prime Cost Sums"]
["1.4.1","PSA8.6 (a)","Allowance for accredited training","PC Sum",null,{"v":650000,"d":"650,000.0"},{"$f":"F40","v":{"v":650000,"d":"650,000.00"}}]
["1.4.2","PSA8.6 (a)","Community Liaison Officers (CLO)","PC Sum",1,{"v":360000,"d":"360,000.0"},{"$f":"F41","v":{"v":360000,"d":"360,000.00"}}]
["Carried Forward"]
["SECTION 1: PRELIMINARY & GENERAL -SANS 1200A / 1200AB"]
["ITEM\nNo","PAYMENT\nREF","DESCRIPTION","UNIT","QTY","RATE","   AMOUNT\nR"]
[" Brought Forward"]
["1.4","PSA8.6","Prime Cost Sums"]
["1.4.1","PSA8.6 (a)","Allowance for accredited training","PC Sum",null,{"v":650000,"d":"650,000.0"},{"$f":"F47","v":{"v":650000,"d":"650,000.00"}}]
["1.4.2","PSA8.6 (a)","Community Liaison Officers (CLO)","PC Sum",1,{"v":360000,"d":"360,000.0"},{"$f":"F48","v":{"v":360000,"d":"360,000.00"}}]
["1.4.3",null,"Construction Management Assistance for Emerging Contractors","PC Sum",1,{"$f":"750000*2","v":{"v":1500000,"d":"1,500,000.0"}},{"$f":"F49","v":{"v":1500000,"d":"1,500,000.00"}}]
["1.4.4",null,"Preliminary and General for Emerging Contractors","PC Sum",1,{"v":3700000,"d":"3,700,000.0"},{"$f":"F50","v":{"v":3700000,"d":"3,700,000.00"}}]
["1.4.5",null,"Percentage (%) mark-up on item 1.4.1 to 1.4.4 above for Contractor's overheads, administration charges and profit","%",10,{"$f":"G47+G48+G49+G50","v":{"v":6210000,"d":"6,210,000.0"}},{"$f":"F51*E51/100","v":{"v":621000,"d":"621,000.00"}}]
[null,null,"(a) Using The Contractor's Labour force"]
["1.5.1",null,"1.  Labourer","hour",200]
["1.5.2",null,"2.  Driver","hour",100]
["1.5.3",null,"3.  Operator","hour",50]
["1.5.4",null,"4.  Artisan","hour",50]
["1.5.5",null,"5.  Welder","hour",50]
["1.5.6",null,"6.  Foreman","hour",50]
["1.5.7",null,"7.  Security Guard","day",50]
[null,null,"(b)  Using Contractor's Plant"]
["1.5.8",null,"1.  Ldv (1 ton)","hour",200]
["1.5.9",null,"2.  Flat Truck (3 to 5 ton)","hour",50]
["1.5.10",null,"3.  Tip Truck (10m3)","hour",50]
["1.5.11",null,"4. Backhoe ","hour",50]
["1.5.11",null,"4. Backhoe ","hour",50]
["1.5.12",null,"5.  Trench Vibrating Roller","hour",50]
["1.5.13",null,"7.  Air compressor, including all tools (Drills, Jackhammers, etc)","hour",50]
["1.5.14",null,"8.  Pump, including all Necessary Hosing and Pipes","hour",200]
["1.5.15",null,"9.  Concrete Mixer","hour",20]
["1.5.16",null,"10.  Water Truck (10 000 L)","hour",50]
["Total Section 1 Carried to Summary"]

{"sheet":"Part-A ","index":4,"n_rows":495,"n_cols":7,"rows_kept":495,"merged":[[0,0,0,6],[37,0,37,5],[38,0,38,6],[40,0,40,5],[84,0,84,5],[85,0,85,6],[87,0,87,5],[117,0,117,5],[118,0,118,6],[120,0,120,5],[146,0,146,5],[147,0,147,6],[149,0,149,5],[183,0,183,5],[184,0,184,6],[186,0,186,5],[218,0,218,5],[219,0,219,6],[221,0,221,5],[246,0,246,5],[247,0,247,6],[249,0,249,5],[272,0,272,5],[273,0,273,6],[275,0,275,5],[304,0,304,5],[305,0,305,6],[307,0,307,5],[342,0,342,5],[343,0,343,6],[345,0,345,5],[381,0,381,5],[382,0,382,6],[414,0,414,5],[415,0,415,6],[452,0,452,5],[453,0,453,6],[455,0,455,5],[494,0,494,5]]}
["SECTION 2: EARTHWORKS (PIPE TRENCHES) - SANS 1200DB"]
["ITEM\nNo","PAYMENT\nREF","DESCRIPTION","UNIT","QTY","RATE","   AMOUNT\nR"]
[]
["2.1","8.3.1","Site Clearance"]
[]
["2.1.1","8.3.1 (a)","Clear Vegetation and Trees of Girth Up to 1m (4m  Wide Strip)","m",{"v":7020,"d":"7,020"}]
[]
["2.1.2","8.3.1 (b)","Clear Trees of Girth Over 1,0 m and Designated Obstacles","No",5]
[]
["2.1.3","PSDB\n 8.3.1 (c)","Remove topsoil (strip to 150 mm Deep x 3 m wide), Stockpile, Prevent Dust Nuisance and Reinstate on Upon Completion","m²",{"$f":"E6*3","v":{"v":21060,"d":"21,060"}}]
[{"$nulls":6},{"$f":"IF(E11>0, E11*F11, \" \")","v":" "}]
["2.2","8.3.2","Excavation",{"$nulls":3}," "]
[{"$nulls":6}," "]
[null,"8.3.2 (a)","Excavate in all Materials for Trenches, Backfill, Compact and Dispose of Surplus Material with Depth Over and Up to:",{"$nulls":3}," "]
[]
["2.2.1",null,"        1.0 m          2.0 m","m3",{"v":9000,"d":"9,000"}]
[]
["2.2.2",null,"        2.0 m          3.0 m","m3",{"v":22000,"d":"22,000"}]
[]
["2.2.3",null,"        3.0 m          4.0 m","m3",300]
[]
["2.2.4",null,"        4.0 m          5.0 m","m3",350]
[]
["2.2.5",null,"        5.0 m          6.0 m","m3",100]
[]
[null,"PSDB8.3.2","Extra-over Item (a) above for:"]
[]
["2.2.6","8.3.2 (b) (2)","Hard Rock Excavation","m³",{"v":8010,"d":"8,010"}]
[]
["2.2.7","PSDB 8.3.2","Excavate and Dispose of Boulders Class A","m³",80]
[]
["2.2.8","8.3.2 (c)","Excavate and Dispose of Unsuitable Material From Trench Bottom (provisional)","m³",{"v":1588,"d":"1,588"}]
[{"$nulls":6}," "]
["2.3","8.3.3","Excavation ancillaries",{"$nulls":3}," "]
[{"$nulls":6}," "]
[null,"8.3.3.1","Make Up Deficiency in Backfill Material (provisional)"]
[]
["Carried Forward"]
["SECTION 2: EARTHWORKS (PIPE TRENCHES) - SANS 1200DB"]
["ITEM\nNo","PAYMENT\nREF","DESCRIPTION","UNIT","QTY","RATE","   AMOUNT\nR"]
[" Brought Forward"]
[]
["2.3.1","8.3.3.1 (a)","From Other Necessary Excavations On Site","m³",{"v":4290,"d":"4,290"}]
[]
["2.3.2","PSDB 8.3.3.3 ","Compaction in Road Reserves"]
[]
["2.3.2.1","8.3.3.3 (a)","Under roadways to 93% MOD AASHTO","m³",250]
[]
["2.3.2.2","8.3.3.3 (b)","Elswhere to 93% to MOD AASHTO","m³",60]
[]
["2.4","8.3.5 ","Existing Services that intersect or adjoin Pipe Trench"]
[]
[null,"8.3.5(a)","Services That intersect a Trench"]
[]
["2.4.1",null,"1)    Stock Fences","No",10]
[]
["2.4.2",null,"2)    Storm Water Pipes","No",3]
[]
["2.4.3",null,"3)    Water Pipes","No",2]
[]
["2.4.4",null,"4)    Overhead Electrical Lines","No",3]
[]
["2.4.5",null,"5)    Overhead Telephone Lines","No",2]
[]
["2.4.6",null,"6)    Gravel Roads","No",11]
[]
[null,"8.3.5 (b)","Services That adjoin a Trench",{"$nulls":3},{"$f":"IF(E67>0, E67*F67, \" \")","v":" "}]
[]
["2.4.7",null,"1)    Stock Fence","m",100]
[]
["2.4.8",null,"2)    Water / Storm Water Pipes","m",50]
[]
["2.4.9",null,"3)    Overhead Electrical Lines","m",100]
[]
["2.4.10",null,"4)    Overhead Telephone Lines","m",30]
[]
["2.5","8.3.6","Finishing"]
[]
[null,"8.3.6.1","Reinstate Road Surfaces Complete"]
[]
["2.5.1","8.3.6.1 (a)","Gravel Road Surfaces","m²",200]
[]
["2.5.2","8.3.6.1 (c)","Tarred Road Surfaces (30mm thick)","m²",90]
[]
["Carried Forward"]
["SECTION 3:  MEDIUM PRESSURE PIPELINES - SANS 1200L"]
["ITEM\nNo","PAYMENT\nREF","DESCRIPTION","UNIT","QTY","RATE","   AMOUNT\nR"]
[" Brought Forward"]
[]
["2.6","PSDB 8.3.7","Accommodation of traffic including bypass and signage","Sum",1]
[]
["3.1","8.2.1","Steel Pipes"]
[]
["3.1.1",null,"Supply, Lay, Bed, Join and Test 800 ND / 6 mm Wall Thickness Grade X42  Beveled Steel Pipes,  Pipes are to be Welded with Coating and Lining as per PSCL Particular Specifications","m",{"v":7050,"d":"7,050"}]
[]
["3.2","8.2.2","Steel Bends"]
[]
["3.2.1",null,"Extra-Over for Item 3.1.1 to Supply, Lay, Join, Test and Bed 800 mm ND / 6 mm Wall Thickness Grade X42 Steel Bends with Solvent Free Liquid Epoxy Lining and Coating as per PSCL Particular Specifications for The Following:"]
[]
["3.2.1.1.",null,"0º - 5º","No",15]
[]
["3.2.1.2",null,"5º - 15º","No",7]
[]
["3.2.1.3",null,"15º - 45º","No",6]
[]
["3.2.1.4",null,"45º - 60º","No",4]
[]
["3.2.1.5",null,"60º - 90º","No",2]
[]
["3.3","8.2.2","Connection Fittings (Start & End)"]
[]
["3.3.1",null,"Extra-Over for Item 3.1.1 to Supply, Lay, Join, Test and Bed 800 mm ND / 6 mm Wall Thickness Grade X42 Steel Fittings with Solvent Free Liquid Epoxy Lining and Coating as per PSCL Particular Specifications for The Following:"]
[]
["3.3.1.1",null,"Lateral Tee (800mm ND, 45º Angle)","No",2]
[]
["3.3.1.2",null,"Dismantling Coupling (800mm ND)","No",2]
[]
["Carried Forward"]
["SECTION 3:  MEDIUM PRESSURE PIPELINES - SANS 1200L"]
["ITEM\nNo","PAYMENT\nREF","DESCRIPTION","UNIT","QTY","RATE","   AMOUNT\nR"]
[" Brought Forward"]
[]
["3.3.1.3",null,"Blank Flange (800mm ND)","No",2]
[]
["3.4","PSL 8.2.3","VALVE CHAMBERS"]
[]
["3.4.1",null,"Air Valve Chambers"]
[]
["3.4.1.1",null,"Air Valve Chamber - PN25, Complete as Shown on Drawing  P1001-OL1EM-CIV-3221. Construct Chambers Complete including Excavation, Reinforcement and Concrete Work, Supply Material and install Air Vents, access Ladders,  as Shown on Relevant Drawings for The Following: Chamber depth = Fixed at 2m","No",13]
[]
["3.4.1.2",null,"Extra Over 3.4.1.1 for Pipe Specials as Per Drawing 'P1001-OL1EM-CIV-1301 Air Valve Details  for Supply and installation of Air Valve Chamber pipeworks and specials"]
[]
["3.4.1.2.1",null,"AV 1:  800mm X 600mm Unequal Tee","No",13]
[]
["3.4.1.2.2",null,"AV 2: 600mm Blank Flange with 150mm drilled opening  with a 150mm Flanged Pipe Section.","No",13]
[]
["3.4.1.2.3",null,"AV 3:  150mm RSV Gate Valve ","No",13]
[]
["3.4.1.2.4",null,"AV 4:  150mm Air Valve ","No",13]
[]
["3.4.2",null,"Scour Valve Chambers"]
[]
["3.4.2.1",null,"Scour Valve Chamber Type-C for PN25, Complete as Shown on Drw: P1001-OL1EM-CIV-3224. Construct Chambers Complete including Excavation, Reinforcement and Concrete Work, Supply Material and install Air Vents, access Ladders, as Shown on Relevant Drawings for The Following: Chamber depth = 3.5m","No",1]
[{"$nulls":6},{"$f":"IF(E144>0, E144*F144, \" \")","v":" "}]
["3.4.2.2",null,"Extra Over 3.4.2.1 for Pipe Specials as Per Drawing 'P1001-OL1EM-CIV-1305 and 1306 for The Scour Valve Chamber"]
[]
["Carried Forward"]
["SECTION 3:  MEDIUM PRESSURE PIPELINES - SANS 1200L"]
["ITEM\nNo","PAYMENT\nREF","DESCRIPTION","UNIT","QTY","RATE","   AMOUNT\nR"]
[" Brought Forward"]
[]
["3.4.2.2.1",null,"CSV 1: 800mm X 600mm Reducer","No",2]
[]
["3.4.2.2.2",null,"CSV 2: 600mm ND Straight Section","No",2]
[{"$nulls":6}," "]
["3.4.2.2.3",null,"CSV 3: 600mm X 600mm X 350mm X 100mm Unequal Tee","No",2]
[]
["3.4.2.2.4",null,"CSV 4:  600mm Butterfly Valve","No",1]
[]
["3.4.2.2.5",null,"CSV 5:  600mm Dismantling Coupling","No",1]
[]
["3.4.2.2.6",null,"CSV 6:   350mm Wedge Gate Valve ","No",2]
[]
["3.4.2.2.7",null,"CSV 7: 350mm Dismantling Coupling","No",2]
[]
["3.4.2.2.8",null,"CSV 8:  350mm Straight Pipe with Thrust Flange","No",2]
[]
["3.4.2.2.9",null,"CSV 9:  100mm Medium Radius Bend","No",2]
[]
["3.4.2.2.10",null,"CSV 10: 100mm RSV Gate Valve ","No",1]
[]
["3.4.2.2.11",null,"CSV 11:  100mm Dismantling Joint","No",1]
[]
["3.4.2.2.12",null,"CSV 12:  100mm ND Straight Pipe Section","No",1]
[]
["3.4.2.3",null,"Scour Valve Chamber Type-B for PN25, Complete as Shown on Drw: P1001-OL1EM-CIV-3223. Construct Chambers Complete including Excavation, Reinforcement and Concrete Work, Supply Material and install Air Vents, access Ladders, as Shown on Relevant Drawings for The Following: Chamber depth =  2.8m","No",1]
[{"$nulls":6}," "]
["3.4.2.4",null,"Extra Over 3.4.2.3 for Pipe Specials as Per Drawing 'P1001-OL1EM-CIV-1303 and 1304 for The Scour Valve Chamber Supply and install the following"]
[]
["3.4.2.4.1",null,"BSV 1:  800mm X 600mm Steel Reducer","No",2]
[]
["3.4.2.4.2",null,"BSV 2:  600mm ND Straight Section","No",2]
[]
["Carried Forward"]
["SECTION 3:  MEDIUM PRESSURE PIPELINES - SANS 1200L"]
["ITEM\nNo","PAYMENT\nREF","DESCRIPTION","UNIT","QTY","RATE","   AMOUNT\nR"]
[" Brought Forward"]
["3.4.2.4.3",null,"BSV 3:  600mm X 600mm X 600mm x 100mm Unequal Tee","No",1]
["3.4.2.4.4",null,"BSV 4:  600mm X 600mm X 350mm x 100mm Unequal Tee ","No",1]
[]
["3.4.2.4.5",null,"BSV 5:   600mm Butterfly Valve","No",1]
[]
["3.4.2.4.6",null,"BSV 6:  600mm Dismantling Joint","No",1]
[]
["3.4.2.4.7",null,"BSV 7:   350mm RSV Gate Valve ","No",1]
[]
["3.4.2.4.8",null,"BSV 8:  350mm Dismantling Joint","No",1]
[]
["3.4.2.4.9",null,"BSV 9:  350mm ND Straight Section","No",1]
[]
["3.4.2.4.10",null,"BSV 10:   100mm Medium Radius Bend","No",2]
[]
["3.4.2.4.11",null,"BSV 11:  100mm Rsv Gate Valve ","No",1]
[]
["3.4.2.4.12",null,"BSV 12:  100mm Dismantling Joint","No",1]
[]
["3.4.2.4.13",null,"BSV 13:   100mm ND Straight Pipe Section","No",1]
[]
["3.4.2.4.14",null,"BSV 14:  600mm Blank Flange with 150mm Drilled Opening, with a 150mm Flanged Pipe Section","No",1]
[]
["3.4.2.4.15",null,"BSV 15:  150mm Rsv Gate Valve ","No",1]
[]
["3.4.2.4.16",null,"BSV 16:  150mm Air Valve ","No",1]
[]
["3.4.2.9",null,"Scour Valve Chamber Type-A for PN25, Complete as Shown on Drw: P1001-OL1EM-CIV-3222. Construct Chambers Complete including Excavation, Reinforcement and Concrete Work, Supply Material and install Air Vents, access Ladders, as Shown on Relevant Drawings for The Following: Chamber depth =  2.8m","No",1]
[]
["3.4.2.10",null,"Extra Over 3.4.2.9 for Pipe Specials as Per Drawing 'P1001-OL1EM-CIV-1302 for The Scour Valve Chamber"]
[]
["Carried Forward"]
["SECTION 3:  MEDIUM PRESSURE PIPELINES - SANS 1200L"]
["ITEM\nNo","PAYMENT\nREF","DESCRIPTION","UNIT","QTY","RATE","   AMOUNT\nR"]
[" Brought Forward"]
["3.4.2.10.1",null,"SV 1: 800mm X 350mm Unequal Tee","No",1]
[]
["3.4.2.10.2",null,"SV 2: 350mm ND Straight Pipe with Thrust Flange","No",1]
[]
["3.4.2.10.3",null,"SV 3: 350mm Wedge Gate Valve ","No",1]
[]
["3.4.2.10.4",null,"SV 4: 350mm Dismantling Joint","No",1]
[]
["3.4.2.10.5",null,"SV 5: 350mm ND Straight Pipe with Thrust Flange","No",1]
[]
["3.4.2.11",null,"Scour Valve Chamber Type-A for PN25, Complete as Shown on Drw: P1001-OL1EM-CIV-3222. Construct Chambers Complete including Excavation, Reinforcement and Concrete Work, Supply Material and install Air Vents, access Ladders, as Shown on Relevant Drawings for The Following: Chamber depth =  3.8m","No",1]
[]
["3.4.2.12",null,"Extra Over 3.4.2.11 for Pipe Specials as Per Drawing 'P1001-OL1EM-CIV-1302 for The Scour Valve Chamber"]
[]
["3.4.2.12.1",null,"SV 1: 800mm X 350mm Unequal Tee","No",1]
[]
["3.4.2.12.2",null,"SV 2: 350mm ND Straight Pipe with Thrust Flange","No",1]
[]
["3.4.2.12.3",null,"SV 3: 350mm Wedge Gate Valve ","No",1]
[]
["3.4.2.12.4",null,"SV 4: 350mm Dismantling Joint","No",1]
[]
["3.4.2.12.5",null,"SV 5: 350mm ND Straight Pipe with Thrust Flange","No",1]
[]
[" Carried Forward"]
["SECTION 3:  MEDIUM PRESSURE PIPELINES - SANS 1200L"]
["ITEM\nNo","PAYMENT\nREF","DESCRIPTION","UNIT","QTY","RATE","   AMOUNT\nR"]
[" Brought Forward"]
["3.4.2.13",null,"Scour Valve Chamber Type-A for PN25, Complete as Shown on Drw: P1001-OL1EM-CIV-3222. Construct Chambers Complete including Excavation, Reinforcement and Concrete Work, Supply Material and install Air Vents, access Ladders, as Shown on Relevant Drawings for The Following: Chamber depth =  5.9m","No",1]
[]
["3.4.2.14",null,"Extra Over 3.4.2.11 for Pipe Specials as Per Drawing 'P1001-OL1EM-CIV-1302 for The Scour Valve Chamber"]
[]
["3.4.2.14.1",null,"SV 1: 800mm X 350mm Unequal Tee","No",1]
[]
["3.4.2.14.2",null,"SV 2: 350mm ND Straight Pipe with Thrust Flange","No",1]
[]
["3.4.2.14.3",null,"SV 3: 350mm Wedge Gate Valve ","No",1]
[]
["3.4.2.14.4",null,"SV 4: 350mm Dismantling Joint","No",1]
[]
["3.4.2.14.5",null,"SV 5: 350mm ND Straight Pipe with Thrust Flange","No",1]
[]
["3.4.3",null,"Isolation Valve Chambers"]
[]
["3.4.3.1",null,"Inline Isolation Valve Chamber for PN25, Complete as Shown on Drw: P1001-OL1EM-CIV-3225. Construct Chambers Complete including Excavation, Reinforcement and Concrete Work, Supply Material and install Air Vents, access Ladders, as Shown on Relevant Drawings for The Following: Chamber depth =  2.6m","No",1]
[]
["3.4.3.2",null,"Extra Over 3.4.3.1 for Pipe Specials as Per Drawing 'P1001-OL1EM-CIV-1307 for The Isolation Valve Chamber"]
[]
["3.4.3.2.1",null,"IV 1: 800mm X 600mm  Reducer","No",2]
[{"$nulls":6},{"$f":"IF(E272>0, E272*F272, \" \")","v":" "}]
[" Carried Forward"]
["SECTION 3:  MEDIUM PRESSURE PIPELINES - SANS 1200L"]
["ITEM\nNo","PAYMENT\nREF","DESCRIPTION","UNIT","QTY","RATE","   AMOUNT\nR"]
[" Brought Forward"]
["3.4.3.2.2",null,"IV 2: 600mm ND Straight Section, Flanged one End & Welded on Other with Thrust Flange","No",2]
[]
["3.4.3.2.3",null,"IV 3: 600mm x 600mm x 100mm Unequal Tee","No",2]
[]
["3.4.3.2.4",null,"IV 4: 600mm Butterfly Valve","No",1]
[]
["3.4.3.2.5",null,"IV 5: 600mm Dismantling Joint","No",1]
[]
["3.4.3.2.6",null,"IV 6: 100mm Medium Radius Bend","No",2]
[]
["3.4.3.2.7",null,"IV 7: 100mm Wedge Gate Valve Non Rising Spindle & Hand Operated","No",1]
[]
["3.4.3.2.8",null,"IV 8: 100mm Dismantling Joint","No",1]
[]
["3.4.3.2.9",null,"IV 9: 100mm ND Straight Pipe Section","No",1]
[]
["3.4.4",null,"Non-Return Valve Chamber",{"$nulls":3}," "]
[]
["3.4.4.1",null,"Non-Return Valve Chamber for PN25, Complete as Shown on Drw: P1001-OL1EM-CIV-3226. Construct Chambers Complete including Excavation, Reinforcement and Concrete Work, Supply Material and install Air Vents, access Ladders, as Shown on Relevant Drawings for The Following: Chamber depth =  2.6m","No",1]
[]
["34.4.2",null,"Extra Over 3.4.4.1 for Pipe Specials as Per Drawing 'P1001-OL1EM-CIV-1310 and 1311 for The Non-Return Valve Chamber"]
[]
["3.4.4.2.1",null,"NRV 1: 800mm X 600mm Steel Reducer","No",2]
[]
["3.4.4.2.2",null,"NRV 2: 600mm ND Straight Section, Flanged one end & Welded on other with Thrust Flange","No",2]
[]
["3.4.4.2.3",null,"NRV 3: 600mm X 600mm X 250mm x 150mm Unequal Tee, Flanged all Ends","No",1]
[]
[" Carried Forward"]
["SECTION 3:  MEDIUM PRESSURE PIPELINES - SANS 1200L"]
["ITEM\nNo","PAYMENT\nREF","DESCRIPTION","UNIT","QTY","RATE","   AMOUNT\nR"]
[" Brought Forward"]
[]
["3.4.4.2.4",null,"NRV 4: 600mm X 600mm X 350mm x 250mm Unequal Tee, Flanged all Ends","No",1]
[]
["3.4.4.2.5",null,"NRV 5: 600mm Ø Nozzle Type Non-return Valve","No",1]
[]
["3.4.4.2.6",null,"NRV 6: 300mm Long, 600mm ND Straight Steel Section","No",1]
[]
["3.4.4.2.7",null,"NRV 7: 600mm Ø Butterfly Valve","No",1]
[]
["3.4.4.2.8",null,"NRV 8: 600mm Ø Dismantling Joint","No",1]
[]
["3.4.4.2.9",null,"NRV 9: 350mm Ø Wedge Gate Valve Non Rising Spindle & Hand Operated","No",1]
[]
["3.4.4.2.10",null,"NRV 10: 350mm Ø Dismantling Joint","No",1]
[]
["3.4.4.2.11",null,"NRV 11: 350mm ND Straight Pipe Section","No",1]
[]
["3.4.4.2.12",null,"NRV 12: 250mm Ø Medium Radius Bend","No",2]
[]
["3.4.4.2.13",null,"NRV 13: 250mm RSV Gate Valve, Non Rising Spindle & Hand Operated","No",1]
[]
["3.4.4.2.14",null,"NRV 14: 250mm Ø Dismantling Joint","No",1]
[]
["3.4.4.2.15",null,"NRV 15: 250mm ND Straight Pipe Section","No",1]
[]
["3.4.4.2.16",null,"NRV 16: 600mm Blank Flange with 150mm drilled opening, with a 150mm Flanged Pipe Section","No",1]
[]
["3.4.4.2.17",null,"NRV 17: 150mm Ø Wedge Gate Valve Non Rising Spindle & Hand Operated","No",1]
[]
["3.4.4.2.18",null,"NRV 18: 150mm Air Valve (Double Orfice, Dual Aciton with Mechanism to Prevent Slamming)","No",1]
[]
["3.5","8.2.11 (b)","Anchor, Thrust Blocks, Plinths and Pedestals"]
["3.5.1",null,"Concrete Grade 15/19","m³",{"v":30,"d":"30.0"}]
[]
[" Carried Forward"]
["SECTION 3:  MEDIUM PRESSURE PIPELINES - SANS 1200L"]
["ITEM\nNo","PAYMENT\nREF","DESCRIPTION","UNIT","QTY","RATE","   AMOUNT\nR"]
[" Brought Forward"]
["3.5.2",null,"Formwork (rough Vertical)","m2",{"v":120,"d":"120.0"}]
[]
["3.5.3",null,"Steel Mesh Ref No 100","m2",100]
[]
["3.6",null,"General"]
[]
["3.6.1","PSL5.1.1","Provide Pipeline Markers along The Pipeline Route","No",30]
[]
["3.6.2","PSL5.11","Cut-in and Connect to Existing Water infrastructure within Stipulated Time Frame including all Pipework as Specified. Inclusive for both Start and End points.","Sum",1]
[]
["3.6.3","PSPS3.16","Radiographic Examination and Testing of Pipe Welded  Joints","No",200]
[]
["4.1","8.2.1","Provision of Bedding From Trench Excavation "]
[]
["4.1.1",null,"a)    Selected Granular Material","m³",{"v":50,"d":"50.0"}]
[]
["4.1.2",null,"B)    Selected Fill Material","m³",{"v":2000,"d":"2,000"}]
[]
["4.2","8.2.2","Supply only of Bedding By Importation"]
[]
[null,"8.2.2.3","From Commercial Sources"]
[]
["4.2.1",null,"a)    Selected Granular Material","m³",{"v":11500,"d":"11,500"}]
[]
["4.2.2",null,"B)    Selected Fill Material","m³",100]
[]
[]
["4.3","8.2.4","Encasing Pipes in Concrete"]
[]
[null,null,"Supply Material and Construct Concrete Encasement for 1500mm and 1200mm Nominal Diameter Pipes for River and Tarred Road Crossings as Specified on Drawings."]
[]
["4.3.1",null,"Concrete Grade 15/19","m³",20]
[]
["4.3.2",null,"Steel Mesh Ref No 100","m2",100]
[]
["Total Section 4 Carried to Summary"]
["SECTION 5:  (PIPE JACKING OF CULVERTS) - SANS 1200LG"]
["ITEM\nNo","PAYMENT\nREF","Description","UNIT","QTY","RATE","   AMOUNT\nR"]
[]
[null,null,"Pipe Jacking Under R579 "]
[]
["5.1","8.2.1","Establishment"]
[]
["5.1.1",null,"a) Fixed Charges"]
[]
["5.1.1.1",null,"Site Establishment of all Specialist Plant and Equipment, including Transportation, Excavation and Backfilling of Pits, Shoring, Dewatering of Excavations, Supply of Water and Electricity, Security Staff, etc.","Sum",1]
[null,null,"Depth of Thrust Pit:  4 M "]
[null,null,"Depth of Reception Pit: 4 M "]
[]
["5.1.2",null,"B) Time Related Charges","Sum",1]
[]
[null,null,"Supply of Pipes "]
[]
["5.2","8.2.2","Supply, Deliver and offloading of 1800 mm dia Precast Concrete Pipes for Jacking","m",30]
[]
[null,null,"Jacking of Culverts"]
[]
["5.3","8.2.3","Jacking of 1800mm dia pipes including Handling, Positioning and Joining and Supply all Subsidiary Materials","m",30]
[]
[null,null,"Excavation for Jacking"]
[]
["5.4","8.2.4","Excavation in all Materials Except Rock and Boulders","m3",150]
[]
["5.5","8.2.5","Extra Over Excavation Items for Excavation in Rock or Unforeseen Boulders  Using  Pneumatic tools or Other Techniques (Blasting not permitted):","m3",30]
[]
["5.6","8.2.9","Grouting of Voids Between Pipe and Excavation","Sum",1]
[{"$nulls":6},{"$f":"IF(E413>0, E413*F413, \" \")","v":" "}]
[]
["Total Section 5 Carried to Summary"]
["SECTION 6:  SERVICE ROADS "]
["ITEM\nNo","PAYMENT\nREF","DESCRIPTION","UNIT","QTY","RATE","   AMOUNT\nR"]
[]
[null,"SANS1200DM ","EARTHWORKS (ROADS, SUBGRADE)"]
[]
[null,"7.3.2","Preparation of Site"]
[]
[null,null,"Preparation and stripping of Site/ removal of topsoil to stated depth, stockpiling, and maintaining"]
[]
[6.1,"a)","Clear and grub (150mm deep)","m2",{"v":30000,"d":"30,000"}]
[]
[6.2,"7.3.3","Treatment of road-bed"]
[]
[null,"a)","Preparation of in-situ material to a minimum depth of 150mm and compact to"]
[]
["6.2.1","2)","Rip & recompact G8-G9 material compacted to 93% of modified AASHTO","m3",{"v":3500,"d":"3,500"}]
[]
[6.3,"7.3.4","Cut to fill, borrow to fill"]
[]
[null,null,"Cut in all material, modify/treat Colluvium and fill, compacted to 93% Modified AASHTO density in 150mm layers"]
[]
["6.3.1",null,"Filling under road layerworks","m³",{"v":1500,"d":"1,500"}]
[]
[6.4,"7.3.5","Selected layer "]
[]
["6.4.1",null,"Gravel wearing coarse (G4 TRH20 Spec) from commercial sources compacted to 95% of modified AASHTO","m3",{"v":3200,"d":"3,200"}]
[]
["6.4.2",null,"G7 base compacted to 95% of modified AASHTO","m3",{"v":3500,"d":"3,500"}]
[]
[6.5,"7.3.6","Extra-over items 8.4.4 and 8.3.5 for excavating and breaking don material in"]
[]
["6.5.1","b)","Extra over for hard rock excavation","m3",200]
[{"$nulls":6},{"$f":"IF(E448>0, E448*F448, \" \")","v":" "}]
["6.5.2","c)","Boulder excavation Class A","m3","Rate Only"]
[{"$nulls":6}," "]
["6.5.3","d)","Boulder excavation Class B","m3","Rate Only"]
[]
["Carried Forward"]
["SECTION 6:  SERVICE ROADS "]
["ITEM\nNo","PAYMENT\nREF","DESCRIPTION","UNIT","QTY","RATE","   AMOUNT\nR"]
[" Brought Forward"]
[6.6,"7.3.7","Cut to spoil"]
[null,"(a) ","Cut in all material and stockpile at designated area within freehaul distance"]
[]
["6.6.1",null,"Cut to spoil","m3",600]
[]
[null,"SANS1200D","EARTHWORKS"]
[]
[6.7,"7.3.3 ","Restricted excavation"]
[]
[null,"(a) ","Excavation in compacted material not exceeding 2m deep, backfill in 150mm layers, compacted to 90% Modified AASHTO density and dispose of surplus material within freehaul distance"]
[]
["6.7.1",null,"Earth V-drain Excavation","m3",500]
[]
["6.7.2",null,"Shaping of V-drain","m2",{"v":4700,"d":"4,700"}]
[]
["6.7.3",null,"Excavation for drift","m3",100]
[]
["6.7.4",null,"Shaping of excavation","m2",380]
[]
["6.7.5",null,"Curing using curing compound","m2",300]
[]
[null,null,"STORMWATER AND SEWER "]
[]
[null,null,"CONCRETE, FORMWORK & REINFORCEMENT ",{"$nulls":3},{"$f":"IF(E480>0, E480*F480, \" \")","v":" "}]
[null,"SANS 1200G  ","CONCRETE (STRUCTURAL)"]
[]
["6.8","7.4.3 ","Concrete grade, 20MPa/19mm","m3",70]
[]
["6.9","7.4.4 ","Unformed surface finishes"]
[]
["6.9.1","(a) ","Wood floated finish to horizontal surfaces","m2",300]
[]
["6.9.2","(b) ","Wood floated finish to falls","m2",120]
[]
[null,"7.3.2 ","High-tensile welded mesh"]
[]
["6.10",null,"Steel Mesh Ref 245","m2",350]
[]
["Total Section 6 Carried to Summary"]

{"sheet":"Part-B","index":5,"n_rows":795,"n_cols":9,"rows_kept":795,"merged":[[0,0,0,8],[1,2,1,4],[2,2,2,4],[3,2,3,4],[4,2,4,4],[5,2,5,4],[6,2,6,4],[7,2,7,4],[8,2,8,4],[9,2,9,4],[10,2,10,4],[11,2,11,4],[12,2,12,4],[13,2,13,4],[14,2,14,4],[15,0,15,7],[16,0,16,8],[17,2,17,4],[18,0,18,7],[19,2,19,4],[20,2,20,4],[21,2,21,4],[22,2,22,4],[23,2,23,4],[24,2,24,4],[25,2,25,4],[26,2,26,4],[27,2,27,4],[28,2,28,4],[29,2,29,4],[30,2,30,4],[31,2,31,4],[32,2,32,4],[33,2,33,4],[34,2,34,4],[35,0,35,7],[36,0,36,8],[37,2,37,4],[38,0,38,7],[39,2,39,4],[40,2,40,4],[41,2,41,4],[42,2,42,4],[43,2,43,4],[44,2,44,4],[45,2,45,4],[46,2,46,4],[47,2,47,4],[48,2,48,4],[49,2,49,4],[50,2,50,4],[51,2,51,4],[52,2,52,4],[53,2,53,4],[54,2,54,4],[55,2,55,4],[56,2,56,4],[57,2,57,4],[58,2,58,4],[59,2,59,4],[60,2,60,4],[61,2,61,4],[62,0,62,7],[63,0,63,8],[65,2,65,4],[66,0,66,7],[67,2,67,4],[68,2,68,4],[69,2,69,4],[70,2,70,4],[71,2,71,4],[72,2,72,4],[73,2,73,4],[74,2,74,4],[75,2,75,4],[76,2,76,4],[77,2,77,4],[78,2,78,4],[79,2,79,4],[80,2,80,4],[81,2,81,4],[82,2,82,4],[83,2,83,4],[84,2,84,4],[85,2,85,4],[86,2,86,4],[87,2,87,4],[88,2,88,4],[89,2,89,4],[90,0,90,7],[91,0,91,8],[93,2,93,4],[94,0,94,7],[95,2,95,4],[96,2,96,4],[97,2,97,4],[98,2,98,4],[99,2,99,4],[100,2,100,4],[101,2,101,4],[102,2,102,4],[103,2,103,4],[104,2,104,4],[105,2,105,4],[106,3,106,4],[107,3,107,4],[108,2,108,4],[109,3,109,4],[110,2,110,4],[111,2,111,4],[112,2,112,4],[113,3,113,4],[114,2,114,4],[115,2,115,4],[116,2,116,4],[117,2,117,4],[118,2,118,4],[119,2,119,4],[120,2,120,4],[121,2,121,4],[122,0,122,7],[123,0,123,8],[124,2,124,4],[125,2,125,4],[126,2,126,4],[127,2,127,4],[128,2,128,4],[129,2,129,4],[130,2,130,4],[131,2,131,4],[132,2,132,4],[133,2,133,4],[134,2,134,4],[135,2,135,4],[136,0,136,7],[137,0,137,8],[138,2,138,4],[140,2,140,4],[141,2,141,4],[142,2,142,4],[143,2,143,4],[144,2,144,4],[145,2,145,4],[146,2,146,4],[147,2,147,4],[148,2,148,4],[149,2,149,4],[150,2,150,4],[151,2,151,4],[152,2,152,4],[153,0,153,7],[154,0,154,8],[155,2,155,4],[156,0,156,7],[157,2,157,4],[158,2,158,4],[159,2,159,4],[160,2,160,4],[161,2,161,4],[162,2,162,4],[163,2,163,4],[164,2,164,4],[165,2,165,4],[166,2,166,4],[167,2,167,4],[168,2,168,4],[169,2,169,4],[170,2,170,4],[171,0,171,7],[172,0,172,8],[173,2,173,4],[174,0,174,7],[175,2,175,4],[176,2,176,4],[177,2,177,4],[178,2,178,4],[179,2,179,4],[180,2,180,4],[181,2,181,4],[182,2,182,4],[183,2,183,4],[184,2,184,4],[185,2,185,4],[186,2,186,4],[187,2,187,4],[188,2,188,4],[189,2,189,4],[190,0,190,7],[191,0,191,8],[192,2,192,4],[194,2,194,4],[195,2,195,4],[196,2,196,4],[197,2,197,4],[198,2,198,4],[199,2,199,4],[200,2,200,4],[201,2,201,4],[202,2,202,4],[203,2,203,4],[204,2,204,4],[205,2,205,4],[206,2,206,4],[207,0,207,7],[208,0,208,8],[209,2,209,4],[210,0,210,7],[211,2,211,4],[212,2,212,4],[213,2,213,4],[214,2,214,4],[215,2,215,4],[216,2,216,4],[217,2,217,4],[218,2,218,4],[219,2,219,4],[220,0,220,7],[221,0,221,8],[222,2,222,4],[223,0,223,7],[224,2,224,4],[225,2,225,4],[226,2,226,4],[227,2,227,4],[228,2,228,4],[229,2,229,4],[230,2,230,4],[231,2,231,4],[232,0,232,7],[233,0,233,8],[234,2,234,4],[235,0,235,7],[236,2,236,4],[237,2,237,4],[238,2,238,4],[239,2,239,4],[240,2,240,4],[241,2,241,4],[242,2,242,4],[243,2,243,4],[244,2,244,4],[245,2,245,4],[246,2,246,4],[247,2,247,4],[248,0,248,7],[249,0,249,8],[250,2,250,4],[251,0,251,7],[252,2,252,4],[253,2,253,4],[254,2,254,4],[255,2,255,4],[256,2,256,4],[257,2,257,4],[258,2,258,4],[259,2,259,4],[260,2,260,4],[261,2,261,4],[262,2,262,4],[263,2,263,4],[264,0,264,7],[265,0,265,8],[266,2,266,4],[267,2,267,4],[268,2,268,4],[305,0,305,7],[306,0,306,8],[307,2,307,4],[308,0,308,7],[339,0,339,7],[340,0,340,8],[341,2,341,4],[342,0,342,7],[359,2,359,4],[378,0,378,7],[379,0,379,8],[380,2,380,4],[381,0,381,7],[416,0,416,7],[417,0,417,8],[418,2,418,4],[419,0,419,7],[448,0,448,7],[449,0,449,8],[450,2,450,4],[451,0,451,7],[452,2,452,4],[454,2,454,4],[486,0,486,7],[487,0,487,8],[488,2,488,4],[489,0,489,7],[518,0,518,7],[519,0,519,8],[520,2,520,4],[521,0,521,7],[543,2,543,4],[545,2,545,4],[546,2,546,4],[547,2,547,4],[548,2,548,4],[549,2,549,4],[550,0,550,7],[551,0,551,8],[552,2,552,4],[553,0,553,7],[554,2,554,4],[555,2,555,4],[556,2,556,4],[557,2,557,4],[558,2,558,4],[559,2,559,4],[560,2,560,4],[561,2,561,4],[562,2,562,4],[563,2,563,4],[564,2,564,4],[565,2,565,4],[566,2,566,4],[567,2,567,4],[568,2,568,4],[569,2,569,4],[570,2,570,4],[571,2,571,4],[572,2,572,4],[573,2,573,4],[574,2,574,4],[575,0,575,7],[576,0,576,8],[577,2,577,4],[578,0,578,7],[579,2,579,4],[580,2,580,4],[581,2,581,4],[582,2,582,4],[583,2,583,4],[584,2,584,4],[585,2,585,4],[586,2,586,4],[587,2,587,4],[588,2,588,4],[589,2,589,4],[590,2,590,4],[591,2,591,4],[592,2,592,4],[593,2,593,4],[594,2,594,4],[595,2,595,4],[596,2,596,4],[597,2,597,4],[598,2,598,4],[599,2,599,4],[600,2,600,4],[601,2,601,4],[602,2,602,4],[603,2,603,4],[604,0,604,7],[605,0,605,8],[606,2,606,4],[607,0,607,7],[608,2,608,4],[609,2,609,4],[610,2,610,4],[611,2,611,4],[612,2,612,4],[613,2,613,4],[614,2,614,4],[615,2,615,4],[616,2,616,4],[617,2,617,4],[618,2,618,4],[619,2,619,4],[620,2,620,4],[621,2,621,4],[622,2,622,4],[623,2,623,4],[624,2,624,4],[625,2,625,4],[626,2,626,4],[627,2,627,4],[628,2,628,4],[629,2,629,4],[630,2,630,4],[631,2,631,4],[632,2,632,4],[633,2,633,4],[634,2,634,4],[635,2,635,4],[636,2,636,4],[637,0,637,7],[638,0,638,8],[639,2,639,4],[640,0,640,7],[641,2,641,4],[642,2,642,4],[643,2,643,4],[644,2,644,4],[645,2,645,4],[646,2,646,4],[647,2,647,4],[648,2,648,4],[649,2,649,4],[650,2,650,4],[651,2,651,4],[652,2,652,4],[653,2,653,4],[654,2,654,4],[655,2,655,4],[656,2,656,4],[657,2,657,4],[658,2,658,4],[659,2,659,4],[660,2,660,4],[661,2,661,4],[662,2,662,4],[663,2,663,4],[664,2,664,4],[665,2,665,4],[666,0,666,7],[667,0,667,8],[668,2,668,4],[669,0,669,7],[670,2,670,4],[671,2,671,4],[672,2,672,4],[673,2,673,4],[674,2,674,4],[675,2,675,4],[676,2,676,4],[677,2,677,4],[678,2,678,4],[679,2,679,4],[680,2,680,4],[681,2,681,4],[682,2,682,4],[683,2,683,4],[684,2,684,4],[685,2,685,4],[686,2,686,4],[687,2,687,4],[688,0,688,7],[689,0,689,8],[690,2,690,4],[691,0,691,7],[692,2,692,4],[693,2,693,4],[694,2,694,4],[695,2,695,4],[696,2,696,4],[697,2,697,4],[698,2,698,4],[699,2,699,4],[700,2,700,4],[701,2,701,4],[702,2,702,4],[703,2,703,4],[704,2,704,4],[705,2,705,4],[706,2,706,4],[707,2,707,4],[708,2,708,4],[709,2,709,4],[710,2,710,4],[711,2,711,4],[712,2,712,4],[713,0,713,7],[714,0,714,8],[715,2,715,4],[716,0,716,7],[717,2,717,4],[718,2,718,4],[719,2,719,4],[720,2,720,4],[721,2,721,4],[722,2,722,4],[723,2,723,4],[724,2,724,4],[725,2,725,4],[726,2,726,4],[727,2,727,4],[728,2,728,4],[729,2,729,4],[730,2,730,4],[731,2,731,4],[732,2,732,4],[733,2,733,4],[734,2,734,4],[735,2,735,4],[736,0,736,7],[737,0,737,8],[738,2,738,4],[739,0,739,7],[740,2,740,4],[741,2,741,4],[742,2,742,4],[743,2,743,4],[744,2,744,4],[745,2,745,4],[746,2,746,4],[747,2,747,4],[748,2,748,4],[749,2,749,4],[750,2,750,4],[751,2,751,4],[752,2,752,4],[753,2,753,4],[754,2,754,4],[755,2,755,4],[756,2,756,4],[757,2,757,4],[758,2,758,4],[759,2,759,4],[760,2,760,4],[761,2,761,4],[762,2,762,4],[763,2,763,4],[764,2,764,4],[765,2,765,4],[766,0,766,7],[767,0,767,8],[768,2,768,4],[769,0,769,7],[770,2,770,4],[771,2,771,4],[772,2,772,4],[773,2,773,4],[774,2,774,4],[775,2,775,4],[776,2,776,4],[777,2,777,4],[778,2,778,4],[779,2,779,4],[780,2,780,4],[781,2,781,4],[782,2,782,4],[783,2,783,4],[784,2,784,4],[785,2,785,4],[786,2,786,4],[787,2,787,4],[788,2,788,4],[789,2,789,4],[790,2,790,4],[794,0,794,7]]}
["SECTION 2 - OLIFANTSPOORT WATER TREATMENT WORKS PROCESS"]
["ITEM No","PAYMENT\n REF","DESCRIPTION",null,null,"UNIT","QTY","RATE","AMOUNT"]
[1,null,"WATER TREATMENT WORKS PROCESS  WORKS"]
["1.1",null,"Lime Dosing System"]
["1.1.1",null,"Design, manufacture, test at works, supply, install and test at site of Mechanical Lifting Device to lift 25kg bags of Lime",null,null,"No",1]
["1.1.2",null,"Design, manufacture, test at works, supply, install and test at site 500kg Hydrated Lime Storage Silo with Conical Lower Section at an Angle of 70° to the Horizontal complete with",null,null,"No",1]
["1.1.3",null,"Design, supply and install Steel Steps and Platform to facilitate empting 25kg bags of lime into the Silo",null,null,"No",1]
["1.1.4",null,"Design, manufacture, test at works, supply, install and test at site of Lime Screw Feeder with capacity to feed 8kg dry hudrated lime per hour to mixing tank complete with variable speed controlled motor compete with PLC panel",null,null,"No",1]
["1.1.5",null,"Design, manufacture, test at works, supply, install and test at site of a peristaltic pump suitable to pump 100l/h of lime slurry complete with accessories",null,null,"No",1]
["1.1.6",null,"Design, manufacture, test at works, supply, install and test at site of Vibrating Bin Activator connected to the bottom of Silo Cone incorporated with a manually operated Knife-gate Isolation Valve",null,null,"no",1]
["1.1.7",null,"Commissioning of pre-chlorine dosing system",null,null,"sum",1]
["1.2",null,"Pre-Chlorine Dosing System"]
["1.2.1",null,"Chloring cylinder scale with full functional LED indicator",null,null,"no",2]
["1.2.2",null,"Cylinder to be fitted with automatic container shut-off/auto valve shutdown system",null,null,"no",2]
["1.2.3",null,"Vacuum eductors with rotameters and control valve to supply up to 20kg/h",null,null,"no",2]
["Carried Forward"]
["SECTION 2 - OLIFANTSPOORT WATER TREATMENT WORKS PROCESS"]
["ITEM No","PAYMENT\n REF","DESCRIPTION",null,null,"UNIT","QTY","RATE","AMOUNT"]
["Brought Forward"]
["1.2.4",null,"Chlorine 80uPVC pipework, measurement and all fittings to be confimed on sideto be confimed on site",null,null,"sum",1]
["1.2.5",null,"Pre-chorine load cells",null,null,"no",2]
["1.2.6",null,"Chlorine room safety equipment includng gas leak detection, safety shower and eye wash, breathing apparatus and safety/warning signage",null,null,"sum",1]
["1.2.7",null,"Pre-chloring dosing pumps with flow meter complete with control Panel ",null,null,"no",3]
["1.2.8",null,"Refurbishment of the makeup water pumps",null,null,"no",3]
["1.2.10",null,"Commissioning of pre-chlorine dosing system",null,null,"sum",1]
["1.3",null,"Power Activate Carbon (PAC) Dosing System"]
["1.3.1",null,"Refurbishment of PAC dosing system including replacement of 3 dosing pumps",null,null,"sum",1]
["1.3.2",null,"Design, supply and install PAC pump MCC panel (3 dosing pumps) complete with PLC panel",null,null,"no",1]
["1.3.3",null,"Commissioning of the PAC dosing system",null,null,"sum",1]
["1.4",null,"Polyelctrolyte Dosing System"]
["1.4.1",null,"Supply and install polyelectrolyte feeder pipeline with hydrant connector (75mm with adaptors to accommodate 50mm, 75mm and 100mm for different tanker suppliers) ",null,null,"sum",1]
["1.4.2",null,"Replace the polyelectrolyte transfer pump (0.75kW) with new dual polyelectrolyte transfer pumps complete with local control MCC panel",null,null,"no",2]
["1.4.3",null,"Supply and installation of 25mm diameter PVC pipeline complete with valves on the transfer pumps to enable recirculating of polyelectrolyte ",null,null,"sum",1]
["1.4.4",null,"Supply and install 25mm diamter valve with clip-on 10m detachable flexible hose ",null,null,"Sum",1]
["1.4.5",null,"Mixer on polyelectrolyte make-up tank (EML MS80114 or equivalent)",null,null,"no",1]
["Carried Forward"]
["SECTION 2 - OLIFANTSPOORT WATER TREATMENT WORKS PROCESS"]
["ITEM No","PAYMENT\n REF","DESCRIPTION",null,null,"UNIT","QTY","RATE","AMOUNT"]
["Brought Forward"]
["1.4.6",null,"Flow meter on 25mm polyelectrolyte dosing line to measure up to 50l/h",null,null,"no",2]
["1.4.7",null,"1.8m chemical feeder across flow channel (Module 1)",null,null,"no",1]
["1.5",null,"Post-Chlorine Dosing System"]
["1.5.1",null,"Chlorine room safety equipment includng gas leak detection, safety shower and eye wash, breathing apparatus and safety/warning signage",null,null,"sum",1]
["1.5.2",null,"Post-chlorine dosing pumps with flow meter complete with control Panel",null,null,"no",3]
["1.6",null,"Module 1 Rapid Mix and Flocculation Channel"]
["1.6.1","PSG8.1.1","Formwork"]
["1.6.1.1","8.2","Scheduled Formwork Items"]
["1.6.1.1.1","8.2.2","Smooth"]
[null,null,"a) Vertical plane to walls of channel Rapid Mixer",null,null,"m²",25]
[null,null,"b) Vertical plane to First 5 Flocculation Channels",null,null,"m²",32]
[null,null,"c) Vertical plane to Last 5 Flocculation Channels",null,null,"m²",160]
["1.6.1.2","8.3","Scheduled Reinforcement Items"]
[null,"8.3.1","a) High tensile steel bars Y12",null,null,"t",0.8]
[null,null,"(Rapid Mixer - Wall Extensions)"]
[null,"8.3.1","b) High tensile steel bars Y12",null,null,"t",0.62]
[null,null,"(First 5 Flocculation Channels Wall Ext)"]
[null,"8.3.1","c) High tensile steel bars Y12",null,null,"t",2.2]
[null,null,"(Last 5 Flocculation Channels Wall Ext)"]
["1.6.1.3","8.4","Scheduled Concrete Items"]
["1.6.1.3.1","8.4.3","Grade 25/19 for:"]
[null,null,"a) Rapid Mixer",null,null,"m³",3.6]
[null,null,"b) First 5 Flocculation Channels",null,null,"m³",2.8]
["Carried Forward"]
["SECTION 2 - OLIFANTSPOORT WATER TREATMENT WORKS PROCESS"]
[]
["ITEM No","PAYMENT\n REF","DESCRIPTION",null,null,"UNIT","QTY","RATE","AMOUNT"]
["Brought Forward"]
["1.6.1.3.2","8.4.4","Unformed surface finishes"]
[null,null,"a) Steel float finish to Rapid Mixer walls",null,null,"m²",25]
[null,null,"b) Steel float finish to First 5 Flocculation Channel walls",null,null,"m²",32]
[null,null,"c) Steel float finish to Last 5 Flocculation Channel walls",null,null,"m²",160]
["1.6.1.4","8.5","Joints"]
[null,null,"Form Construction joints complete with sealing, waterstop, bandage joint as applicable for the following:"]
[null,null,"a) Rapid Mixer",null,null,"m",12]
[null,null,"b) First 5 Flocculation Channels",null,null,"m",31]
[null,null,"c) Last 5 Flocculation Channels",null,null,"m",55]
["1.6.1.5","8.7","Grouting"]
[null,null,"a) Rapid Mixer (Wall Extensions) ",null,null,"No",120]
[null,null,"(Hole of 100mm x 150mm x 150mm)"]
[null,null,"b) First 5 Flocculation Channels (Wall Ext)",null,null,"No",310]
[null,null,"(Hole of 100mm x 150mm x 150mm)"]
[null,null,"c) Last 5 Flocculation Channels (Wall Ext)",null,null,"No",550]
[null,null,"(Hole of 100mm x 150mm x 150mm)"]
["1.6.1.6","PSG","Sundries"]
[null,"PSG8.9","a) Testing Channel for water tightness",null,null,"Sum",1]
[null,"PSG8.10","b) Cleaning, disinfecting and sterilising channels",null,null,"Sum",1]
[null,null,"c) Waterproofing concrete admixure",null,null,"Litres",650]
[null,null,"d) Scarify existing concrete walls for better bonding between old & new concrete (250mm wide walls)",null,null,"m",490]
["1.7",null,"Module 1 Sedimentation Basins"]
["1.7.1",null,"Drain and Clean sedimetation basin 11mx42m",null,null,"no",3]
["Carried Forward"]
["SECTION 2 - OLIFANTSPOORT WATER TREATMENT WORKS PROCESS"]
[]
["ITEM No","PAYMENT\n REF","DESCRIPTION",null,null,"UNIT","QTY","RATE","AMOUNT"]
["Brought Forward"]
["1.7.3",null,"Supply and install baffle plate 11m x 1.5m",null,null,"m²",{"$f":"11*1.5","v":16.5}]
["1.7.4",null,"Supply and install steel Vee notch overflow weir 9m length",null,null,"m",18]
["1.8",null,"Module 2 Sedimentation Basins"]
["1.8.1",null,"Drain and Clean sedimetation basin 17mx38,6m",null,null,"no",2]
["1.8.2",null,"Supply and install steel framework for lamella tube settlers as per supplier's specification",null,null,"m³",153]
["1.8.3",null,"Supply and install baffle plate 11m x 1.5m",null,null,"m²",16.5]
["1.8.4",null,"Supply and install steel Vee notch overflow weir 9m length",null,null,"m",18]
[null,null,"Sand Filters Blocks"]
["1.9","PSG 8.1.1","Formwork"]
[null,"8.2","Scheduled Form Items"]
[null,"8.2.2","Smooth"]
["1.9.1",null,"a)","Vertical plane to sand filter wall extensions",null,"m²",84]
["1.9.2",null,"b)","Vertical plane to wall baffles in channel",null,"m²",33]
[null,"8.3","Scheduled Reinforcement items"]
["1.9.3","8.3.2","a)","High tensile steel bars Y10 (Sand Filter Wall Extension)",null,"t",16]
[null,"8.4","Scheduled Concrete Items "]
["1.9.4","8.4.2","Grade 15/19 Concrete Blinding layer 75mm thick",null,null,"m²",264]
[null,"8.4.3","Grade 25/19 for:"]
["1.9.5",null,"a)","Sand Filter Wall Extensions",null,"m³",95]
[null,"8.4.4","Unformed surface finishes"]
[null,null,"a) Steel float finish to Sand Filter wall extensions",null,null,"m²",135]
[null,"8.7","Grouting"]
["1.9.6",null,"a) For Anchor bolts - M16, 120mm Long",null,null,"no",40]
["1.9.7",null,"b) For Sand filter wall extension (Hole 100mm x 150mm x 150mm) (As Specified on drawing)",null,null,"no",336]
[null,null,"Filter Sand Replacement"]
["1.9.8",null,"Removal and stockpile of filter sand 12.5m³ per filter",null,null,"no",24]
["1.9.9",null,"Placement of filter graded anthracite in each filter 17.6m³ per filter",null,null,"no",24]
["Total Section 2 Carried to Summary"]
["SECTION 3 - OLIFANTSPOORT WATER TREATMENT WORKS - MECHANICAL REFURBISHMENT"]
["ITEM No","PAY\n REF","DESCRIPTION",null,null,"UNIT","QTY","RATE","AMOUNT"]
[2,null,"MECHANICAL REFURBISHMENT WORKS"]
["2.1",null,"Back Wash Blowers and Valves"]
["2.1.1",null,"Removal of existing backwash blowers, valves and piping,  then deliver and off-load to the site which will be specified by LNW",null,null,"Sum",1]
["2.1.2",null,"Supply, delivery; installation and commissioning of new 2 off horizontal backwash blowers similar/equivalent  to an existing or latest version of  Robuschi Blower 7\" x 17\".  ",null,null,"No",2]
["2.1.3",null,"Supply, delivery; installation and commissioning of new 2 off horizontal backwash blower suction valves for the  supplied valves. Valves diameters and pressure rating shall be as per the recommendation from blower OEM.  ",null,null,"No",2]
["2.1.4",null,"Supply, delivery; installation and commissioning of new 2 off horizontal backwash blower delivery valves for the  supplied valves. Valves diameters and pressure rating shall be as per the recommendation from blower OEM",null,null,"No",2]
["2.1.5",null,"Manufacture, modify, supply, delivery and installation of piping and specials to suit the supplied blower and valves. Installation shall tie-in with an existing piping inside the backwash blower room. No piping shall be modified beyond backwash blower room.",null,null,"Sum",1]
["2.2",null,"Filter Valves"]
[null,null,"Maintenance/ refurbihsment of all filter block valves (Module 1 and Module 2)",null,null,"no",72]
[null,null,"Maintenance/ refurbihsment of all Module 2 Flocculation Channels Valves",null,null,"no",2]
[null,null,"Maintenance/ refurbihsment of all Module 1 Flocculation Channels Valves",null,null,"no",9]
["Total Section 3 Carried to Summary"]
["SECTION 4 - OLIFANTSPOORT WATER TREATMENT WORKS - ELECTRICAL REFURBISHMENT"]
["ITEM No","PAY\n REF","DESCRIPTION",null,null,"UNIT","QTY","RATE","AMOUNT"]
[3,null,"ELECTRICAL REFURBISHMENT WORKS"]
["3.1",null,"WTW Main Power Supply"]
["3.1.1",null,"Maintenance of 500kVA 33000/400V WTW Transformers including all transformer electrical tests, dissolved gas analysis and replacement of silica gel",null,null,"no",2]
["3.1.2",null,"Maintenance of Main 400V Distribuition Board including infrared scanning ",null,null,"no",1]
["3.2",null,"Filter Block 1 "]
["3.2.1",null,"Design, manufacutre, test at works, supply, install, test on site of  Electrical Actuators (Rotok orequivalent) for all valves complete with Remote IO card for PLC and SCADA control and monitoring",null,null,"no",36]
["3.2.2",null,"Design, manufacutre, test at works, supply, install, test on site of Wall Mounted 400V Switchboard as per attach drawing ",null,null,"no",1]
["3.2.3",null,"Design, manufacutre, test at works, supply, install, test on site of 5kVA Uninterruptible Power Supply (UPS) complete with batteries)",null,null,"no",1]
["3.2.4",null,"General electrical works including lighting replacement (with energy efficient lighting) and small power sockets)",null,null,"Prov Sum",1,{"v":5000,"d":"5,000.00"},{"$f":"G148*H148","v":{"v":5000,"d":"5,000.00"}}]
["3.2.5",null,"Earthing and Lightning Protection Testing and Repairs by Specialist Contractor",null,null,"PC Sum",1,{"v":15000,"d":"15,000.00"},{"v":15000,"d":"15,000.00"}]
["3.2.6",null,"Supply and install 4mm² 4-core PVCPVCSWAPVC Cable complete with terminations (lugs, ",null,null,"m",500]
["3.2.7",null,"Supply and install cable support systems (e.g cable trays, etc.)",null,null,"Prov Sum",1,{"v":15000,"d":"15,000.00"},{"v":15000,"d":"15,000.00"}]
["3.3",null,"Filter Block 2 "]
["3.3.1",null,"Design, manufacutre, test at works, supply, install, test on site of Electrical Actuators (Rotok orequivalent) for all valves complete with Remote IO card for PLC and SCADA control and monitoring",null,null,"no",36]
["Carried Forward"]
["SECTION 4 - OLIFANTSPOORT WATER TREATMENT WORKS - ELECTRICAL REFURBISHMENT"]
["ITEM No","PAY\n REF","DESCRIPTION",null,null,"UNIT","QTY","RATE","AMOUNT"]
["Brought Forward"]
["3.3.2",null,"Design, manufacutre, test at works, supply, install, test on site of Wall Mounted 400V Switchboard as per attach drawing ",null,null,"no",1]
["3.3.3",null,"General electrical works including lighting replacement (with energy efficient lighting) and small power sockets)",null,null,"Prov Sum",1,{"v":5000,"d":"5,000.00"},{"$f":"G159*H159","v":{"v":5000,"d":"5,000.00"}}]
["3.3.4",null,"Earthing and Lightning Protection Testing and Repairs by Specialist Contractor",null,null,"PC Sum",1,{"v":15000,"d":"15,000.00"},{"v":15000,"d":"15,000.00"}]
["3.3.5",null,"Supply and install 4mm² 4-core PVCPVCSWAPVC Cable",null,null,"m",500]
["3.3.6",null,"Supply and install cable support systems (e.g cable trays, etc.)",null,null,"Prov Sum",1,{"v":15000,"d":"15,000.00"},{"$f":"G162*H162","v":{"v":15000,"d":"15,000.00"}}]
["3.4",null,"Pre-Chlorine Room"]
["3.4.1",null,"Design, supply and install pre-chlorine and makeup water pumps control panel complete PLC Panel",null,null,"sum",1]
["3.4.2",null,"General electrical works including lighting replacement (with energy efficient lighting), small power sockets, etc.)",null,null,"Prov Sum",1,{"v":3000,"d":"3,000.00"},{"$f":"G165*H165","v":{"v":3000,"d":"3,000.00"}}]
["3.4.3",null,"Earthing and Lightning Protection Testing and Repairs by Specialist Contractor",null,null,"PC Sum",1,{"v":15000,"d":"15,000.00"},{"v":15000,"d":"15,000.00"}]
["3.4.4",null,"Percentage on PC for charges and profits",null,null,"%",null,{"$f":"H166","v":{"v":15000,"d":"15,000.00"}}]
["3.4.5",null,"Supply and install 4mm² 4-core PVCPVCSWAPVC Cable",null,null,"m",500]
["3.4.6",null,"Supply and install cable support systems (e.g cable trays, etc.)",null,null,"Prov Sum",1,{"v":15000,"d":"15,000.00"},{"$f":"G169*H169","v":{"v":15000,"d":"15,000.00"}}]
["3.5",null,"Power Activate Carbon (PAC) Dosing System"]
["3.5.1",null,"Design, supply and install PAC pump MCC panel (3 dosing pumps) complete with PLC panel",null,null,"no",1]
["Carried Forward"]
["SECTION 4 - OLIFANTSPOORT WATER TREATMENT WORKS - ELECTRICAL REFURBISHMENT"]
["ITEM No","PAY\n REF","DESCRIPTION",null,null,"UNIT","QTY","RATE","AMOUNT"]
["Brought Forward"]
["3.5.2",null,"General electrical works including lighting replacement (with energy efficient lighting), small power sockets, etc.)",null,null,"Prov Sum",1,{"v":3000,"d":"3,000.00"},{"$f":"G176*H176","v":{"v":3000,"d":"3,000.00"}}]
["3.5.3",null,"Earthing and Lightning Protection Testing and Repairs by Specialist Contractor",null,null,"PC Sum",1,{"v":15000,"d":"15,000.00"},{"v":15000,"d":"15,000.00"}]
["3.5.4",null,"Percentage on PC for charges and profits",null,null,"%",null,{"$f":"H177","v":{"v":15000,"d":"15,000.00"}}]
["3.5.5",null,"Supply and install 4mm² 4-core PVCPVCSWAPVC Cable",null,null,"m",500]
["3.5.6",null,"Supply and install cable support systems (e.g cable trays, etc.)",null,null,"Prov Sum",1,{"v":15000,"d":"15,000.00"},{"$f":"G180*H180","v":{"v":15000,"d":"15,000.00"}}]
["3.6",null,"Blower Room"]
["3.6.1",null,"Maintenance and refurbishment of existing air blower MCC Panel including infrared scanning, checking all wiring and replacing faulty equipment. Detailed assessmnet of the panel to be done and recommendation to be submitted to the engineer for approval prior to work being carried out",null,null,"Sum",1]
["3.6.2",null,"General electrical works including lighting replacement (with energy efficient lighting), small power sockets, etc.)",null,null,"Prov Sum",1,{"v":3500,"d":"3,500.00"},{"v":3500,"d":"3,500.00"}]
["3.6.3",null,"Earthing and Lightning Protection Testing and Repairs by Specialist Contractor",null,null,"PC Sum",1,{"v":15000,"d":"15,000.00"},{"v":15000,"d":"15,000.00"}]
["3.6.4",null,"Percentage on PC for charges and profits",null,null,"%",null,{"$f":"H184","v":{"v":15000,"d":"15,000.00"}}]
["3.7",null,"Post-Chlorine Room"]
["3.7.1",null,"Design, supply and install pre-chlorine and makeup water pumps control panel complete PLC Panel",null,null,"sum",1]
["3.7.2",null,"General electrical works including lighting replacement (with energy efficient hazardous environment lighting , small power sockets, etc.)",null,null,"Prov Sum",1,{"v":5500,"d":"5,500.00"},{"$f":"G188*H188","v":{"v":5500,"d":"5,500.00"}}]
["3.7.3",null,"Earthing and Lightning Protection Testing and Repairs by Specialist Contractor",null,null,"PC Sum",1,{"v":8500,"d":"8,500.00"},{"v":8500,"d":"8,500.00"}]
["3.7.4",null,"Percentage on PC for charges and profits",null,null,"%",null,{"$f":"H189","v":{"v":8500,"d":"8,500.00"}}]
["Total Section 5 Carried to Summary"]
["SECTION 5 - OLIFANTSPOORT WATER TREATMENT WORKS -CONTROL & INSTRUMENTATION REFURBISHMENT"]
["ITEM No","PAY\n REF","DESCRIPTION",null,null,"UNIT","QTY","RATE","AMOUNT"]
[4,null,"CONTROL + INSTRUMENTATION  REFURBISHMENT WORKS"]
["4.1",null,"Instrumentation and Control Cabling"]
["4.1.1",null,"Supply and delivery of Cat 6 unshielded 4 twisted pairs 24 gauge copper cable inclusive of cable straps and cable markers",null,null,"m",500]
["4.1.2",null,"Supply, delivery and terminate RJ45 plugs onto Cat 5 unshielded 4 twisted pairs 24 gauge copper cable. ",null,null,"No.",20]
["4.1.3",null,"Install Cat 5 cables and RJ45 plug between devices and Ethernet 10/100 switch mounted in PLC cabinet.",null,null,"m",500]
["4.1.4",null,"Supply and delivery to site 12 Core 50/125 SWA fibre optic cable inclusive of cable straps, lugs, core markers and cable markers.  ",null,null,"m",2000]
["4.1.5",null,"Supply and delivery to site CCG Posi Gland to suit  12 Core 50/125 SWA fibre optic cable. ",null,null,"No.",20]
["4.1.6",null,"Install 12 Core 50/125 SWA fibre optic cable in prepared trench between MCC's",null,null,"m",2000]
["4.1.7",null,"Gland, splice and terminate 12 Core 50/125 SWA fibre optic cable. ",null,null,"End",20]
["4.1.8",null,"Test Fibre Optic Cables",null,null,"Sum",1]
["4.1.9",null,"Supply and delivery of 6 ports fibre optic splice box complete with fibre patch leads.",null,null,"no",6]
["4.1.10",null,"Installation, commissioning and testing of 6 ports fibre optic splice box complete with fibre patch leads.",null,null,"no",6]
["4.1.11",null,"Supply and delivery of 24 ports fibre optic splice box complete with fibre patch leads.",null,null,"no",1]
["4.1.12",null,"Installation, commissioning and testing of 24 ports fibre optic splice box complete with fibre patch leads.",null,null,"no",1]
["Carried Forward"]
["SECTION 5 - OLIFANTSPOORT WATER TREATMENT WORKS -CONTROL & INSTRUMENTATION REFURBISHMENT"]
["ITEM No","PAY\n REF","DESCRIPTION",null,null,"UNIT","QTY","RATE","AMOUNT"]
["Brought Forward"]
["4.1.13",null,"Supply and Install 6U Networking cabinet -  19\" rack mounted type, including all necessary mounting brackets.",null,null,"no",1]
["4.1.14",null,"Design, supply, configure and testing of  10/100/1000  industrial Managed Ethernet Switches - 24 ports with 4 managed GB F/O ports, complete with SFPs.\n",null,null,"no",1]
["4.2",null,"Module 1 Filters PLC"]
["4.2.1",null,"Design, test, deliver to site, install and commissioning of a new PLC System including all networking equipment. Including PLC panel similar to exisitng Module 2 Filters PLC. Complete with trunking,terminals,fused terminals,surge arrestors,circuit breakers and panel wiring inclusive of  lugs, core markers, cable markers and mechanical fittings and fixtures.",null,null,"no",1]
["4.2.2",null,"Design, supply, configure and testing of  10/100/1000 Managed Ethernet Switches - 8 ports with 2 managed GB F/O ports , complete with SFPs.\n",null,null,"no",1]
["4.2.3",null,"PLC programming as per P & ID,  process and control description and control philosophies for various process areas. Including the monitoring of the Polyelectrolite dosing plant.",null,null,"no",1]
["4.3",null,"Module 2 Filters PLC"]
["4.3.1",null,"Design, test, deliver to site, install and commissioning of a new PLC System including all networking equipment.Complete with trunking,terminals,fused terminals,surge arrestors,circuit breakers and panel wiring inclusive of  lugs, core markers, cable markers and mechanical fittings and fixtures. (Excluding PLC panel)",null,null,"no",1]
["4.3.2",null,"Design, supply, configure and testing of  10/100/1000 Managed Ethernet Switches - 8 ports with 2 managed GB F/O ports, complete with SFPs.\n",null,null,"no",1]
["Carried Forward"]
["SECTION 5 - OLIFANTSPOORT WATER TREATMENT WORKS -CONTROL & INSTRUMENTATION REFURBISHMENT"]
["ITEM No","PAY\n REF","DESCRIPTION",null,null,"UNIT","QTY","RATE","AMOUNT"]
["Brought Forward"]
["4.3.3",null,"PLC programming as per P & ID,  process and control description and control philosophies for various process areas. ",null,null,"no",1]
["4.4",null,"Blowers PLC"]
["4.4.1",null,"Design, test, deliver to site, install and commissioning of a new PLC System including all networking equipment.  Complete with trunking,terminals,fused terminals,surge arrestors,circuit breakers and panel wiring inclusive of  lugs, core markers, cable markers and mechanical fittings and fixtures. (PLC system to be integrated into existing LV Board)",null,null,"no",1]
["4.4.2",null,"Design, supply, configure and testing of  10/100/1000 Managed Ethernet Switches - 8 ports with 2 managed GB F/O ports.\n",null,null,"no",1]
["4.4.3",null,"PLC programming as per P & ID,  process and control description and control philosophies for various process areas. Including the monitoring of the Chlorine dosing plant.",null,null,"no",1]
["4.5",null,"Polyelectrolyte Remote IO system"]
["4.5.1",null,"Design, test, deliver to site, install and commissioning of a new Remote I/O panel including all hardware & networking equipment.  Complete with trunking, terminals, fused terminals, surge arrestors, circuit breakers and panel wiring inclusive of lugs, core markers, cable markers and mechanical fittings and fixtures. As per the specification.",null,null,"no",1]
["4.5.2",null,"PLC programming as per P & ID,  process and control description and control philosophies for various process areas.",null,null,"no",1]
["Carried Forward"]
["SECTION 5 - OLIFANTSPOORT WATER TREATMENT WORKS -CONTROL & INSTRUMENTATION REFURBISHMENT"]
["ITEM No","PAY\n REF","DESCRIPTION",null,null,"UNIT","QTY","RATE","AMOUNT"]
["Brought Forward"]
["4.6",null,"Actuated Valves Remote IO system"]
["4.6.1",null,"Design, test, deliver to site, install and commissioning of a new Remote I/O Panel including all hardware & networking equipment. Complete with trunking, terminals, fused terminals, surge arrestors, circuit breakers and panel wiring inclusive of lugs, core markers, cable markers and mechanical fittings and fixtures. As per the speification,",null,null,"no",1]
["4.6.2",null,"PLC programming as per P & ID,  process and control description and control philosophies for various process areas.",null,null,"no",1]
["4.7",null,"Chlorine Dosing System"]
["4.7.1",null,"Design, deliver to site and installation  of  wall mounted 3CR12 Junction box (350x250x170). Complete with trunking,terminals and panel wiring inclusive of  lugs, core markers, cable markers and mechanical fittings and fixtures.",null,null,"no",1]
["4.7.2",null,"Connect, test and commissioning of Chlorine Dosing System to Junction box,",null,null,"no",1]
["4.8",null,"PLC Programming Software + Hardware"]
["4.8.1",null,"Supply, delivery, install and configuration of PLC Programming PC Hardware complete with screen , keyboard, and mouse as specified. (Same spec as SCADA PC)",null,null,"sum",1]
["4.8.2",null,"Supply PLC Programming software including software licenses.",null,null,"sum",1]
["4.9",null,"SCADA System"]
["4.9.1",null,"SCADA System Coding with latest version of software programme for the entire Olifantspoort WS. Provide Scada coding for all process areas as per P & ID and functional design specification according to  specifications",null,null,"sum",1]
["4.9.2",null,"Supply, delivery, install and configuration of Scada PC Hardware complete with screens (2 of), keyboard, and mouse as specified.",null,null,"sum",1]
["Carried Forward"]
["SECTION 5 - OLIFANTSPOORT WATER TREATMENT WORKS -CONTROL & INSTRUMENTATION REFURBISHMENT"]
["ITEM No","PAY\n REF","DESCRIPTION",null,null,"UNIT","QTY","RATE","AMOUNT"]
["Brought Forward"]
["4.9.3",null,"Upgrade Existing SCADA Software License to be used with the latest SCADA software.",null,null,"no",1]
["4.10",null,"Instrumentation"]
["4.10.1",null,"Supply, delivery, and commissioning of  Module 1 DN200 Return Magnetic Flow meter complete with a transmitter and all materials necessary for the complete installation. (Installation to be done by Mechanical)",null,null,"no",1]
["4.10.2",null,"Supply, delivery, install and commissioning of  Filters Level Transmitters complete with all materials necessary for the complete installation.",null,null,"no",24]
["4.10.3",null,"Supply, delivery, install and commissioning of  Module 2 Contact tank Level Transmitters complete with all materials necessary for the complete installation.",null,null,"no",1]
["4.10.4",null,"Supply, delivery, install and commissioning of  Combined Clear water tank level Level Transmitters complete with all materials necessary for the complete installation.",null,null,"no",1]
["4.10.5",null,"Supply, delivery, install and commissioing of  Backwash elevated tank Level Switch complete with all materials necessary for the complete installation.",null,null,"no",2]
["4.10.6",null,"Connect, Test and recalibrate Olifantspoort plant Raw Water Inlet Magnetic flowmeter ",null,null,"no",1]
["4.10.7",null,"Test and recalibrate Module 2 Raw Water Inlet clamp flowmeter",null,null,"no",2]
["4.10.8",null,"Connect, test and commissioning of the filters actuators  ",null,null,"no",48]
["4.10.9",null,"Connect, test and commissioning of Module 1 desludge valve actuators",null,null,"no",12]
["4.10.10",null,"Connect, test and commissioning of Module 1 main inlet valve actuator",null,null,"no",1]
["Total Section 5 Carried to Summary"]
["SECTION 6 - OLIFANTSPOORT WATER TREATMENT WORKS -BUILDINGS AND MINOR CIVIL WORKS"]
["ITEM No","PAY\n REF","DESCRIPTION",null,null,"UNIT","QTY","RATE","AMOUNT"]
[5,null,"BUILDINGS AND MINOR CIVIL WORKS"]
["5.1",null,"Coagulant Dosing Building Works"]
["5.1.1","SANS 1200G","Concrete (Structural)"]
[null,"8.4.6",".07","Rapid hardening Portland cement 15 "]
[{"$nulls":3},"for use in the following:"]
["5.1.1.1",null,null,".01","Plaster Work","t",0.75]
["5.1.1.2",null,null,".02","Screeding","t",0.75]
["5.1.2","PSG 8.5","Joints:"]
[null,null,".01","Proprietary expansion joints:"]
["5.1.2.1",null,null,".01","Prime Cost Sum allowed for ","PC ",1,{"v":20000,"d":"20,000.00"},{"$f":"G277*H277","v":{"v":20000,"d":"20,000.00"}}]
[{"$nulls":4},"purchase and taking delivery of ","Sum"]
[{"$nulls":4},"expansion joints"]
["5.1.2.2",null,null,".02","Percentage on Prime Cost for ","%",null,{"$f":"H277","v":{"v":20000,"d":"20,000.00"}}]
[{"$nulls":4},"charges and profits  "]
[null,null,".02","Installation of proprietary expansion "]
[{"$nulls":3},"joints:"]
[{"$nulls":3},"Retroffit Saw-Cut Expansion Joints"]
["5.1.2.3",null,null,".01","Metal cover installed in movement joint","m",25]
[null,null,".03","Application of proprietary expansion "]
[{"$nulls":3},"joints sealants:"]
["5.1.2.4",null,null,".01","Application type: high movement","m",30]
[{"$nulls":4},"construction and expansion joints\n"]
[{"$nulls":4},"Application: concrete contraction and "]
[{"$nulls":4},"expansion joints surfaces should be"]
[{"$nulls":4},"clean, sound and dry prior to"]
[{"$nulls":4},"application. Apply Dow Corning 888,"]
[{"$nulls":4},"or similar approved"]
[{"$nulls":4},"all in accordance with manufacturer`s "]
[{"$nulls":4},"recommendations."]
[null,null,".04","Expansion joints as detailed on the "]
[{"$nulls":3},"Drawings and/or specified in the "]
[{"$nulls":3},"Project Specifications:"]
["5.1.2.5",null,null,".01",". . . . . . . . . . . . . . . . . . . . . . . . . . . . . . . .","number","-"]
[null,null,".05","Construction joints as detailed on the"]
[{"$nulls":3},"Drawings and/or specified in the "]
[{"$nulls":3},"Project Specifications:"]
["5.1.3","8.7","Grouting:",{"$nulls":5},{"$f":"IF(OR(AND(G304=\"Prov\",H304=\"Sum\"),(H304=\"PC Sum\")),\". . . . . . . . .00\",IF(ISERR(G304*H304),\"\",IF(G304*H304=0,\"\",ROUND(G304*H304,2))))","v":""}]
["5.1.3.1",null,".01","Under bases (or beds) ",null,"m³",6]
["Carried Forward"]
["SECTION 6 - OLIFANTSPOORT WATER TREATMENT WORKS -BUILDINGS AND MINOR CIVIL WORKS"]
["ITEM No","PAY\n REF","DESCRIPTION",null,null,"UNIT","QTY","RATE","AMOUNT"]
["Brought Forward"]
[null,"8.8",".13","Corrosion protection (extra over item "]
[{"$nulls":3},"170.21.12) by:"]
["5.1.3.2",null,null,".01","Painting        ","kg",90]
[{"$nulls":3},".02","Sprayed metal coating",{"$nulls":3},""]
[{"$nulls":4},"(type of metal and thickness of ",{"$nulls":3},""]
["5.1.3.3",{"$nulls":3},"coating indicated)","kg","-","-",""]
["5.1.3.4",null,null,".03","Hot-dip galvanizing      ","kg","-","-",""]
["5.1.3.5",null,null,".04","Poweder Coating","kg","-","-",""]
["5.1.4","PSG 8.9","Miscellaneous work other than metal work:",{"$nulls":5},""]
[null,null,".01","Drainage pipes:",{"$nulls":4},""]
[{"$nulls":3},"Exposed Drainage Pipes  @ Basement",{"$nulls":4},""]
["5.1.4.1",null,null,".01","Flushing, Cleaning and Painting of","m",{"$f":"(5*15*4)/4","v":75}]
[{"$nulls":4},"drainage pipes @ basement",{"$nulls":3},""]
[null,null,".02","Drainage gullies for bridge deck as per ",{"$nulls":4},""]
[{"$nulls":3},"confirmation on site",{"$nulls":4},""]
["5.1.4.2",null,null,".01","All drainage gullies on balconies","number","-","-",""]
["5.1.5","8.13","Screeds:"]
[null,null,".01","Floor screeds (1:3) with falls including"]
[{"$nulls":3},"V-joints to form panels and a smooth"]
[{"$nulls":3},"towelled finish power float finish to top:"]
[{"$nulls":3},".01","Floor screed:"]
["5.1.5.1",{"$nulls":3},"1 Part  cement with 3 parts clean,","m²",30]
[{"$nulls":4},"coarse sand with sufficient water"]
[{"$nulls":4},"until a plastic consistence similar to"]
[{"$nulls":4},"cement plaster is achieved. Smooth "]
[{"$nulls":4},"finish to Architect's specification"]
["5.1.5.2","8.14",null,".01","Plaster and Concrete Repair Work:"]
[{"$nulls":4},"Repair mix for damaged and peeling of ","m²",30]
[{"$nulls":4},"plaster to manufacturer's spes"]
[{"$nulls":4},"Sika/abe or similar aproved products"]
["Carried Forward"]
["SECTION 6 - OLIFANTSPOORT WATER TREATMENT WORKS -BUILDINGS AND MINOR CIVIL WORKS"]
["ITEM No","PAY\n REF","DESCRIPTION",null,null,"UNIT","QTY","RATE","AMOUNT"]
["Brought Forward"]
["5.1.6","PSG 8.15","Epoxy based bonding agent and primer"]
[null,null,"to prepare concrete floors to receive"]
[null,null,"screeding (FOSROC NITROBOND EP"]
[null,null,"slowset or approved equivalent)",null,null,"m²",30]
["5.1.7","PSG 8.16","Corrosion protection by:"]
[null,null,".01","Vinyl anti-fouling paint and undercoats"]
[{"$nulls":3},"to form an algae-resistant coating on:"]
["5.1.7.1",null,null,".01","Exposed Structural Steelwork","m²",30]
[{"$nulls":3},".02","Etc"]
[null,null,".02","Solvent-free abrasion-resistant coating"]
[{"$nulls":3},"and primer to a minimum thickness"]
[{"$nulls":3},"of 3 mm on:"]
["5.1.7.2",null,null,".01","Exposed Structural Steelwork","m²",30]
[{"$nulls":3},".02","Etc"]
["5.1.8","SANS 1200H","Structural Steel Work"]
["5.1.8.1","8.3.10","Non-destructive testing   ",null,null,"h",1]
["5.2",null,"Module 1 Filter Block"]
["5.2.1","SANS 1200G","Concrete (Structural)"]
[null,"8.4.6",".07","Rapid hardening Portland cement 15 "]
[{"$nulls":3},"for use in the following:"]
["5.2.1.1",null,null,".01","Plaster Work","t",0.75]
["5.2.1.2",null,null,".02","Screeding","t",0.75]
["5.2.2","PSG 8.5","Joints:"]
[null,null,".01","Proprietary expansion joints:"]
["5.2.2.1",null,null,".01","Prime Cost Sum allowed for ","PC ",1,{"v":20000,"d":"20,000.00"},{"$f":"G368*H368","v":{"v":20000,"d":"20,000.00"}}]
[{"$nulls":4},"purchase and taking delivery of ","Sum"]
[{"$nulls":4},"expansion joints"]
["5.2.2.2",null,null,".02","Percentage on Prime Cost for ","%",null,{"$f":"H368","v":{"v":20000,"d":"20,000.00"}}]
[{"$nulls":4},"charges and profits  "]
[null,null,".02","Installation of proprietary expansion "]
[{"$nulls":3},"joints:"]
[{"$nulls":3},"Retroffit Saw-Cut Expansion Joints"]
["5.2.2.3",null,null,".01","Metal cover installed in movement joint","m",25]
[null,null,".03","Application of proprietary expansion "]
[{"$nulls":3},"joints sealants:"]
["Carried Forward"]
["SECTION 6 - OLIFANTSPOORT WATER TREATMENT WORKS -BUILDINGS AND MINOR CIVIL WORKS"]
["ITEM No","PAY\n REF","DESCRIPTION",null,null,"UNIT","QTY","RATE","AMOUNT"]
["Brought Forward"]
["5.2.2.4",null,null,".01","Application type: high movement","m",30]
[{"$nulls":4},"construction and expansion joints\n"]
[{"$nulls":4},"Application: concrete contraction and "]
[{"$nulls":4},"expansion joints surfaces should be"]
[{"$nulls":4},"clean, sound and dry prior to"]
[{"$nulls":4},"application. Apply Dow Corning 888,"]
[{"$nulls":4},"or similar approved"]
[{"$nulls":4},"all in accordance with manufacturer`s "]
[{"$nulls":4},"recommendations."]
[null,null,".04","Expansion joints as detailed on the "]
[{"$nulls":3},"Drawings and/or specified in the "]
[{"$nulls":3},"Project Specifications:"]
["5.2.2.5",null,null,".01",". . . . . . . . . . . . . . . . . . . . . . . . . . . . . . . .","number","-"]
[null,null,".05","Construction joints as detailed on the"]
[{"$nulls":3},"Drawings and/or specified in the "]
[{"$nulls":3},"Project Specifications:"]
["5.2.3","8.7","Grouting:"]
["5.2.3.1",null,".01","Under bases (or beds) ",null,"m³",5]
[null,"8.8",".13","Corrosion protection (extra over item "]
[{"$nulls":3},"170.21.12) by:"]
["5.2.3.2",null,null,".01","Painting        ","kg",120]
[{"$nulls":3},".02","Sprayed metal coating"]
[{"$nulls":4},"(type of metal and thickness of "]
["5.2.3.3",{"$nulls":3},"coating indicated)","kg","-","-"]
["5.2.3.4",null,null,".03","Hot-dip galvanizing      ","kg","-","-"]
["5.2.3.5",null,null,".04","Poweder Coating","kg","-","-"]
["5.2.4","PSG 8.9","Miscellaneous work other than metal work:"]
[null,null,".01","Drainage pipes:"]
[{"$nulls":3},"Exposed Drainage Pipes  @ Basement"]
["5.2.4.1",null,null,".01","Flushing, Cleaning and Painting of","m",{"$f":"(5*15*4)/4","v":75}]
[{"$nulls":4},"drainage pipes @ basement"]
[null,null,".02","Drainage gullies for bridge deck as per "]
[{"$nulls":3},"confirmation on site"]
["5.2.4.2",null,null,".01","All drainage gullies on balconies","number","-"]
["Carried Forward"]
["SECTION 6 - OLIFANTSPOORT WATER TREATMENT WORKS -BUILDINGS AND MINOR CIVIL WORKS"]
["ITEM No","PAY\n REF","DESCRIPTION",null,null,"UNIT","QTY","RATE","AMOUNT"]
["Brought Forward"]
["5.2.5","8.13","Screeds:"]
[null,null,".01","Floor screeds (1:3) with falls including"]
[{"$nulls":3},"V-joints to form panels and a smooth"]
[{"$nulls":3},"towelled finish power float finish to top:"]
[{"$nulls":3},".01","Floor screed:"]
["5.2.5.1",{"$nulls":3},"1 Part  cement with 3 parts clean,","m²",30]
[{"$nulls":4},"coarse sand with sufficient water"]
[{"$nulls":4},"until a plastic consistence similar to"]
[{"$nulls":4},"cement plaster is achieved. Smooth "]
[{"$nulls":4},"finish to Architect's specification"]
["5.2.5.2","8.14",null,".01","Plaster and Concrete Repair Work:"]
[{"$nulls":4},"Repair mix for damaged and peeling of ","m²",30]
[{"$nulls":4},"plaster to manufacturer's spes"]
[{"$nulls":4},"Sika/abe or similar aproved products"]
["5.2.6","PSG 8.15","Epoxy based bonding agent and primer"]
[null,null,"to prepare concrete floors to receive"]
[null,null,"screeding (FOSROC NITROBOND EP"]
[null,null,"slowset or approved equivalent)",null,null,"m²",30]
["5.2.7","PSG 8.16","Corrosion protection by:"]
[null,null,".01","Vinyl anti-fouling paint and undercoats"]
[{"$nulls":3},"to form an algae-resistant coating on:"]
["5.2.7.1",null,null,".01","Exposed Structural Steelwork","m²",30]
[{"$nulls":3},".02","Etc"]
[null,null,".02","Solvent-free abrasion-resistant coating"]
[{"$nulls":3},"and primer to a minimum thickness"]
[{"$nulls":3},"of 3 mm on:"]
["5.2.7.2",null,null,".01","Exposed Structural Steelwork","m²",30]
[{"$nulls":3},".02","Etc"]
["Carried Forward"]
["SECTION 6 - OLIFANTSPOORT WATER TREATMENT WORKS -BUILDINGS AND MINOR CIVIL WORKS"]
["ITEM No","PAY\n REF","DESCRIPTION",null,null,"UNIT","QTY","RATE","AMOUNT"]
["Brought Forward"]
["5.2.8","SANS 1200H","Structural Steel Work"]
["5.2.8.1","8.3.10","Non-destructive testing   ",null,null,"h",1]
["5.3",null,"Module 2 Filter Block"]
["5.3.1","SANS 1200G","Concrete (Structural)"]
[null,"8.4.6",".07","Rapid hardening Portland cement 15 "]
[{"$nulls":3},"for use in the following:"]
["5.3.1.1",null,null,".01","Plaster Work","t",0.75]
["5.3.1.2",null,null,".02","Screeding","t",0.75]
["5.3.2","PSG 8.5","Joints:"]
[null,null,".01","Proprietary expansion joints:"]
["5.3.2.1",null,null,".01","Prime Cost Sum allowed for ","PC ",1,{"v":20000,"d":"20,000.00"},{"$f":"G463*H463","v":{"v":20000,"d":"20,000.00"}}]
[{"$nulls":4},"purchase and taking delivery of ","Sum"]
[{"$nulls":4},"expansion joints"]
["5.3.2.2",null,null,".02","Percentage on Prime Cost for ","%",null,{"$f":"H463","v":{"v":20000,"d":"20,000.00"}}]
[{"$nulls":4},"charges and profits  "]
[null,null,".02","Installation of proprietary expansion "]
[{"$nulls":3},"joints:"]
[{"$nulls":3},"Retroffit Saw-Cut Expansion Joints"]
["5.3.2.3",null,null,".01","Metal cover installed in movement joint","m",25]
[null,null,".03","Application of proprietary expansion "]
[{"$nulls":3},"joints sealants:"]
["5.3.2.4",null,null,".01","Application type: high movement","m",30]
[{"$nulls":4},"construction and expansion joints\n"]
[{"$nulls":4},"Application: concrete contraction and "]
[{"$nulls":4},"expansion joints surfaces should be"]
[{"$nulls":4},"clean, sound and dry prior to"]
[{"$nulls":4},"application. Apply Dow Corning 888,"]
[{"$nulls":4},"or similar approved"]
[{"$nulls":4},"all in accordance with manufacturer`s "]
[{"$nulls":4},"recommendations."]
[null,null,".04","Expansion joints as detailed on the "]
[{"$nulls":3},"Drawings and/or specified in the "]
[{"$nulls":3},"Project Specifications:"]
["5.3.2.5",null,null,".01",". . . . . . . . . . . . . . . . . . . . . . . . . . . . . . . .","number","-"]
["Carried Forward"]
["SECTION 6 - OLIFANTSPOORT WATER TREATMENT WORKS -BUILDINGS AND MINOR CIVIL WORKS"]
["ITEM No","PAY\n REF","DESCRIPTION",null,null,"UNIT","QTY","RATE","AMOUNT"]
["Brought Forward"]
[null,null,".05","Construction joints as detailed on the"]
[{"$nulls":3},"Drawings and/or specified in the "]
[{"$nulls":3},"Project Specifications:"]
["5.3.3","8.7","Grouting:"]
["5.3.3.1",null,".01","Under bases (or beds) ",null,"m³",5]
[null,"8.8",".13","Corrosion protection (extra over item "]
[{"$nulls":3},"170.21.12) by:"]
["5.3.3.2",null,null,".01","Painting        ","kg",120]
[{"$nulls":3},".02","Sprayed metal coating"]
[{"$nulls":4},"(type of metal and thickness of "]
["5.3.3.3",{"$nulls":3},"coating indicated)","kg","-"]
["5.3.3.4",null,null,".03","Hot-dip galvanizing      ","kg","-"]
["5.3.3.5",null,null,".04","Poweder Coating","kg","-"]
["5.3.4","PSG 8.9","Miscellaneous work other than metal work:"]
[null,null,".01","Drainage pipes:"]
[{"$nulls":3},"Exposed Drainage Pipes  @ Basement"]
["5.3.4.1",null,null,".01","Flushing, Cleaning and Painting of","m",{"$f":"(5*15*4)/4","v":75}]
[{"$nulls":4},"drainage pipes @ basement"]
[null,null,".02","Drainage gullies for bridge deck as per "]
[{"$nulls":3},"confirmation on site"]
["5.3.4.2",null,null,".01","All drainage gullies on balconies","number","-","-"]
["5.3.5","8.13","Screeds:"]
[null,null,".01","Floor screeds (1:3) with falls including"]
[{"$nulls":3},"V-joints to form panels and a smooth"]
[{"$nulls":3},"towelled finish power float finish to top:"]
[{"$nulls":3},".01","Floor screed:"]
["5.3.5.1",{"$nulls":3},"1 Part  cement with 3 parts clean,","m²",30]
[{"$nulls":4},"coarse sand with sufficient water"]
["Carried Forward"]
["SECTION 6 - OLIFANTSPOORT WATER TREATMENT WORKS -BUILDINGS AND MINOR CIVIL WORKS"]
["ITEM No","PAY\n REF","DESCRIPTION",null,null,"UNIT","QTY","RATE","AMOUNT"]
["Brought Forward"]
[{"$nulls":4},"until a plastic consistence similar to"]
[{"$nulls":4},"cement plaster is achieved. Smooth "]
[{"$nulls":4},"finish to Architect's specification"]
["5.3.5.2","8.14",null,".01","Plaster and Concrete Repair Work:"]
[{"$nulls":4},"Repair mix for damaged and peeling of ","m²",30]
[{"$nulls":4},"plaster to manufacturer's spes"]
[{"$nulls":4},"Sika/abe or similar aproved products"]
["5.3.6","PSG 8.15","Epoxy based bonding agent and primer"]
[null,null,"to prepare concrete floors to receive"]
[null,null,"screeding (FOSROC NITROBOND EP"]
[null,null,"slowset or approved equivalent)",null,null,"m²",30]
["5.3.7","PSG 8.16","Corrosion protection by:"]
[null,null,".01","Vinyl anti-fouling paint and undercoats"]
[{"$nulls":3},"to form an algae-resistant coating on:"]
["5.3.7.1",null,null,".01","Exposed Structural Steelwork","m²",30]
[{"$nulls":3},".02","Etc"]
[null,null,".02","Solvent-free abrasion-resistant coating"]
[{"$nulls":3},"and primer to a minimum thickness"]
[{"$nulls":3},"of 3 mm on:"]
["5.3.7.2",null,null,".01","Exposed Structural Steelwork","m²",30]
[{"$nulls":3},".02","Etc"]
["5.3.8","SANS 1200H","Structural Steel Work"]
["5.3.8.1","8.3.10","Non-destructive testing   ",null,null,"h",1]
["5.4",null,"New Lime make-up Building including Storage for Lime & PAC"]
["5.4.1","SABS 1200DB","Site Clearance"]
["5.4.1.1",null,"Clear Vegetation, Grass, Shrubs etc. and Trees of Girth up to 1m and Remove to Dumpsite, Stockpile, Maintain/Preserve and Reinstate Topsoil (150mm Deep) ",null,null,"m²",130]
[null,null,"Shrubs, Trees and Grass along Route of Pipeline and at Ablution Block Sites."]
["5.4.1.2",null,"Clear Trees of Girth and Designated Obstacles > 1.0m Up To and Including 2m",null,null,"sum",1]
["Carried Forward"]
["SECTION 6 - OLIFANTSPOORT WATER TREATMENT WORKS -BUILDINGS AND MINOR CIVIL WORKS"]
["ITEM No","PAY\n REF","DESCRIPTION",null,null,"UNIT","QTY","RATE","AMOUNT"]
["Brought Forward"]
["5.4.1.3",null,"Remove rubble and cart away to an approved landfill site",null,null,"m3",13]
["5.4.2",null,"Earthworks and Foundations"]
[null,null,"Foundations and Foundations Excavations"]
["5.4.2.1",null,"Excavate 1m beyond entire foundation footprint using 1:1 (V:H) side slopes",null,null,"m³",160]
["5.4.2.2",null,"Rip and re-compact 150mm thick bottom in-situ layer when established at 1m below raft slab",null,null,"m³",23]
["5.4.2.3",null,"Excavation in Earth for Strip Foundations Exceeding 0.5m Deep and Not Exceeding 1m Deep.",null,null,"m³",36]
["5.4.2.4",null,"Allow for Keeping Excavations Free of Water by Hand or Machinery",null,null,"Item",1]
["5.4.2.5",null,"Construct earth mattress in 150mm layers to be compacted and tested at each layer using G6 material compacted to be achieved at 95% MOD AASHTO at OMC. Layers shall be constructed to beneath foundations and around footprint to GL",null,null,"m³",160]
["5.4.2.6",null,"15Mpa Concrete Blinding under Footings.",null,null,"m³",7]
["5.4.2.7",null,"30Mpa (28 days) 19mm Reinforced Concrete On Raft Foundations ",null,null,"m³",16]
["5.4.2.8",null,"Blockwork on on foundations up to DPC level"]
["5.4.2.9",null,"M90",null,null,"m²",25]
["5.4.2.10",null,"M190",null,null,"m²",38]
[null,null,"Soil Insecticide:"]
["5.4.2.11",null,"Soil  to be Poisoned in Accordance with SABS 1165 (Certificate must be Approved by an Accredited Applicator) under floors etc. including forming and poisioning shallow furrows against foundation walls etc., filling in furrows and ramming",null,null,"m²",140]
["5.4.2.12",null,"Reinforcing Mesh Ref. 193 with a Cover of 50mm",null,null,"m²",140]
["5.4.2.13",null,"Reinforcing Mesh Ref. 245 with a Cover of 50mm",null,null,"m²",13]
[null,null,"False work, formwork and concrete finish"]
[null,null,"Formwork to provide (class  F1) surface finish"]
["5.4.2.14",null,"(i) Type E concrete drains",null,null,"m²",50]
[null,null,"Vertical formwork to provide class F1 surface finish to"]
["Carried Forward"]
["SECTION 6 - OLIFANTSPOORT WATER TREATMENT WORKS -BUILDINGS AND MINOR CIVIL WORKS"]
["ITEM No","PAY\n REF","DESCRIPTION",null,null,"UNIT","QTY","RATE","AMOUNT"]
["Brought Forward"]
["5.4.2.15",null,"(i) Footings",null,null,"m²",55]
[null,null,"Steel Reinforcement"]
[null,null,"Steel Reinforcement of Raft Foundation"]
["5.4.2.16",null,"High yield stres steel bars (Raft foundation)",null,null,"t",2]
["5.4.2.17",null,"30Mpa (28 days) 150mm Thick Powerfloat Finished Slab ",null,null,"m³",13]
["5.4.2.18",null,"30Mpa (28 days) Concrete to Aprons / v drain (steel float finish)",null,null,"m³",7]
["5.4.2.19",null,"Making and Testing Set of Six 150 x 150 x 150 Concrete Strength Test Cubes, to be tested by an Independent Laboratory (Provisional)",null,null,"Sets",4]
["5.4.2.20",null,"100mm wide x 10mm thick Jointex Joint Filler with 10 x 10mm Tear-Off Strip",null,null,"m",170]
["5.4.2.21",null,"10mm x 10mm SikaFlex at Facade Joint Sealer",null,null,"m",100]
[null,null,"Earthworks"]
["5.4.2.22",null,"Cut To Level",null,null,"m³",20]
["5.4.2.23",null,"Extra-over for Boulder Excavations",null,null,"m³",2]
["5.4.2.24",null,"for Hard Rock Excavations",null,null,"m³",1]
["5.4.3",null,"Damp Proof Course"]
["5.4.3.1",null,"One layer of 250 micron 'USB GREEN' waterproof sheeting sealed at laps with 'Gunplas Pressure Sensitive Tape':",null,null,"m²",140]
[null,null,"Gundle® 'Brikgrip® DPC 375' Damp Proof course to SABS mark 952- 1985 Type B:"]
["5.4.3.2",null,"In 200 thick walls",null,null,"m",95]
["5.4.3.3",null,"In 100 thick walls",null,null,"m",50]
["5.4.4",null,"Blockwork"]
["5.4.4.1",null,"M190 (190mm thick  Walls - Load bearing wall)",null,null,"m²",140]
["5.4.4.2",null,"M90(90mm thick Walls (Outside Walls - Face brick)",null,null,"m²",150]
["5.4.4.3",null,"190mm Brickforce to Wall",null,null,"m",300]
["5.4.4.4",null,"90mm Brickforce to Outside Walls",null,null,"m",135]
["5.4.4.5",null,"390 x 190 x 50 Air Brick",null,null,"No.",8]
["5.4.4.6",null,"Precast Prestressed Concrete Lintels, suitable for blocks, lengths Not Exceeding 1.5m",null,null,"m",9]
["Carried Forward"]
["SECTION 6 - OLIFANTSPOORT WATER TREATMENT WORKS -BUILDINGS AND MINOR CIVIL WORKS"]
["ITEM No","PAY\n REF","DESCRIPTION",null,null,"UNIT","QTY","RATE","AMOUNT"]
["Brought Forward"]
["5.4.4.7",null,"Precast Prestressed Concrete Lintels, suitable for blocks, Lengths Exceeding 1.5m but Less than 6m",null,null,"m",12]
["5.4.4.8",null,"Galvanised Hoop Iron Cramps, Ties, etc: 30 x 1.6mm Wall Tie 600mm Long with One End Wrapped Around Rebar and the Other End Wrapped Over and Nailed to Rafter",null,null,"m",30]
["5.4.5",null,"Plaster"]
[null,null,"(15mm thick) 1:4 Cement Plaster on Brickwork:"]
["5.4.5.1",null,"a) On Walls",null,null,"m²",110]
["5.4.5.2",null,"b) On Narrow Widths",null,null,"m²",22]
["5.4.5.3",null,"c) 50mm Radius Skirting",null,null,"m",120]
["5.4.6",null,"Paint"]
[null,null,"Interior "]
["5.4.6.1",null,"a) Primer as per spec",null,null,"m²",110]
["5.4.6.2",null,"b) Paint as per spec",null,null,"m²",110]
[null,null,"Exterior "]
["5.4.6.3",null,"a) Primer as per spc",null,null,"m²",0]
["5.4.6.4",null,"b) Paint (Lighter Colour - as per spec)",null,null,"m²",0]
["5.4.6.5",null,"c) Paint (Darker Colour - as per spec)",null,null,"m²",0]
[null,null,"Floors"]
["5.4.6.6",null,"a) Epoxy Paint Floors",null,null,"m²",115]
["5.4.7",null,"Ironmongery"]
[null,null,"Doors Complete, including leaf, frame, hinges, handles, stops, lock sets etc"]
["5.4.7.1",null,"a) Door (as per drawings)",null,null,"No.",4]
["5.4.7.2",null,"d) 150 x 50 GMS Purlin",null,null,"m",9]
[null,null,"Painting of Doors"]
["5.4.7.3",null,"Laquer Thinners for Knots and Resinous areas",null,null,"m²",18]
["5.4.7.4",null,"Woodcare Knot Seal",null,null,"m²",18]
["5.4.7.5",null,"1 Coat Plascon Woodcare Pretreatment",null,null,"m²",{"$f":"G632","v":18}]
["5.4.7.6",null,"1 Coat Wood Primer (UC2)",null,null,"m²",70]
["5.4.7.7",null,"2 Coats Wall and All (WAA)",null,null,"m²",70]
[null,null,"Frame Finishing"]
["5.4.7.8",null,"Laquer Thinners for Knots and Resinous areas (Door A/C/D)",null,null,"m²",15]
["Carried Forward"]
["SECTION 6 - OLIFANTSPOORT WATER TREATMENT WORKS -BUILDINGS AND MINOR CIVIL WORKS"]
["ITEM No","PAY\n REF","DESCRIPTION",null,null,"UNIT","QTY","RATE","AMOUNT"]
["Brought Forward"]
["5.4.7.9",null,"Woodcare Knot Seal (Door A/C/D)",null,null,"m²",{"$f":"G632","v":18}]
["5.4.7.10",null,"1 Coat Plascon Woodcare Pretreatment (Door A/C/D)",null,null,"m²",15]
["5.4.7.11",null,"1 Coat Wood Primer (UC2) (Door A/C/D)",null,null,"m²",{"$f":"G643","v":15}]
["5.4.7.12",null,"2 Coats Wall and All (WAA) (Door A/C/D)",null,null,"m²",{"$f":"G644","v":15}]
[null,null,"Glazing"]
[null,null,"All glazing shall be inaccordance with SABS 0400-1990, SABS 1263-1. All safety glazing materials shall be permanently marked"]
["5.4.7.13",null,"3mm obscure glass",null,null,"m²",20]
[null,null,"Galvanised windows"]
[null,null,"Supply and install hot dipped galvanised 1.6mm steel window frames to comply with SANS 727"]
["5.4.7.14",null,"Window (as per drawings)",null,null,"No.",8]
["5.4.8",null,"Roofing"]
[null,null,"False work, formwork and concrete finish"]
["5.4.8.1",null,"Vertical formwork to provide (class  F3) surface finish",null,null,"m²",55]
["5.4.8.2",null,"Horizontal formwork to provide (class  F3) surface finish",null,null,"m²",85]
["5.4.8.3",null,"Horizontal formwork to provide (class  U2) surface finish",null,null,"m²",75]
[null,null,"Steel Reinforcement"]
[null,null,"Steel Reinforcement of concrete roof slab and up-stand beams"]
["5.4.8.4",null,"High yield stres steel bars ",null,null,"t",2]
["5.4.8.5",null,"40Mpa (28 days) 200mm Thick Powerfloat Finished Slab ",null,null,"m³",20]
["5.4.8.6",null,"Making and Testing Set of Six 150 x 150 x 150 Concrete Strength Test Cubes, to be tested by an Independent Laboratory (Provisional)",null,null,"Sets",4]
["5.4.8.7",null,"Elastoplastomeric polymer-bitumen waterproofing membrane torched on to roof slab to be finished off with aluminum pigment bitumen based paint coating in full comliance to manufacturers specification",null,null,"m²",80]
["5.4.8.8",null,"203x133x30 I-Section crawl beam anchored into RC roof slab with chemical anchors @ 1000 c/c",null,null,"m",15]
["5.4.9",null,"Guttering"]
["5.4.9.1",null,"Full bore outlet (to lead to PVC downpipe)",null,null,"No.",4]
["5.4.9.2",null,"75mm uPVC downpipe x 3.2m long including 2 no brackets per downpipe",null,null,"No.",4]
["Carried Forward"]
["SECTION 6 - OLIFANTSPOORT WATER TREATMENT WORKS -BUILDINGS AND MINOR CIVIL WORKS"]
["ITEM No","PAY\n REF","DESCRIPTION",null,null,"UNIT","QTY","RATE","AMOUNT"]
["Brought Forward"]
["5.5",null,"New Chlorine Cyliders Storage Room"]
["5.5.1","SABS 1200DB","Site Clearance"]
["5.5.1.1",null,"Clear Vegetation, Grass, Shrubs etc. and Trees of Girth up to 1m and Remove to Dumpsite, Stockpile, Maintain/Preserve and Reinstate Topsoil (150mm Deep) ",null,null,"m²",120]
[null,null,"Shrubs, Trees and Grass along Route of Pipeline and at Ablution Block Sites."]
["5.5.1.2",null,"Clear Trees of Girth and Designated Obstacles > 1.0m Up To and Including 2m",null,null,"sum",1]
["5.5.1.3",null,"Remove rubble and cart away to an approved landfill site",null,null,"m3",11]
["5.5.2",null,"Earthworks and Foundations"]
[null,null,"Foundations and Foundations Excavations"]
["5.5.2.1",null,"Excavate 1m beyond entire foundation footprint using 1:1 (V:H) side slopes",null,null,"m³",140]
["5.5.2.2",null,"Rip and re-compact 150mm thick bottom in-situ layer when established at 1m below raft slab",null,null,"m³",20]
["5.5.2.3",null,"Excavation in Earth for Strip Foundations Exceeding 0.5m Deep and Not Exceeding 1m Deep.",null,null,"m³",30]
["5.5.2.4",null,"Allow for Keeping Excavations Free of Water by Hand or Machinery",null,null,"Item",1]
["5.5.2.5",null,"Construct earth mattress in 150mm layers to be compacted and tested at each layer using G6 material compacted to be achieved at 95% MOD AASHTO at OMC. Layers shall be constructed to beneath foundations and around footprint to GL",null,null,"m³",140]
["5.5.2.6",null,"15Mpa Concrete Blinding under Footings.",null,null,"m³",5]
["5.5.2.7",null,"30Mpa (28 days) 19mm Reinforced Concrete On Raft Foundations ",null,null,"m³",15]
["5.5.2.8",null,"Blockwork on on foundations up to DPC level"]
["5.5.2.9",null,"M90",null,null,"m²",15]
["5.5.2.10",null,"M190",null,null,"m²",25]
["Carried Forward"]
["SECTION 6 - OLIFANTSPOORT WATER TREATMENT WORKS -BUILDINGS AND MINOR CIVIL WORKS"]
["ITEM No","PAY\n REF","DESCRIPTION",null,null,"UNIT","QTY","RATE","AMOUNT"]
["Brought Forward"]
[null,null,"Soil Insecticide:"]
["5.5.2.11",null,"Soil  to be Poisoned in Accordance with SABS 1165 (Certificate must be Approved by an Accredited Applicator) under floors etc. including forming and poisioning shallow furrows against foundation walls etc., filling in furrows and ramming",null,null,"m²",120]
["5.5.2.12",null,"Reinforcing Mesh Ref. 193 with a Cover of 50mm",null,null,"m²",120]
["5.5.2.13",null,"Reinforcing Mesh Ref. 245 with a Cover of 50mm",null,null,"m²",10]
[null,null,"False work, formwork and concrete finish"]
[null,null,"Formwork to provide (class  F1) surface finish"]
["5.5.2.14",null,"(i) Type E concrete drains",null,null,"m²",50]
[null,null,"Vertical formwork to provide class F1 surface finish to"]
["5.5.2.15",null,"(i) Footings",null,null,"m²",55]
[null,null,"Steel Reinforcement"]
[null,null,"Steel Reinforcement of Raft Foundation"]
["5.5.2.16",null,"High yield stres steel bars (Raft foundation)",null,null,"t",2]
["5.5.2.17",null,"30Mpa (28 days) 150mm Thick Powerfloat Finished Slab ",null,null,"m³",12]
["5.5.2.18",null,"30Mpa (28 days) Concrete to Aprons / v drain (steel float finish)",null,null,"m³",7]
["5.5.2.19",null,"Making and Testing Set of Six 150 x 150 x 150 Concrete Strength Test Cubes, to be tested by an Independent Laboratory (Provisional)",null,null,"Sets",4]
["5.5.2.20",null,"100mm wide x 10mm thick Jointex Joint Filler with 10 x 10mm Tear-Off Strip",null,null,"m",170]
["5.5.2.21",null,"10mm x 10mm SikaFlex at Facade Joint Sealer",null,null,"m",100]
[null,null,"Earthworks"]
["5.5.2.22",null,"Cut To Level",null,null,"m³",20]
["5.5.2.23",null,"Extra-over for Boulder Excavations",null,null,"m³",2]
["5.5.2.24",null,"for Hard Rock Excavations",null,null,"m³",1]
["Carried Forward"]
["SECTION 6 - OLIFANTSPOORT WATER TREATMENT WORKS -BUILDINGS AND MINOR CIVIL WORKS"]
["ITEM No","PAY\n REF","DESCRIPTION",null,null,"UNIT","QTY","RATE","AMOUNT"]
["Brought Forward"]
["5.5.3",null,"Damp Proof Course"]
["5.5.3.1",null,"One layer of 250 micron 'USB GREEN' waterproof sheeting sealed at laps with 'Gunplas Pressure Sensitive Tape':",null,null,"m²",120]
[null,null,"Gundle® 'Brikgrip® DPC 375' Damp Proof course to SABS mark 952- 1985 Type B:"]
["5.5.3.2",null,"In 200 thick walls",null,null,"m",60]
["5.5.3.3",null,"In 100 thick walls",null,null,"m",25]
["5.5.4",null,"Blockwork"]
["5.5.4.1",null,"M190 (190mm thick  Walls - Load bearing wall)",null,null,"m²",120]
["5.5.4.2",null,"M90(90mm thick Walls (Outside Walls - Face brick)",null,null,"m²",120]
["5.5.4.3",null,"190mm Brickforce to Wall",null,null,"m",300]
["5.5.4.4",null,"90mm Brickforce to Outside Walls",null,null,"m",135]
["5.5.4.5",null,"390 x 190 x 50 Air Brick",null,null,"No.",8]
["5.5.4.6",null,"Precast Prestressed Concrete Lintels, suitable for blocks, lengths Not Exceeding 1.5m",null,null,"m",9]
["5.5.4.7",null,"Precast Prestressed Concrete Lintels, suitable for blocks, Lengths Exceeding 1.5m but Less than 6m",null,null,"m",12]
["5.5.4.8",null,"Galvanised Hoop Iron Cramps, Ties, etc: 30 x 1.6mm Wall Tie 600mm Long with One End Wrapped Around Rebar and the Other End Wrapped Over and Nailed to Rafter",null,null,"m",30]
["5.5.5",null,"Plaster"]
[null,null,"(15mm thick) 1:4 Cement Plaster on Brickwork:"]
["5.5.5.1",null,"a) On Walls",null,null,"m²",110]
["5.5.5.2",null,"b) On Narrow Widths",null,null,"m²",22]
["5.5.5.3",null,"c) 50mm Radius Skirting",null,null,"m",120]
["Carried Forward"]
["SECTION 6 - OLIFANTSPOORT WATER TREATMENT WORKS -BUILDINGS AND MINOR CIVIL WORKS"]
["ITEM No","PAY\n REF","DESCRIPTION",null,null,"UNIT","QTY","RATE","AMOUNT"]
["Brought Forward"]
["5.5.6",null,"Paint"]
[null,null,"Interior "]
["5.5.6.1",null,"a) Primer as per spec",null,null,"m²",110]
["5.5.6.2",null,"b) Paint as per spec",null,null,"m²",110]
[null,null,"Exterior "]
["5.5.6.3",null,"a) Primer as per spc",null,null,"m²",0]
["5.5.6.4",null,"b) Paint (Lighter Colour - as per spec)",null,null,"m²",0]
["5.5.6.5",null,"c) Paint (Darker Colour - as per spec)",null,null,"m²",0]
[null,null,"Floors"]
["5.5.6.6",null,"a) Epoxy Paint Floors",null,null,"m²",115]
["5.5.7",null,"Ironmongery"]
[null,null,"Doors Complete, including leaf, frame, hinges, handles, stops, lock sets etc"]
["5.5.7.1",null,"a) Door (as per drawings)",null,null,"No.",4]
["5.5.7.2",null,"d) 150 x 50 GMS Purlin",null,null,"m",9]
[null,null,"Painting of Doors"]
["5.5.7.3",null,"Laquer Thinners for Knots and Resinous areas",null,null,"m²",18]
["5.5.7.4",null,"Woodcare Knot Seal",null,null,"m²",18]
["5.5.7.5",null,"1 Coat Plascon Woodcare Pretreatment",null,null,"m²",{"$f":"G757","v":18}]
["5.5.7.6",null,"1 Coat Wood Primer (UC2)",null,null,"m²",70]
["5.5.7.7",null,"2 Coats Wall and All (WAA)",null,null,"m²",70]
[null,null,"Frame Finishing"]
["5.5.7.8",null,"Laquer Thinners for Knots and Resinous areas (Door A/C/D)",null,null,"m²",15]
["5.5.7.9",null,"Woodcare Knot Seal (Door A/C/D)",null,null,"m²",{"$f":"G757","v":18}]
["5.5.7.10",null,"1 Coat Plascon Woodcare Pretreatment (Door A/C/D)",null,null,"m²",15]
["5.5.7.11",null,"1 Coat Wood Primer (UC2) (Door A/C/D)",null,null,"m²",{"$f":"G764","v":15}]
["5.5.7.12",null,"2 Coats Wall and All (WAA) (Door A/C/D)",null,null,"m²",{"$f":"G765","v":15}]
["Carried Forward"]
["SECTION 6 - OLIFANTSPOORT WATER TREATMENT WORKS -BUILDINGS AND MINOR CIVIL WORKS"]
["ITEM No","PAY\n REF","DESCRIPTION",null,null,"UNIT","QTY","RATE","AMOUNT"]
["Brought Forward"]
[null,null,"Glazing"]
[null,null,"All glazing shall be inaccordance with SABS 0400-1990, SABS 1263-1. All safety glazing materials shall be permanently marked"]
["5.5.7.13",null,"3mm obscure glass",null,null,"m²",20]
[null,null,"Galvanised windows"]
[null,null,"Supply and install hot dipped galvanised 1.6mm steel window frames to comply with SANS 727"]
["5.5.7.14",null,"Window (as per drawings)",null,null,"No.",8]
["5.5.8",null,"Roofing"]
[null,null,"False work, formwork and concrete finish"]
["5.5.8.1",null,"Vertical formwork to provide (class  F3) surface finish",null,null,"m²",55]
["5.5.8.2",null,"Horizontal formwork to provide (class  F3) surface finish",null,null,"m²",85]
["5.5.8.3",null,"Horizontal formwork to provide (class  U2) surface finish",null,null,"m²",75]
[null,null,"Steel Reinforcement"]
[null,null,"Steel Reinforcement of concrete roof slab and up-stand beams"]
["5.5.8.4",null,"High yield stres steel bars ",null,null,"t",2]
["5.5.8.5",null,"40Mpa (28 days) 200mm Thick Powerfloat Finished Slab ",null,null,"m³",20]
["5.5.8.6",null,"Making and Testing Set of Six 150 x 150 x 150 Concrete Strength Test Cubes, to be tested by an Independent Laboratory (Provisional)",null,null,"Sets",4]
["5.5.8.7",null,"Elastoplastomeric polymer-bitumen waterproofing membrane torched on to roof slab to be finished off with aluminum pigment bitumen based paint coating in full comliance to manufacturers specification",null,null,"m²",80]
["5.5.8.8",null,"203x133x30 I-Section crawl beam anchored into RC roof slab with chemical anchors @ 1000 c/c",null,null,"m",15]
["5.5.9",null,"Guttering"]
["5.5.9.1",null,"Full bore outlet (to lead to PVC downpipe)",null,null,"No.",4]
["5.5.9.2",null,"75mm uPVC downpipe x 3.2m long including 2 no brackets per downpipe",null,null,"No.",4]
[]
[]
[]
["Total of Section 6 Carried to Summary"]

{"sheet":"Part-C","index":6,"n_rows":356,"n_cols":7,"rows_kept":356,"merged":[[0,0,0,6],[42,0,42,5],[43,0,43,6],[45,0,45,5],[77,0,77,5],[78,0,78,6],[100,0,100,5],[101,0,101,6],[128,0,128,5],[129,0,129,6],[131,0,131,5],[150,0,150,5],[151,0,151,6],[178,0,178,5],[179,0,179,6],[219,0,219,5],[220,0,220,6],[255,0,255,5],[256,0,256,6],[276,0,276,5],[277,0,277,6],[279,0,279,5],[303,0,303,5],[304,0,304,6],[306,0,306,5],[326,0,326,5],[327,0,327,6],[355,0,355,5]]}
["SECTION A2 - MEGORING: EARTHWORKS (PIPE TRENCHES) - SANS 1200DB"]
["ITEM\nNo","PAYMENT\nREF","DESCRIPTION","UNIT","QTY","RATE","   AMOUNT\nR"]
[]
["A2.1","8.3.1","Site Clearance"]
[]
["A2.1.1","8.3.1 (a)","Clear Vegetation and Trees of Girth Up to 1m (m 6 Wide Strip)","m",240]
[]
["A2.1.2","8.3.1 (b)","Clear Trees of Girth Over 1,0 m and Designated Obstacles","No","Rate Only"]
[]
["A2.1.3","PSDB\n 8.3.1 (c)","Remove topsoil (strip to 150 mm Deep), Stockpile, Prevent Dust Nuisance and Reinstate on Upon Completion","m²",480]
[]
["A2.2","8.3.2","Excavation"]
[]
[null,"8.3.2 (a)","Excavate in all Materials for Trenches, Backfill, Compact  and Dispose of Surplus Material with Depth Over and Up to:"]
[]
["A2.2.1",null,"        1.0 m          2.0 m","m3",50]
[]
["A2.2.2",null,"        2.0 m          3.0 m","m3",{"v":1000,"d":"1,000"}]
[]
["A2.2.3",null,"        3.0 m          4.0 m","m3",200]
[]
["A2.2.4",null,"        4.0 m         5.0 m","m3",10]
[]
[null,"PSDB8.3.2","Extra-over Item (a) above for:"]
[]
["A2.2.5","8.3.2 (b) (2)","Hard Rock Excavation","m³",20]
[]
["A2.2.6","PSDB 8.3.2","Excavate and Dispose of Boulders Class A","m³",10]
[]
["A2.2.7","8.3.2 (c)","Excavate and Dispose of Unsuitable Material From Trench Bottom (provisional)","m³",50]
[]
["A2.3","8.3.3","Excavation ancillaries"]
[]
[null,"8.3.3.1","Make Up Deficiency in Backfill Material (provisional)"]
[]
["A2.3.1","8.3.3.1 (a)","From Other Necessary Excavations On Site","m³",50]
[]
["A2.3.2","PSDB 8.3.3.3 ","Compaction in Road Reserves"]
[]
["A2.3.2.1","8.3.3.3 (a)","Under roadways to 93% MOD AASHTO","m³",200]
[]
["A2.3.2.2","8.3.3.3 (b)","Elswhere to 93% to MOD AASHTO","m³",50]
["Carried Forward"]
["SECTION A2 - MEGORING: EARTHWORKS (PIPE TRENCHES) - SANS 1200DB"]
["ITEM\nNo","PAYMENT\nREF","DESCRIPTION","UNIT","QTY","RATE","   AMOUNT\nR"]
[" Brought Forward"]
[]
["A2.4","8.3.5 ","Existing Services that intersect or adjoin a Pipe Trench"]
[]
[null,"8.3.5(a)","Services That intersect a Trench"]
[]
["A2.4.1",null,"1)    Stock Fences","No","Rate Only"]
[]
["A2.4.2",null,"2)    Storm Water Pipes","No","Rate Only"]
[]
["A2.4.3",null,"3)    Water Pipes","No","Rate Only"]
[]
["A2.4.4",null,"4)    Gravel Roads","No",2]
[]
[null,"8.3.5 (b)","Services That adjoin a Trench"]
[]
["A2.4.5",null,"1)    Stock Fence","m","Rate Only"]
[]
["A2.4.6",null,"2)    Storm Water Pipes","m",10]
[]
["A2.4.7",null,"3)    Water Pipes","m",165]
[]
["A2.5","PSDB8.3.6","Finishing"]
[]
[null,"8.3.6.1","Reinstate Road Surfaces Complete"]
[]
["A2.5.1","8.3.6.1 (a)","Gravel Road Surfaces","m²",150]
[]
["A2.5.2","8.3.7","Accommodation of traffic including bypass and signage","Sum",1]
[]
[]
[]
[" TOTAL SECTION A2 CARRIED TO SUMMARY"]
["SECTION A3 - MEGORING:  MEDIUM PRESSURE PIPELINES - SANS 1200L"]
["ITEM\nNo","PAYMENT\nREF","DESCRIPTION","UNIT","QTY","RATE","   AMOUNT\nR"]
["A3.1","8.2.1","Steel Pipes"]
[]
["A3.1.1",null,"Supply, Lay, Bed, Join and Test 600 ND / 8 mm Wall Thickness Grade X42  Beveled Steel Pipes, Pipes are to be Welded, CML internaly lined and Coated as per PSCL Particular Specifications.","m",326]
[]
["A3.1.2",null,"Temporary By-pass Pipeline (800 ND Steel Pipeline available at PS2 Pump Station Lebowakgomo)"]
[null,null,"Temporary By-pass Pipeline & Existing Fittings - Transport, Lay, Join and Test 800 ND / 10 mm Wall Thickness Grade C Beveled Steel Pipes, Epoxy lined and primer coat externally. Allow for machining of rough pipe ends to allow for joining.","m",160]
[]
["A3.1.3",null,"Pre-Cast Concrete Plinths with Pipe Straps (Available at PS2 Pump Station Lebowakgomo)"]
[null,null,"Pre-Cast Concrete Plinths inclusive of Transport, Earthworks & Excavation, preparation & compaction, leveling, Rubber insertions between plinths & pipes, all nuts and washers.","no",21]
["A3.1.4",null,"Temporary By-pass Pipeline Dismantling"]
[null,null,"Dismantling of the by-pass pipeline (800 ND) and transporting the Pipes & All Fittings back to PS2 Pump Station - Lebowakgomo)","m",160]
[]
[null,null,"Dismantling of the Plinth Pipe straps and transporting the plinths, straps, rubber insertions, nuts & washers back to PS2 Pump Station - Lebowakgomo)","no",21]
[]
["A3.1.5",null,"Existing 600 ND Steel Pipe cutting and transporting to PS2 Pump Station - Lebowakgomo)","m",163]
[]
["A3.3","8.2.2","Steel Fittings"]
[]
["A3.3.1",null,"Steel Bends PN40- Supply, Lay, Join, Test and Bed 600mm ND / 8mm Wall Thickness Grade X52 Steel Bends with Solvent Free Liquid Epoxy Lining and Coated as per PSCL Particular Specifications for The Following:"]
[]
["Carried Forward"]
["SECTION A3 - MEGORING:  MEDIUM PRESSURE PIPELINES - SANS 1200L"]
["ITEM\nNo","PAYMENT\nREF","DESCRIPTION","UNIT","QTY","RATE","   AMOUNT\nR"]
["A3.3.1.1",null,"0º - 5º","No",8]
[]
["A3.3.1.2",null,"20º - 45º","No",10]
[]
["A3.3.2.1",null,"Straight Pipe Section, 600mm ND, roughly 500mm long, Flanged one side & plain ended the other side (Item number TC1)","No",4]
[]
["A3.3.2.2",null,"Dismantling Coupling, 600mm ND (Item number TC2)","No",4]
[]
["A3.3.2.3",null,"Straight Pipe Section, 600mm ND, 1000mm long, Flanged both sides (Item number TC3)","No",4]
[]
["A3.3.2.4",null,"Short Radius Bend, 600mm ND, Flanged both sides (Item number TC4)","No",2]
[]
["A3.3.2.5",null,"Straight Pipe Section, 600mm ND roughly 3000mm long, Flanged both sides (Item number TC5)","No",2]
[]
["A3.3.2.6",null,"Sweep Tee, 600mm ND, Flanged all sides (Item number TC6)","No",2]
[]
["A3.3.2.7",null,"Steel Reducer, 600mm ND to 800mm ND, Flanged on 600mm side & plain ended on 800mm side (Item number TC7)","No",2]
[]
["A3.3.2.8",null,"Steel Tee, 800mm x 800mm x 600mm ND, Flanged on 600mm side, plain ended the other two sides","No",1]
[]
["A3.3.2.9",null,"600mm Blank Flange with 150mm drilled opening  with a 150mm Flanged Pipe Section.","No",1]
[]
["A3.3.2.10",null,"150mm RSV Gate Valve, Non-Rising Spindle & Hand Operated","No",1]
["A3.3.2.11",null,"150mm Air Valve, Double Orifice, Dual Action with mechanism to prevent slamming","No",1]
[]
["Carried Forward"]
["SECTION A3 - MEGORING:  MEDIUM PRESSURE PIPELINES - SANS 1200L"]
["ITEM\nNo","PAYMENT\nREF","DESCRIPTION","UNIT","QTY","RATE","   AMOUNT\nR"]
[" Brought Forward"]
["A3.4","8.2.3","VALVE CHAMBERS"]
["A3.4.1",null,"Air Valve Chambers "]
["A3.4.1.1",null,"Air Valve Chamber for 100DN double orfice vaccum  break PN40 air valve including isolating valve, Complete as Shown on Drawing, including all the pipework, Excavation, Reinforcement and Concrete Work, Supply Material ","No",2]
[]
["A3.4.1.2",null,"Dismantling fittings and valves inside existing air valve chambers and transport all items to PS2 Pump Station - Lebowakgomo). Demolish the existing air valve chamber structures and remove rubble.","No",2]
[]
["A3.4.2",null,"Scour Valve Chamber"]
[]
["A3.4.2.1",null,"Scour Valve Chamber PN40, with 2x 200mm Scour valves and 400mm dismantling coupling including 400mm isolating valve, with 100mm dia by-pass and gate valve. Complete as Shown on Drawing, including all the pipework, Excavation, Reinforcement and Concrete Work, Supply Material ","No",1]
[]
["A3.4.2.2",null,"Dismantling fittings and valves inside existing scour valve chambers and transport all items to PS2 Pump Station - Lebowakgomo). Demolish the existing scour valve chamber structures and remove rubble.","No",2]
[]
["A3.5",null,"General"]
[]
["A3.5.1","PSL5.11","Cut-in and Connect to Existing Water infrastructure within Stipulated Time Frame including all Pipework as Specified. Inclusive for Both 600mm ND pipelines, on both sides (start and end points) and for both the temporary by-pass pipeline and the new permanent two river crossing pipelines.","Sum",1]
[]
["A3.5.2","PSPS3.16","Radiographic Examination and Testing of Pipe Welded  Joints","No",22]
[]
[" TOTAL SECTION A3 CARRIED TO SUMMARY"]
["SECTION A4 - MEGORING:  BEDDING (FLEXIBLE PIPES) - SANS 1200LB"]
["ITEM\nNo","PAYMENT\nREF","DESCRIPTION","UNIT","QTY","RATE","   AMOUNT\nR"]
[]
["A4.1","PSLB 8.2.1","Provision of Bedding From Trench Excavation "]
[]
["A4.1.1",null,"a)    Selected Granular Material","m³",30]
[]
["A4.1.2",null,"B)    Selected Fill Material","m³",14]
[]
["A4.2","8.2.2","Supply only of Bedding By Importation"]
[]
[null,"8.2.2.3","From Commercial Sources"]
[]
["A4.2.1",null,"a)    Selected Granular Material","m³",260]
[]
["A4.2.2",null,"B)    Selected Fill Material","m³",80]
[]
[]
["A4.3","8.2.3","Encasing Pipes in Concrete"]
[]
[null,null,"Supply Material and Construct Concrete Encasement for 2 x 600 DN Pipes for River Crossings as Specified on Drawings."]
[]
["A4.3.1",null,"Concrete Grade 15/19","m³",294]
[]
["A4.3.2",null,"Steel Mesh Ref No 100","m2",{"v":1500,"d":"1,500"}]
[]
[]
[" TOTAL SECTION A4 CARRIED TO SUMMARY"]
["SECTION B2 - THAKGALANG: EARTHWORKS (PIPE TRENCHES) - SANS 1200DB"]
["ITEM\nNo","PAYMENT\nREF","DESCRIPTION","UNIT","QTY","RATE","   AMOUNT\nR"]
[]
["B2.1","8.3.1","Site Clearance"]
[]
["B2.1.1","8.3.1 (a)","Clear Vegetation and Trees of Girth Up to 1m (3m  Wide Strip)","m",105]
[]
["B2.1.2","8.3.1 (b)","Clear Trees of Girth Over 1,0 m and Designated Obstacles","No","Rate Only"]
[]
["B2.1.3","PSDB\n 8.3.1 (c)","Remove topsoil (strip to 150 mm Deep), Stockpile, Prevent Dust Nuisance and Reinstate on Upon Completion","m²",315]
[]
["B2.2","8.3.2","Excavation"]
[]
[null,"8.3.2 (a)","Excavate in all Materials for Trenches, Backfill, Compact  and Dispose of Surplus Material with Depth Over and Up to:"]
[]
["B2.2.1",null,"        1.0 m          2.0 m","m3",30]
[]
["B2.2.2",null,"        2.0 m          3.0 m","m3",342]
[]
["B2.2.3",null,"        3.0 m          4.0 m","m3",115]
[]
["B2.2.4",null,"        4.0 m         5.0 m","m3",12]
[]
[null,"PSDB8.3.2","Extra-over Item (a) above for:"]
[]
["B2.2.6","8.3.2 (b) (2)","Hard Rock Excavation","m3",374]
[]
["B2.2.7","PSDB 8.3.2","Excavate and Dispose of Boulders Class A","m3",30]
[]
["B2.2.8","8.3.2 (c)","Excavate and Dispose of Unsuitable Material From Trench Bottom (provisional)","m3",70]
[]
["B2.3","8.3.3","Excavation ancillaries"]
[]
[null,"8.3.3.1","Make Up Deficiency in Backfill Material (provisional)"]
[]
["B2.3.1","8.3.3.1 (a)","From Other Necessary Excavations On Site","m3",70]
[]
["B2.3.2","PSDB 8.3.3.3 ","Compaction in Road Reserves"]
[]
[]
["Carried Forward"]
["SECTION B2 - THAKGALANG: EARTHWORKS (PIPE TRENCHES) - SANS 1200DB"]
["ITEM\nNo","PAYMENT\nREF","DESCRIPTION","UNIT","QTY","RATE","   AMOUNT\nR"]
[]
["B2.3.2.1","8.3.3.3 (a)","Under roadways to 93% MOD AASHTO","m3",90]
[]
["B2.3.2.2","8.3.3.3 (b)","Elswhere to 93% to MOD AASHTO","m3",35]
[]
["B2.4","8.3.5 ","Existing Services that intersect or adjoin a Pipe Trench"]
[]
[null,"8.3.5(a)","Services That intersect a Trench"]
[]
["B2.4.1",null,"1)    Stock Fences","No","Rate Only"]
[]
["B2.4.2",null,"2)    Storm Water Pipes","No","Rate Only"]
[]
["B2.4.3",null,"3)    Water Pipes","No","Rate Only"]
[]
["B2.4.4",null,"4)    Gravel Roads","No",2]
[]
[null,"8.3.5 (b)","Services That adjoin a Trench"]
[]
["B2.4.5",null,"1)    Stock Fence","m","Rate Only"]
[]
["B2.4.6",null,"2)    Storm Water Pipes","m",10]
[]
["B2.4.7",null,"3)    Water Pipes","m",140]
[]
["B2.5","PSDB8.3.6","Finishing"]
[]
[null,"8.3.6.1","Reinstate Road Surfaces Complete"]
[]
["B2.5.1","8.3.6.1 (a)","Gravel Road Surfaces","m²",70]
[]
["B2.5.2","8.3.7","Accommodation of traffic including bypass and signage","Sum",1]
[]
[" TOTAL SECTION B2 CARRIED TO SUMMARY"]
["SECTION B3 - THAKGALANG:  MEDIUM PRESSURE PIPELINES - SANS 1200L"]
["ITEM\nNo","PAYMENT\nREF","DESCRIPTION","UNIT","QTY","RATE","   AMOUNT\nR"]
[]
["B3.1","8.2.1","Steel Pipes"]
[]
["B3.1.1",null,"Supply, Lay, Bed, Join and Test 600 ND / 8 mm Wall Thickness Grade X42  Beveled Steel Pipes, Pipes are to be Welded, CML internaly lined and Coated as per PSCL Particular Specifications.","m",140]
[]
["B3.1.2",null,"Temporary By-pass Pipeline (800 ND Steel Pipeline available at PS2 Pump Station Lebowakgomo)"]
[null,null,"Temporary By-pass Pipeline & Existing Fittings - Transport, Lay, Join and Test 800 ND / 10 mm Wall Thickness Grade C Beveled Steel Pipes, Epoxy lined and primer coat externally. Allow for machining of rough pipe ends to allow for joining.","m",154]
[]
["B3.1.3",null,"Pre-Cast Concrete Plinths with Pipe Straps (Available at PS2 Pump Station Lebowakgomo)"]
[null,null,"Pre-Cast Concrete Plinths inclusive of Transport, Earthworks & Excavation, preparation & compaction, leveling, Rubber insertions between plinths & pipes, all nuts and washers.","no",28]
[]
["B3.1.4",null,"Temporary By-pass Pipeline Dismantling"]
[null,null,"Dismantling of the by-pass pipeline (800 ND) and transporting the Pipes & All Fittings back to PS2 Pump Station - Lebowakgomo)","m",154]
[]
[null,null,"Dismantling of the Plinth Pipe straps and transporting the plinths, straps, rubber insertions, nuts & washers back to PS2 Pump Station - Lebowakgomo)","no",28]
[]
["B3.1.5",null,"Existing 600 ND Steel Pipe cutting and transporting to PS2 Pump Station - Lebowakgomo)","m",140]
[]
["Carried Forward"]
["SECTION B3 - THAKGALANG:  MEDIUM PRESSURE PIPELINES - SANS 1200L"]
["ITEM\nNo","PAYMENT\nREF","DESCRIPTION","UNIT","QTY","RATE","   AMOUNT\nR"]
[" Brought Forward"]
[]
["B3.3","8.2.2","Steel Fittings"]
[]
["B3.3.1",null,"Steel Bends PN25- Supply, Lay, Join, Test and Bed 600mm ND / 8mm Wall Thickness Grade X52 Steel Bends with Solvent Free Liquid Epoxy Lining and Coated as per PSCL Particular Specifications for The Following:"]
[]
["B3.3.1.1",null,"0º - 5º","No",5]
[]
["B3.3.1.2",null,"20º - 45º","No",6]
[]
["B3.3.2",null,"Steel Fittings for Temporary By-Pass Pipeline PN25 as per drawing: P1001-EB1L-CIV-1301- Supply, Lay, Join, Test and Bed 600mm ND / 8mm Wall Thickness Grade X52 Steel Fittings with Solvent Free Liquid Epoxy Lining and Coated as per PSCL Particular Specifications for The Following:"]
[]
["B3.3.2.1",null,"Straight Pipe Section, 600mm ND, roughly 500mm long, Flanged one side & plain ended the other side (Item number TC1)","No",2]
[]
["B3.3.2.2",null,"Dismantling Coupling, 600mm ND (Item number TC2)","No",2]
[]
["B3.3.2.3",null,"Steel Reducer, 600mm ND to 800mm ND, Flanged on 600mm side & plain ended on 800mm side (Item number TC7)","No",2]
[]
["B3.3.2.4",null,"Steel Tee, 800mm x 800mm x 600mm ND, Flanged on 600mm side, plain ended the other two sides","No",1]
[]
["B3.3.2.5",null,"600mm Blank Flange with 150mm drilled opening  with a 150mm Flanged Pipe Section.","No",1]
[]
["B3.3.2.6",null,"150mm RSV Gate Valve, Non-Rising Spindle & Hand Operated","No",1]
["B3.3.2.7",null,"150mm Air Valve, Double Orifice, Dual Action with mechanism to prevent slamming","No",1]
["Carried Forward"]
["SECTION B3 - THAKGALANG:  MEDIUM PRESSURE PIPELINES - SANS 1200L"]
["ITEM\nNo","PAYMENT\nREF","DESCRIPTION","UNIT","QTY","RATE","   AMOUNT\nR"]
[" Brought Forward"]
[]
["B3.4","8.2.3","VALVE CHAMBERS"]
[]
["B3.4.1",null,"Air Valve Chambers"]
[]
["B3.4.1.1",null,"Air Valve Chamber for 100DN double orfice vaccum  break PN25 air valve including isolating valve, Complete as Shown on Drawing, including all the pipework, Excavation, Reinforcement and Concrete Work, Supply Material ","No",2]
[]
["A3.4.2",null,"Scour Valve Chamber"]
[]
["A3.4.2.1",null,"Scour Valve Chamber PN25, with 2x 200mm Scour valves and 400mm dismantling coupling including 400mm isolating valve, with 100mm dia by-pass and gate valve. Complete as Shown on Drawing, including all the pipework, Excavation, Reinforcement and Concrete Work, Supply Material ","No",1]
[]
["A3.4.2.2",null,"Dismantling fittings and valves inside existing scour valve chambers and transport all items to PS2 Pump Station - Lebowakgomo). Demolish the existing scour valve chamber structures and remove rubble.","No",1]
[]
["B3.5",null,"General"]
[]
["B3.5.1","PSL5.11","Cut-in and Connect to Existing Water infrastructure within Stipulated Time Frame including all Pipework as Specified. Inclusive for the 600mm ND pipeline on both sides (start and end points) and for both the temporary by-pass pipeline and the new permanent river crossing pipeline.","Sum",1]
[]
["B3.5.2","PSPS3.16","Radiographic Examination and Testing of Pipe Welded  Joints","No",20]
[]
[" TOTAL SECTION B3 CARRIED TO SUMMARY"]
["SECTION B4 - THAKGALANG:  BEDDING (FLEXIBLE PIPES) - SANS 1200LB"]
["ITEM\nNo","PAYMENT\nREF","DESCRIPTION","UNIT","QTY","RATE","   AMOUNT\nR"]
[]
["B4.1","PSLB 8.2.1","Provision of Bedding From Trench Excavation "]
[]
["B4.1.1",null,"a)    Selected Granular Material","m³",20]
[]
["B4.1.2",null,"B)    Selected Fill Material","m³",15]
[]
["B4.2","8.2.2","Supply only of Bedding By Importation"]
[]
[null,"8.2.2.3","From Commercial Sources"]
[]
["B4.2.1",null,"a)    Selected Granular Material","m³",150]
[]
["B4.2.2",null,"B)    Selected Fill Material","m³",40]
[]
[]
["B4.3","8.2.3","Encasing Pipes in Concrete"]
[]
[null,null,"Supply Material and Construct Concrete Encasement for 600 DN Pipe for River Crossing as Specified on Drawings."]
[]
["B4.3.1",null,"Concrete Grade 15/19","m³",157]
[]
["B4.3.2",null,"Steel Mesh Ref No 100","m2",{"v":1000,"d":"1,000"}]
[]
[]
[]
[" TOTAL SECTION B4 CARRIED TO SUMMARY"]

{"sheet":"Part B","index":7,"n_rows":756,"n_cols":9,"rows_kept":756,"hidden":true,"merged":[[0,0,0,8],[1,2,1,4],[3,2,3,4],[4,2,4,4],[5,2,5,4],[6,2,6,4],[7,2,7,4],[8,2,8,4],[9,2,9,4],[10,2,10,4],[11,2,11,4],[12,2,12,4],[13,2,13,4],[14,2,14,4],[15,2,15,4],[16,2,16,4],[17,2,17,4],[18,2,18,4],[19,2,19,4],[20,2,20,4],[21,2,21,4],[22,2,22,4],[23,2,23,4],[24,2,24,4],[25,2,25,4],[26,2,26,4],[27,2,27,4],[28,2,28,4],[29,2,29,4],[30,2,30,4],[31,2,31,4],[32,2,32,4],[33,2,33,4],[34,2,34,4],[35,2,35,4],[36,2,36,4],[37,0,37,7],[38,0,38,8],[39,2,39,4],[40,0,40,7],[41,2,41,4],[42,2,42,4],[43,2,43,4],[44,2,44,4],[45,2,45,4],[46,2,46,4],[47,2,47,4],[48,2,48,4],[49,2,49,4],[50,2,50,4],[51,2,51,4],[52,2,52,4],[53,2,53,4],[54,2,54,4],[55,2,55,4],[56,2,56,4],[57,2,57,4],[58,2,58,4],[59,2,59,4],[60,2,60,4],[61,2,61,4],[62,2,62,4],[63,2,63,4],[64,2,64,4],[65,2,65,4],[66,2,66,4],[67,2,67,4],[68,2,68,4],[69,2,69,4],[70,2,70,4],[71,2,71,4],[72,2,72,4],[73,2,73,4],[74,2,74,4],[75,2,75,4],[76,2,76,4],[77,2,77,4],[78,2,78,4],[79,2,79,4],[80,2,80,4],[81,2,81,4],[82,2,82,4],[83,2,83,4],[84,2,84,4],[85,2,85,4],[86,2,86,4],[87,2,87,4],[88,2,88,4],[89,2,89,4],[90,2,90,4],[91,2,91,4],[92,2,92,4],[93,2,93,4],[94,3,94,4],[95,3,95,4],[96,2,96,4],[97,3,97,4],[98,2,98,4],[99,2,99,4],[100,0,100,7],[101,0,101,8],[102,2,102,4],[103,0,103,7],[105,2,105,4],[106,3,106,4],[107,2,107,4],[108,2,108,4],[109,2,109,4],[110,2,110,4],[111,2,111,4],[112,2,112,4],[113,2,113,4],[114,2,114,4],[115,0,115,7],[116,0,116,8],[117,2,117,4],[118,2,118,4],[119,2,119,4],[120,2,120,4],[121,2,121,4],[122,2,122,4],[123,2,123,4],[124,2,124,4],[125,2,125,4],[126,2,126,4],[127,2,127,4],[128,2,128,4],[129,0,129,7],[130,0,130,8],[131,2,131,4],[133,2,133,4],[134,2,134,4],[135,2,135,4],[136,2,136,4],[137,2,137,4],[138,0,138,7],[139,0,139,8],[140,2,140,4],[141,0,141,7],[142,2,142,4],[143,2,143,4],[144,2,144,4],[145,2,145,4],[146,2,146,4],[147,2,147,4],[148,2,148,4],[149,2,149,4],[150,2,150,4],[151,2,151,4],[152,2,152,4],[153,2,153,4],[154,2,154,4],[155,2,155,4],[156,2,156,4],[157,2,157,4],[158,2,158,4],[159,2,159,4],[160,2,160,4],[161,2,161,4],[162,2,162,4],[163,2,163,4],[164,2,164,4],[165,2,165,4],[166,2,166,4],[167,2,167,4],[168,2,168,4],[169,2,169,4],[170,2,170,4],[171,2,171,4],[172,2,172,4],[173,2,173,4],[174,0,174,7],[175,0,175,8],[176,2,176,4],[177,0,177,7],[178,2,178,4],[179,2,179,4],[180,2,180,4],[181,2,181,4],[182,2,182,4],[183,0,183,7],[184,0,184,8],[185,2,185,4],[187,2,187,4],[188,2,188,4],[189,2,189,4],[190,2,190,4],[191,2,191,4],[192,2,192,4],[193,2,193,4],[194,2,194,4],[195,2,195,4],[196,2,196,4],[197,2,197,4],[198,2,198,4],[199,2,199,4],[200,2,200,4],[201,2,201,4],[202,2,202,4],[203,2,203,4],[204,2,204,4],[205,2,205,4],[206,0,206,7],[207,0,207,8],[208,2,208,4],[209,0,209,7],[210,2,210,4],[211,2,211,4],[212,2,212,4],[213,2,213,4],[214,2,214,4],[215,2,215,4],[216,2,216,4],[217,2,217,4],[218,2,218,4],[219,2,219,4],[220,2,220,4],[221,2,221,4],[222,2,222,4],[223,2,223,4],[224,2,224,4],[225,2,225,4],[226,2,226,4],[227,2,227,4],[228,2,228,4],[229,2,229,4],[230,2,230,4],[231,2,231,4],[232,2,232,4],[233,0,233,7],[234,0,234,8],[235,2,235,4],[236,0,236,7],[237,2,237,4],[238,2,238,4],[239,2,239,4],[240,2,240,4],[241,2,241,4],[242,2,242,4],[243,2,243,4],[244,2,244,4],[245,2,245,4],[246,2,246,4],[247,2,247,4],[248,2,248,4],[249,0,249,7],[250,0,250,8],[251,2,251,4],[252,2,252,4],[253,2,253,4],[279,0,279,7],[280,0,280,8],[281,2,281,4],[282,0,282,7],[335,0,335,7],[336,0,336,8],[337,2,337,4],[338,0,338,7],[344,2,344,4],[388,0,388,7],[389,0,389,8],[390,2,390,4],[391,0,391,7],[429,2,429,4],[431,2,431,4],[441,0,441,7],[442,0,442,8],[443,2,443,4],[444,0,444,7],[495,0,495,7],[496,0,496,8],[497,2,497,4],[498,0,498,7],[520,2,520,4],[522,2,522,4],[523,2,523,4],[524,2,524,4],[525,2,525,4],[526,2,526,4],[527,2,527,4],[528,2,528,4],[529,2,529,4],[530,2,530,4],[531,2,531,4],[532,2,532,4],[533,2,533,4],[534,2,534,4],[535,2,535,4],[536,2,536,4],[537,2,537,4],[538,2,538,4],[539,2,539,4],[540,2,540,4],[541,2,541,4],[542,2,542,4],[543,0,543,7],[544,0,544,8],[545,2,545,4],[546,0,546,7],[547,2,547,4],[548,2,548,4],[549,2,549,4],[550,2,550,4],[551,2,551,4],[552,2,552,4],[553,2,553,4],[554,2,554,4],[555,2,555,4],[556,2,556,4],[557,2,557,4],[558,2,558,4],[559,2,559,4],[560,2,560,4],[561,2,561,4],[562,2,562,4],[563,2,563,4],[564,2,564,4],[565,2,565,4],[566,2,566,4],[567,2,567,4],[568,2,568,4],[569,2,569,4],[570,2,570,4],[571,2,571,4],[572,2,572,4],[573,2,573,4],[574,2,574,4],[575,2,575,4],[576,2,576,4],[577,2,577,4],[578,2,578,4],[579,2,579,4],[580,2,580,4],[581,2,581,4],[582,2,582,4],[583,2,583,4],[584,2,584,4],[585,2,585,4],[586,2,586,4],[587,2,587,4],[588,2,588,4],[589,2,589,4],[590,2,590,4],[591,2,591,4],[592,2,592,4],[593,0,593,7],[594,0,594,8],[595,2,595,4],[596,0,596,7],[597,2,597,4],[598,2,598,4],[599,2,599,4],[600,2,600,4],[601,2,601,4],[602,2,602,4],[603,2,603,4],[604,2,604,4],[605,2,605,4],[606,2,606,4],[607,2,607,4],[608,2,608,4],[609,2,609,4],[610,2,610,4],[611,2,611,4],[612,2,612,4],[613,2,613,4],[614,2,614,4],[615,2,615,4],[616,2,616,4],[617,2,617,4],[618,2,618,4],[619,2,619,4],[620,2,620,4],[621,2,621,4],[622,2,622,4],[623,2,623,4],[624,2,624,4],[625,2,625,4],[626,2,626,4],[627,2,627,4],[628,2,628,4],[629,2,629,4],[630,2,630,4],[631,2,631,4],[632,2,632,4],[633,2,633,4],[634,2,634,4],[635,2,635,4],[636,2,636,4],[637,2,637,4],[638,2,638,4],[639,2,639,4],[640,2,640,4],[641,2,641,4],[642,0,642,7],[643,0,643,8],[644,2,644,4],[645,0,645,7],[646,2,646,4],[647,2,647,4],[648,2,648,4],[649,2,649,4],[650,2,650,4],[651,2,651,4],[652,2,652,4],[653,2,653,4],[654,2,654,4],[655,2,655,4],[656,2,656,4],[657,2,657,4],[658,2,658,4],[659,2,659,4],[660,2,660,4],[661,2,661,4],[662,2,662,4],[663,2,663,4],[664,2,664,4],[665,2,665,4],[666,2,666,4],[667,2,667,4],[668,2,668,4],[669,2,669,4],[670,2,670,4],[671,2,671,4],[672,2,672,4],[673,2,673,4],[674,2,674,4],[675,2,675,4],[676,2,676,4],[677,2,677,4],[678,2,678,4],[679,2,679,4],[680,2,680,4],[681,0,681,7],[682,0,682,8],[683,2,683,4],[684,0,684,7],[685,2,685,4],[686,2,686,4],[687,2,687,4],[688,2,688,4],[689,2,689,4],[690,2,690,4],[691,2,691,4],[692,2,692,4],[693,2,693,4],[694,2,694,4],[695,2,695,4],[696,2,696,4],[697,2,697,4],[698,2,698,4],[699,2,699,4],[700,2,700,4],[701,2,701,4],[702,2,702,4],[703,2,703,4],[704,2,704,4],[705,2,705,4],[706,2,706,4],[707,2,707,4],[708,2,708,4],[709,2,709,4],[710,2,710,4],[711,2,711,4],[712,2,712,4],[713,2,713,4],[714,2,714,4],[715,2,715,4],[716,2,716,4],[717,2,717,4],[718,2,718,4],[719,2,719,4],[720,2,720,4],[721,2,721,4],[722,2,722,4],[723,2,723,4],[724,2,724,4],[725,0,725,7],[726,0,726,8],[727,2,727,4],[728,0,728,7],[729,2,729,4],[730,2,730,4],[731,2,731,4],[732,2,732,4],[733,2,733,4],[734,2,734,4],[735,2,735,4],[736,2,736,4],[737,2,737,4],[738,2,738,4],[739,2,739,4],[740,2,740,4],[741,2,741,4],[742,2,742,4],[743,2,743,4],[744,2,744,4],[745,2,745,4],[746,2,746,4],[747,2,747,4],[748,2,748,4],[749,2,749,4],[750,2,750,4],[751,2,751,4],[755,0,755,7]]}
["SECTION 2 - OLIFANTSPOORT WATER TREATMENT WORKS PROCESS"]
["ITEM No","PAY\n REF","DESCRIPTION",null,null,"UNIT","QTY","RATE","AMOUNT"]
[1,null,"WATER TREATMENT WORKS PROCESS  WORKS"]
["1.1",null,"Lime Dosing System"]
["1.1.1",null,"Design, manufacture, test at works, supply, install and test at site of Mechanical Lifting Device to lift 25kg bags of Lime",null,null,"No",1,{"v":85756,"d":"85,756.00"},{"$f":"G5*H5","v":{"v":85756,"d":"85,756.00"}}]
["1.1.2",null,"Design, manufacture, test at works, supply, install and test at site 500kg Hydrated Lime Storage Silo with Conical Lower Section at an Angle of 70° to the Horizontal complete with",null,null,"No",1,{"v":485621,"d":"485,621.00"},{"v":485621,"d":"485,621.00"}]
["1.1.3",null,"Design, supply and install Steel Steps and Platform to facilitate empting 25kg bags of lime into the Silo",null,null,"No",1,{"v":66101,"d":"66,101.00"},{"v":66101,"d":"66,101.00"}]
["1.1.4",null,"Design, manufacture, test at works, supply, install and test at site of Lime Screw Feeder with capacity to feed 8kg dry hudrated lime per hour to mixing tank complete with variable speed controlled motor compete with PLC panel",null,null,"No",1,{"v":376521,"d":"376,521.00"},{"v":376521,"d":"376,521.00"}]
["1.1.5",null,"Design, manufacture, test at works, supply, install and test at site of a peristaltic pump suitable to pump 100l/h of lime slurry complete with accessories",null,null,"No",1,{"v":254845,"d":"254,845.00"},{"v":254845,"d":"254,845.00"}]
["1.1.6",null,"Design, manufacture, test at works, supply, install and test at site of Vibrating Bin Activator connected to the bottom of Silo Cone incorporated with a manually operated Knife-gate Isolation Valve",null,null,"no",1,{"v":402567,"d":"402,567.00"},{"v":402567,"d":"402,567.00"}]
["1.1.7",null,"Commissioning of pre-chlorine dosing system",null,null,"sum",1,{"v":60000,"d":"60,000.00"},{"v":60000,"d":"60,000.00"}]
["1.2",null,"Pre-Chlorine Dosing System"]
["1.2.1",null,"Chloring cylinder scale with full functional LED indicator",null,null,"no",2,{"v":17000,"d":"17,000.00"},{"$f":"G13*H13","v":{"v":34000,"d":"34,000.00"}}]
["1.2.2",null,"Cylinder to be fitted with automatic container shut-off/auto valve shutdown system",null,null,"no",2,{"v":17500,"d":"17,500.00"},{"$f":"G14*H14","v":{"v":35000,"d":"35,000.00"}}]
["1.2.3",null,"Vacuum eductors with rotameters and control valve to supply up to 20kg/h",null,null,"no",2,{"v":70000,"d":"70,000.00"},{"v":140000,"d":"140,000.00"}]
["1.2.4",null,"Chlorine 80uPVC pipework, measurement and all fittings to be confimed on sideto be confimed on site",null,null,"sum",1,{"v":20000,"d":"20,000.00"},{"v":20000,"d":"20,000.00"}]
["1.2.5",null,"Pre-chorine load cells",null,null,"no",2,{"v":80000,"d":"80,000.00"},{"v":160000,"d":"160,000.00"}]
["1.2.6",null,"Chlorine room safety equipment includng gas leak detection, safety shower and eye wash, breathing apparatus and safety/warning signage",null,null,"sum",1,{"v":30000,"d":"30,000.00"},{"v":30000,"d":"30,000.00"}]
["1.2.7",null,"Pre-chloring dosing pumps with flow meter complete with control Panel ",null,null,"no",3,{"v":30000,"d":"30,000.00"},{"v":90000,"d":"90,000.00"}]
["1.2.8",null,"Refurbishment of the makeup water pumps",null,null,"no",3,{"v":4500,"d":"4,500.00"},{"v":13500,"d":"13,500.00"}]
["1.2.10",null,"Commissioning of pre-chlorine dosing system",null,null,"sum",1,{"v":60000,"d":"60,000.00"},{"v":60000,"d":"60,000.00"}]
["1.3",null,"Power Activate Carbon (PAC) Dosing System"]
["1.3.1",null,"Refurbishment of PAC dosing system including replacement of 3 dosing pumps",null,null,"sum",1,{"v":150000,"d":"150,000.00"},{"$f":"G23*H23","v":{"v":150000,"d":"150,000.00"}}]
["1.3.2",null,"Design, supply and install PAC pump MCC panel (3 dosing pumps) complete with PLC panel",null,null,"no",1,{"v":115000,"d":"115,000.00"},{"$f":"G24*H24","v":{"v":115000,"d":"115,000.00"}}]
["1.3.3",null,"Commissioning of the PAC dosing system",null,null,"sum",1,{"v":60000,"d":"60,000.00"},{"$f":"G25*H25","v":{"v":60000,"d":"60,000.00"}}]
["1.4",null,"Polyelctrolyte Dosing System"]
["1.4.1",null,"Supply and install polyelectrolyte feeder pipeline with hydrant connector (75mm with adaptors to accommodate 50mm, 75mm and 100mm for different tanker suppliers) ",null,null,"sum",1,{"v":40000,"d":"40,000.00"},{"$f":"G27*H27","v":{"v":40000,"d":"40,000.00"}}]
["1.4.2",null,"Replace the polyelectrolyte transfer pump (0.75kW) with new dual polyelectrolyte transfer pumps complete with local control MCC panel",null,null,"no",2,{"$f":"65000","v":{"v":65000,"d":"65,000.00"}},{"$f":"G28*H28","v":{"v":130000,"d":"130,000.00"}}]
["1.4.3",null,"Supply and installation of 25mm diameter PVC pipeline complete with valves on the transfer pumps to enable recirculating of polyelectrolyte ",null,null,"sum",1,{"v":10000,"d":"10,000.00"},{"v":10000,"d":"10,000.00"}]
["1.4.4",null,"Supply and install 25mm diamter valve with clip-on 10m detachable flexible hose ",null,null,"Sum",1,{"v":10000,"d":"10,000.00"},{"v":10000,"d":"10,000.00"}]
["1.4.5",null,"Mixer on polyelectrolyte make-up tank (EML MS80114 or equivalent)",null,null,"no",1,{"v":40000,"d":"40,000.00"},{"v":40000,"d":"40,000.00"}]
["1.4.6",null,"Flow meter on 25mm polyelectrolyte dosing line to measure up to 50l/h",null,null,"no",2,{"v":17500,"d":"17,500.00"},{"v":35000,"d":"35,000.00"}]
["1.4.7",null,"1.8m chemical feeder across flow channel (Module 1)",null,null,"no",1,{"v":5000,"d":"5,000.00"},{"v":5000,"d":"5,000.00"}]
["1.5",null,"Post-Chlorine Dosing System"]
["1.5.1",null,"Chlorine room safety equipment includng gas leak detection, safety shower and eye wash, breathing apparatus and safety/warning signage",null,null,"sum",1,{"v":40000,"d":"40,000.00"},{"$f":"G35*H35","v":{"v":40000,"d":"40,000.00"}}]
["1.5.2",null,"Post-chlorine dosing pumps with flow meter complete with control Panel",null,null,"no",3,{"v":22000,"d":"22,000.00"},{"v":66000,"d":"66,000.00"}]
["1.6",null,"Module 1 Rapid Mix and Flocculation Channel"]
["Carried Forward",{"$nulls":7},{"$f":"SUM(I5:I37)","v":{"v":3014911,"d":"3,014,911.00"}}]
["SECTION 2 - OLIFANTSPOORT WATER TREATMENT WORKS PROCESS"]
["ITEM No","PAY\n REF","DESCRIPTION",null,null,"UNIT","QTY","RATE","AMOUNT"]
["Brought Forward",{"$nulls":7},{"$f":"I38","v":{"v":3014911,"d":"3,014,911.00"}}]
["1.6.1","PSG8.1.1","Formwork"]
["1.6.1.1","8.2","Scheduled Formwork Items"]
["1.6.1.1.1","8.2.2","Smooth"]
[null,null,"a) Vertical plane to walls of channel Rapid Mixer",null,null,"m²",25,{"v":570,"d":"570.00"},{"$f":"G45*H45","v":{"v":14250,"d":"14,250.00"}}]
[null,null,"b) Vertical plane to First 5 Flocculation Channels",null,null,"m²",32,{"v":570,"d":"570.00"},{"$f":"G46*H46","v":{"v":18240,"d":"18,240.00"}}]
[null,null,"c) Vertical plane to Last 5 Flocculation Channels",null,null,"m²",160,{"v":570,"d":"570.00"},{"v":91200,"d":"91,200.00"}]
["1.6.1.2","8.3","Scheduled Reinforcement Items"]
[null,"8.3.1","a) High tensile steel bars Y12",null,null,"t",0.8,{"v":19500,"d":"19,500.00"},{"v":15600,"d":"15,600.00"}]
[null,null,"(Rapid Mixer - Wall Extensions)"]
[null,"8.3.1","b) High tensile steel bars Y12",null,null,"t",0.62,{"v":19500,"d":"19,500.00"},{"v":12090,"d":"12,090.00"}]
[null,null,"(First 5 Flocculation Channels Wall Ext)"]
[null,"8.3.1","c) High tensile steel bars Y12",null,null,"t",2.2,{"v":19500,"d":"19,500.00"},{"v":42900,"d":"42,900.00"}]
[null,null,"(Last 5 Flocculation Channels Wall Ext)"]
["1.6.1.3","8.4","Scheduled Concrete Items"]
["1.6.1.3.1","8.4.3","Grade 25/19 for:"]
[null,null,"a) Rapid Mixer",null,null,"m³",3.6,{"v":2400,"d":"2,400.00"},{"$f":"G57*H57","v":{"v":8640,"d":"8,640.00"}}]
[null,null,"b) First 5 Flocculation Channels",null,null,"m³",2.8,{"v":2400,"d":"2,400.00"},{"$f":"G58*H58","v":{"v":6720,"d":"6,720.00"}}]
[null,null,"c) Last 5 Flocculation Channels",null,null,"m³",10,{"v":2400,"d":"2,400.00"},{"v":24000,"d":"24,000.00"}]
["1.6.1.3.2","8.4.4","Unformed surface finishes"]
[null,null,"a) Steel float finish to Rapid Mixer walls",null,null,"m²",25,{"v":45,"d":"45.00"},{"v":1125,"d":"1,125.00"}]
[null,null,"b) Steel float finish to First 5 Flocculation Channel walls",null,null,"m²",32,{"v":45,"d":"45.00"},{"v":1440,"d":"1,440.00"}]
[null,null,"c) Steel float finish to Last 5 Flocculation Channel walls",null,null,"m²",160,{"v":45,"d":"45.00"},{"v":7200,"d":"7,200.00"}]
["1.6.1.4","8.5","Joints"]
[null,null,"Form Construction joints complete with sealing, waterstop, bandage joint as applicable for the following:"]
[null,null,"a) Rapid Mixer",null,null,"m",12,{"v":140,"d":"140.00"},{"$f":"G66*H66","v":{"v":1680,"d":"1,680.00"}}]
[null,null,"b) First 5 Flocculation Channels",null,null,"m",31,{"v":140,"d":"140.00"},{"$f":"G67*H67","v":{"v":4340,"d":"4,340.00"}}]
[null,null,"c) Last 5 Flocculation Channels",null,null,"m",55,{"v":140,"d":"140.00"},{"v":7700,"d":"7,700.00"}]
["1.6.1.5","8.7","Grouting"]
[null,null,"a) Rapid Mixer (Wall Extensions) ",null,null,"No",120,{"v":180,"d":"180.00"},{"$f":"G70*H70","v":{"v":21600,"d":"21,600.00"}}]
[null,null,"(Hole of 100mm x 150mm x 150mm)"]
[null,null,"b) First 5 Flocculation Channels (Wall Ext)",null,null,"No",310,{"v":180,"d":"180.00"},{"$f":"G72*H72","v":{"v":55800,"d":"55,800.00"}}]
[null,null,"(Hole of 100mm x 150mm x 150mm)"]
[null,null,"c) Last 5 Flocculation Channels (Wall Ext)",null,null,"No",550,{"v":180,"d":"180.00"},{"$f":"G74*H74","v":{"v":99000,"d":"99,000.00"}}]
[null,null,"(Hole of 100mm x 150mm x 150mm)"]
["1.6.1.6","PSG","Sundries"]
[null,"PSG8.9","a) Testing Channel for water tightness",null,null,"Sum",1,{"v":50000,"d":"50,000.00"},{"$f":"G77*H77","v":{"v":50000,"d":"50,000.00"}}]
[null,"PSG8.10","b) Cleaning, disinfecting and sterilising channels",null,null,"Sum",1,{"v":80000,"d":"80,000.00"},{"$f":"G78*H78","v":{"v":80000,"d":"80,000.00"}}]
[null,null,"c) Waterproofing concrete admixure",null,null,"Litres",650,{"v":150,"d":"150.00"},{"v":97500,"d":"97,500.00"}]
[null,null,"d) Scarify existing concrete walls for better bonding between old & new concrete (250mm wide walls)",null,null,"m",490,{"v":330,"d":"330.00"},{"v":161700,"d":"161,700.00"}]
["1.7",null,"Module 1 Sedimentation Basins"]
["1.7.1",null,"Drain and Clean sedimetation basin 11mx42m",null,null,"no",3,{"$f":"150000/3","v":{"v":50000,"d":"50,000.00"}},{"$f":"G82*H82","v":{"v":150000,"d":"150,000.00"}}]
["1.7.2",null,"Supply and install steel framework for lamella tube settlers as per supplier's specification",null,null,"m³",121,{"$f":"3500000/121","v":{"v":28925.619834710742,"d":"28,925.62"}},{"$f":"G83*H83","v":{"v":3500000,"d":"3,500,000.00"}}]
["1.7.3",null,"Supply and install baffle plate 11m x 1.5m",null,null,"m²",{"$f":"11*1.5","v":16.5},{"$f":"150000/16.5","v":{"v":9090.90909090909,"d":"9,090.91"}},{"$f":"G84*H84","v":{"v":150000,"d":"150,000.00"}}]
["1.7.4",null,"Supply and install steel Vee notch overflow weir 9m length",null,null,"m",18,{"$f":"200000/18","v":{"v":11111.111111111111,"d":"11,111.11"}},{"$f":"G85*H85","v":{"v":200000,"d":"200,000.00"}}]
["1.8",null,"Module 2 Sedimentation Basins"]
["1.8.1",null,"Drain and Clean sedimetation basin 17mx38,6m",null,null,"no",2,{"v":50000,"d":"50,000.00"},{"$f":"G87*H87","v":{"v":100000,"d":"100,000.00"}}]
["1.8.2",null,"Supply and install steel framework for lamella tube settlers as per supplier's specification",null,null,"m³",153,{"$f":"H83","v":{"v":28925.619834710742,"d":"28,925.62"}},{"$f":"G88*H88","v":{"v":4425619.834710743,"d":"4,425,619.83"}}]
["1.8.3",null,"Supply and install baffle plate 11m x 1.5m",null,null,"m²",16.5,{"$f":"H84","v":{"v":9090.90909090909,"d":"9,090.91"}},{"$f":"G89*H89","v":{"v":150000,"d":"150,000.00"}}]
["1.8.4",null,"Supply and install steel Vee notch overflow weir 9m length",null,null,"m",18,{"$f":"H85","v":{"v":11111.111111111111,"d":"11,111.11"}},{"$f":"G90*H90","v":{"v":200000,"d":"200,000.00"}}]
[null,null,"Sand Filters Blocks"]
["1.9","PSG 8.1.1","Formwork"]
[null,"8.2","Scheduled Form Items"]
[null,"8.2.2","Smooth"]
["1.9.1",null,"a)","Vertical plane to sand filter wall extensions",null,"m²",84,{"v":680,"d":"680.00"},{"$f":"G95*H95","v":{"v":57120,"d":"57,120.00"}}]
["1.9.2",null,"b)","Vertical plane to wall baffles in channel",null,"m²",33,{"v":680,"d":"680.00"},{"$f":"G96*H96","v":{"v":22440,"d":"22,440.00"}}]
[null,"8.3","Scheduled Reinforcement items"]
["1.9.3","8.3.2","a)","High tensile steel bars Y10 (Sand Filter Wall Extension)",null,"t",16,{"v":19500,"d":"19,500.00"},{"v":312000,"d":"312,000.00"}]
[null,"8.4","Scheduled Concrete Items "]
["1.9.4","8.4.2","Grade 15/19 Concrete Blinding layer 75mm thick",null,null,"m²",264,{"v":100,"d":"100.00"},{"v":26400,"d":"26,400.00"}]
["Carried Forward",{"$nulls":7},{"$f":"SUM(I41:I100)","v":{"v":13131215.834710743,"d":"13,131,215.83"}}]
["SECTION 2 - OLIFANTSPOORT WATER TREATMENT WORKS PROCESS"]
["ITEM No","PAY\n REF","DESCRIPTION",null,null,"UNIT","QTY","RATE","AMOUNT"]
["Brought Forward",{"$nulls":7},{"$f":"I101","v":{"v":13131215.834710743,"d":"13,131,215.83"}}]
[]
[null,"8.4.3","Grade 25/19 for:"]
["1.9.5",null,"a)","Sand Filter Wall Extensions",null,"m³",95,{"v":2400,"d":"2,400.00"},{"v":228000,"d":"228,000.00"}]
[null,"8.4.4","Unformed surface finishes"]
[null,null,"a) Steel float finish to Sand Filter wall extensions",null,null,"m²",135,{"v":45,"d":"45.00"},{"v":6075,"d":"6,075.00"}]
[null,"8.7","Grouting"]
["1.9.6",null,"a) For Anchor bolts - M16, 120mm Long",null,null,"no",40,{"v":150,"d":"150.00"},{"$f":"G111*H111","v":{"v":6000,"d":"6,000.00"}}]
["1.9.7",null,"b) For Sand filter wall extension (Hole 100mm x 150mm x 150mm) (As Specified on drawing)",null,null,"no",336,{"$f":"750000/336","v":{"v":2232.1428571428573,"d":"2,232.14"}},{"$f":"G112*H112","v":{"v":750000.0000000001,"d":"750,000.00"}}]
[null,null,"Filter Sand Replacement"]
["1.9.8",null,"Removal and stockpile of filter sand 12.5m³ per filter",null,null,"no",24,{"$f":"75000/24","v":{"v":3125,"d":"3,125.00"}},{"$f":"G114*H114","v":{"v":75000,"d":"75,000.00"}}]
["1.9.9",null,"Placement of filter graded anthracite in each filter 17.6m³ per filter",null,null,"no",24,{"$f":"1800000/24","v":{"v":75000,"d":"75,000.00"}},{"$f":"G115*H115","v":{"v":1800000,"d":"1,800,000.00"}}]
["Total Section 2 Carried to Summary",{"$nulls":7},{"$f":"SUM(I104:I115)","v":{"v":15996290.834710743,"d":"15,996,290.83"}}]
["SECTION 3 - OLIFANTSPOORT WATER TREATMENT WORKS - MECHANICAL REFURBISHMENT"]
["ITEM No","PAY\n REF","DESCRIPTION",null,null,"UNIT","QTY","RATE","AMOUNT"]
[2,null,"MECHANICAL REFURBISHMENT WORKS"]
["2.1",null,"Back Wash Blowers and Valves"]
["2.1.1",null,"Removal of existing backwash blowers, valves and piping,  then deliver and off-load to the site which will be specified by LNW",null,null,"Sum",1,{"v":17000,"d":"17,000.00"},{"$f":"G121*H121","v":{"v":17000,"d":"17,000.00"}}]
["2.1.2",null,"Supply, delivery; installation and commissioning of new 2 off horizontal backwash blowers similar/equivalent  to an existing or latest version of  Robuschi Blower 7\" x 17\".  ",null,null,"No",2,{"v":568452,"d":"568,452.00"},{"$f":"G122*H122","v":{"v":1136904,"d":"1,136,904.00"}}]
["2.1.3",null,"Supply, delivery; installation and commissioning of new 2 off horizontal backwash blower suction valves for the  supplied valves. Valves diameters and pressure rating shall be as per the recommendation from blower OEM.  ",null,null,"No",2,{"v":345645,"d":"345,645.00"},{"$f":"G123*H123","v":{"v":691290,"d":"691,290.00"}}]
["2.1.4",null,"Supply, delivery; installation and commissioning of new 2 off horizontal backwash blower delivery valves for the  supplied valves. Valves diameters and pressure rating shall be as per the recommendation from blower OEM",null,null,"No",2,{"v":245671,"d":"245,671.00"},{"v":491342,"d":"491,342.00"}]
["2.1.5",null,"Manufacture, modify, supply, delivery and installation of piping and specials to suit the supplied blower and valves. Installation shall tie-in with an existing piping inside the backwash blower room. No piping shall be modified beyond backwash blower room.",null,null,"Sum",1,{"v":97541,"d":"97,541.00"},{"v":97541,"d":"97,541.00"}]
["2.2",null,"Filter Valves"]
[null,null,"Maintenance/ refurbihsment of all filter block valves (Module 1 and Module 2)",null,null,"no",72,{"v":22500,"d":"22,500.00"},{"v":1620000,"d":"1,620,000.00"}]
[null,null,"Maintenance/ refurbihsment of all Module 2 Flocculation Channels Valves",null,null,"no",2,{"v":22500,"d":"22,500.00"},{"v":45000,"d":"45,000.00"}]
[null,null,"Maintenance/ refurbihsment of all Module 1 Flocculation Channels Valves",null,null,"no",9,{"v":22500,"d":"22,500.00"},{"v":202500,"d":"202,500.00"}]
["Total Section 3 Carried to Summary",{"$nulls":7},{"$f":"SUM(I119:I129)","v":{"v":4301577,"d":"4,301,577.00"}}]
["SECTION 4 - OLIFANTSPOORT WATER TREATMENT WORKS - ELECTRICAL REFURBISHMENT"]
["ITEM No","PAY\n REF","DESCRIPTION",null,null,"UNIT","QTY","RATE","AMOUNT"]
[3,null,"ELECTRICAL REFURBISHMENT WORKS"]
["3.1",null,"WTW Main Power Supply"]
["3.1.1",null,"Maintenance of 500kVA 33000/400V WTW Transformers including all transformer electrical tests, dissolved gas analysis and replacement of silica gel",null,null,"no",2,{"v":42000,"d":"42,000.00"},{"v":84000,"d":"84,000.00"}]
["3.1.2",null,"Maintenance of Main 400V Distribuition Board including infrared scanning ",null,null,"no",1,{"v":28000,"d":"28,000.00"},{"v":28000,"d":"28,000.00"}]
["3.2",null,"Filter Block 1 "]
["3.2.1",null,"Design, manufacutre, test at works, supply, install, test on site of  Electrical Actuators (Rotok orequivalent) for all valves complete with Remote IO card for PLC and SCADA control and monitoring",null,null,"no",36,{"v":75500,"d":"75,500.00"},{"$f":"G138*H138","v":{"v":2718000,"d":"2,718,000.00"}}]
["Carried Forward",{"$nulls":7},{"$f":"SUM(I135:I138)","v":{"v":2830000,"d":"2,830,000.00"}}]
["SECTION 4 - OLIFANTSPOORT WATER TREATMENT WORKS - ELECTRICAL REFURBISHMENT"]
["ITEM No","PAY\n REF","DESCRIPTION",null,null,"UNIT","QTY","RATE","AMOUNT"]
["Brought Forward",{"$nulls":7},{"$f":"I139","v":{"v":2830000,"d":"2,830,000.00"}}]
["3.2.2",null,"Design, manufacutre, test at works, supply, install, test on site of Wall Mounted 400V Switchboard as per attach drawing ",null,null,"no",1,{"v":120000,"d":"120,000.00"},{"v":120000,"d":"120,000.00"}]
["3.2.3",null,"Design, manufacutre, test at works, supply, install, test on site of 5kVA Uninterruptible Power Supply (UPS) complete with batteries)",null,null,"no",1,{"v":90852,"d":"90,852.00"},{"v":90852,"d":"90,852.00"}]
["3.2.4",null,"General electrical works including lighting replacement (with energy efficient lighting) and small power sockets)",null,null,"Prov Sum",1,{"v":5000,"d":"5,000.00"},{"v":5000,"d":"5,000.00"}]
["3.2.5",null,"Earthing and Lightning Protection Testing and Repairs by Specialist Contractor",null,null,"PC Sum",1,{"v":15000,"d":"15,000.00"},{"v":15000,"d":"15,000.00"}]
["3.2.6",null,"Supply and install 4mm² 4-core PVCPVCSWAPVC Cable complete with terminations (lugs, ",null,null,"m",500,{"v":76,"d":"76.00"},{"v":38000,"d":"38,000.00"}]
["3.2.7",null,"Supply and install cable support systems (e.g cable trays, etc.)",null,null,"Prov Sum",1,{"v":15000,"d":"15,000.00"},{"v":15000,"d":"15,000.00"}]
["3.3",null,"Filter Block 2 "]
["3.3.1",null,"Design, manufacutre, test at works, supply, install, test on site of Electrical Actuators (Rotok orequivalent) for all valves complete with Remote IO card for PLC and SCADA control and monitoring",null,null,"no",36,{"v":75500,"d":"75,500.00"},{"$f":"G150*H150","v":{"v":2718000,"d":"2,718,000.00"}}]
["3.3.2",null,"Design, manufacutre, test at works, supply, install, test on site of Wall Mounted 400V Switchboard as per attach drawing ",null,null,"no",1,{"v":120000,"d":"120,000.00"},{"$f":"G151*H151","v":{"v":120000,"d":"120,000.00"}}]
["3.3.3",null,"General electrical works including lighting replacement (with energy efficient lighting) and small power sockets)",null,null,"Prov Sum",1,{"v":5000,"d":"5,000.00"},{"v":5000,"d":"5,000.00"}]
["3.3.4",null,"Earthing and Lightning Protection Testing and Repairs by Specialist Contractor",null,null,"PC Sum",1,{"v":15000,"d":"15,000.00"},{"v":15000,"d":"15,000.00"}]
["3.3.5",null,"Supply and install 4mm² 4-core PVCPVCSWAPVC Cable",null,null,"m",500,{"v":76,"d":"76.00"},{"$f":"G154*H154","v":{"v":38000,"d":"38,000.00"}}]
["3.3.6",null,"Supply and install cable support systems (e.g cable trays, etc.)",null,null,"Prov Sum",1,{"v":15000,"d":"15,000.00"},{"$f":"G155*H155","v":{"v":15000,"d":"15,000.00"}}]
["3.4",null,"Pre-Chlorine Room"]
["3.4.1",null,"Design, supply and install pre-chlorine and makeup water pumps control panel complete PLC Panel",null,null,"sum",1,{"v":175000,"d":"175,000.00"},{"$f":"G157*H157","v":{"v":175000,"d":"175,000.00"}}]
["3.4.2",null,"General electrical works including lighting replacement (with energy efficient lighting), small power sockets, etc.)",null,null,"Prov Sum",1,{"v":3000,"d":"3,000.00"},{"v":3000,"d":"3,000.00"}]
["3.4.3",null,"Earthing and Lightning Protection Testing and Repairs by Specialist Contractor",null,null,"PC Sum",1,{"v":15000,"d":"15,000.00"},{"v":15000,"d":"15,000.00"}]
["3.4.4",null,"Percentage on PC for charges and profits",null,null,"%",25,{"$f":"H159","v":{"v":15000,"d":"15,000.00"}},{"$f":"H160*25/100","v":{"v":3750,"d":"3,750.00"}}]
["3.4.5",null,"Supply and install 4mm² 4-core PVCPVCSWAPVC Cable",null,null,"m",500,{"v":76,"d":"76.00"},{"$f":"G161*H161","v":{"v":38000,"d":"38,000.00"}}]
["3.4.6",null,"Supply and install cable support systems (e.g cable trays, etc.)",null,null,"Prov Sum",1,{"v":15000,"d":"15,000.00"},{"$f":"G162*H162","v":{"v":15000,"d":"15,000.00"}}]
["3.5",null,"Power Activate Carbon (PAC) Dosing System"]
[null,null,"Design, supply and install PAC pump MCC panel (3 dosing pumps) complete with PLC panel",null,null,"no",1,{"v":115000,"d":"115,000.00"},{"$f":"G164*H164","v":{"v":115000,"d":"115,000.00"}}]
["3.5.1",null,"General electrical works including lighting replacement (with energy efficient lighting), small power sockets, etc.)",null,null,"Prov Sum",1,{"v":3000,"d":"3,000.00"},{"$f":"G165*H165","v":{"v":3000,"d":"3,000.00"}}]
["3.5.2",null,"Earthing and Lightning Protection Testing and Repairs by Specialist Contractor",null,null,"PC Sum",1,{"v":15000,"d":"15,000.00"},{"v":15000,"d":"15,000.00"}]
["3.5.3",null,"Percentage on PC for charges and profits",null,null,"%",25,{"$f":"H166","v":{"v":15000,"d":"15,000.00"}},{"$f":"H167*25/100","v":{"v":3750,"d":"3,750.00"}}]
["3.5.4",null,"Supply and install 4mm² 4-core PVCPVCSWAPVC Cable",null,null,"m",500,{"v":76,"d":"76.00"},{"$f":"G168*H168","v":{"v":38000,"d":"38,000.00"}}]
["3.5.5",null,"Supply and install cable support systems (e.g cable trays, etc.)",null,null,"Prov Sum",1,{"v":15000,"d":"15,000.00"},{"$f":"G169*H169","v":{"v":15000,"d":"15,000.00"}}]
["3.6",null,"Blower Room"]
["3.6.1",null,"Maintenance and refurbishment of existing air blower MCC Panel including infrared scanning, checking all wiring and replacing faulty equipment. Detailed assessmnet of the panel to be done and recommendation to be submitted to the engineer for approval prior to work being carried out",null,null,"Sum",1,{"v":40000,"d":"40,000.00"},{"v":40000,"d":"40,000.00"}]
["3.6.2",null,"General electrical works including lighting replacement (with energy efficient lighting), small power sockets, etc.)",null,null,"Prov Sum",1,{"v":3500,"d":"3,500.00"},{"v":3500,"d":"3,500.00"}]
["3.6.3",null,"Earthing and Lightning Protection Testing and Repairs by Specialist Contractor",null,null,"PC Sum",1,{"v":15000,"d":"15,000.00"},{"v":15000,"d":"15,000.00"}]
["3.6.4",null,"Percentage on PC for charges and profits",null,null,"%",25,{"$f":"H173","v":{"v":15000,"d":"15,000.00"}},{"$f":"H174*25/100","v":{"v":3750,"d":"3,750.00"}}]
["Carried Forward",{"$nulls":7},{"$f":"SUM(I142:I174)","v":{"v":6526602,"d":"6,526,602.00"}}]
["SECTION 4 - OLIFANTSPOORT WATER TREATMENT WORKS - ELECTRICAL REFURBISHMENT"]
["ITEM No","PAY\n REF","DESCRIPTION",null,null,"UNIT","QTY","RATE","AMOUNT"]
["Brought Forward",{"$nulls":7},{"$f":"I175","v":{"v":6526602,"d":"6,526,602.00"}}]
["3.7",null,"Post-Chlorine Room"]
["3.7.1",null,"Design, supply and install pre-chlorine and makeup water pumps control panel complete PLC Panel",null,null,"sum",1,{"v":175000,"d":"175,000.00"},{"$f":"G180*H180","v":{"v":175000,"d":"175,000.00"}}]
["3.7.2",null,"General electrical works including lighting replacement (with energy efficient hazardous environment lighting , small power sockets, etc.)",null,null,"Prov Sum",1,{"v":5500,"d":"5,500.00"},{"v":5500,"d":"5,500.00"}]
["3.7.3",null,"Earthing and Lightning Protection Testing and Repairs by Specialist Contractor",null,null,"PC Sum",1,{"v":8500,"d":"8,500.00"},{"v":8500,"d":"8,500.00"}]
["3.7.4",null,"Percentage on PC for charges and profits",null,null,"%",25,{"$f":"H182","v":{"v":8500,"d":"8,500.00"}},{"$f":"H183*25/100","v":{"v":2125,"d":"2,125.00"}}]
["Total Section 5 Carried to Summary",{"$nulls":7},{"$f":"SUM(I178:I183)","v":{"v":6717727,"d":"6,717,727.00"}}]
["SECTION 5 - OLIFANTSPOORT WATER TREATMENT WORKS -CONTROL & INSTRUMENTATION REFURBISHMENT"]
["ITEM No","PAY\n REF","DESCRIPTION",null,null,"UNIT","QTY","RATE","AMOUNT"]
[4,null,"CONTROL + INSTRUMENTATION  REFURBISHMENT WORKS"]
["4.1",null,"Instrumentation and Control Cabling"]
["4.1.1",null,"Supply and delivery of Cat 6 unshielded 4 twisted pairs 24 gauge copper cable inclusive of cable straps and cable markers",null,null,"m",500,{"v":65,"d":"65.00"},{"$f":"G189*H189","v":{"v":32500,"d":"32,500.00"}}]
["4.1.2",null,"Supply, delivery and terminate RJ45 plugs onto Cat 5 unshielded 4 twisted pairs 24 gauge copper cable. ",null,null,"No.",20,{"v":120,"d":"120.00"},{"$f":"G190*H190","v":{"v":2400,"d":"2,400.00"}}]
["4.1.3",null,"Install Cat 5 cables and RJ45 plug between devices and Ethernet 10/100 switch mounted in PLC cabinet.",null,null,"m",500,{"v":65,"d":"65.00"},{"$f":"G191*H191","v":{"v":32500,"d":"32,500.00"}}]
["4.1.4",null,"Supply and delivery to site 12 Core 50/125 SWA fibre optic cable inclusive of cable straps, lugs, core markers and cable markers.  ",null,null,"m",2000,{"v":210,"d":"210.00"},{"$f":"G192*H192","v":{"v":420000,"d":"420,000.00"}}]
["4.1.5",null,"Supply and delivery to site CCG Posi Gland to suit  12 Core 50/125 SWA fibre optic cable. ",null,null,"No.",20,{"v":105,"d":"105.00"},{"v":2100,"d":"2,100.00"}]
["4.1.6",null,"Install 12 Core 50/125 SWA fibre optic cable in prepared trench between MCC's",null,null,"m",2000,{"v":210,"d":"210.00"},{"v":420000,"d":"420,000.00"}]
["4.1.7",null,"Gland, splice and terminate 12 Core 50/125 SWA fibre optic cable. ",null,null,"End",20,{"v":105,"d":"105.00"},{"v":2100,"d":"2,100.00"}]
["4.1.8",null,"Test Fibre Optic Cables",null,null,"Sum",1,{"v":5000,"d":"5,000.00"},{"v":5000,"d":"5,000.00"}]
["4.1.9",null,"Supply and delivery of 6 ports fibre optic splice box complete with fibre patch leads.",null,null,"no",6,{"v":12500,"d":"12,500.00"},{"v":75000,"d":"75,000.00"}]
["4.1.10",null,"Installation, commissioning and testing of 6 ports fibre optic splice box complete with fibre patch leads.",null,null,"no",6,{"v":4500,"d":"4,500.00"},{"v":27000,"d":"27,000.00"}]
["4.1.11",null,"Supply and delivery of 24 ports fibre optic splice box complete with fibre patch leads.",null,null,"no",1,{"$f":"H197*24/6","v":{"v":50000,"d":"50,000.00"}},{"v":50000,"d":"50,000.00"}]
["4.1.12",null,"Installation, commissioning and testing of 24 ports fibre optic splice box complete with fibre patch leads.",null,null,"no",1,{"v":12000,"d":"12,000.00"},{"v":12000,"d":"12,000.00"}]
["4.1.13",null,"Supply and Install 6U Networking cabinet -  19\" rack mounted type, including all necessary mounting brackets.",null,null,"no",1,{"v":34500,"d":"34,500.00"},{"v":34500,"d":"34,500.00"}]
["4.1.14",null,"Design, supply, configure and testing of  10/100/1000  industrial Managed Ethernet Switches - 24 ports with 4 managed GB F/O ports, complete with SFPs.\n",null,null,"no",1,{"v":25000,"d":"25,000.00"},{"v":25000,"d":"25,000.00"}]
["4.2",null,"Module 1 Filters PLC"]
["4.2.1",null,"Design, test, deliver to site, install and commissioning of a new PLC System including all networking equipment. Including PLC panel similar to exisitng Module 2 Filters PLC. Complete with trunking,terminals,fused terminals,surge arrestors,circuit breakers and panel wiring inclusive of  lugs, core markers, cable markers and mechanical fittings and fixtures.",null,null,"no",1,{"v":160000,"d":"160,000.00"},{"$f":"H204*G204","v":{"v":160000,"d":"160,000.00"}}]
["4.2.2",null,"Design, supply, configure and testing of  10/100/1000 Managed Ethernet Switches - 8 ports with 2 managed GB F/O ports , complete with SFPs.\n",null,null,"no",1,{"v":25000,"d":"25,000.00"},{"$f":"H205*G205","v":{"v":25000,"d":"25,000.00"}}]
["4.2.3",null,"PLC programming as per P & ID,  process and control description and control philosophies for various process areas. Including the monitoring of the Polyelectrolite dosing plant.",null,null,"no",1,{"v":80000,"d":"80,000.00"},{"v":80000,"d":"80,000.00"}]
["Carried Forward",{"$nulls":7},{"$f":"SUM(I189:I206)","v":{"v":1405100,"d":"1,405,100.00"}}]
["SECTION 5 - OLIFANTSPOORT WATER TREATMENT WORKS -CONTROL & INSTRUMENTATION REFURBISHMENT"]
["ITEM No","PAY\n REF","DESCRIPTION",null,null,"UNIT","QTY","RATE","AMOUNT"]
["Carried Forward",{"$nulls":7},{"$f":"I207","v":{"v":1405100,"d":"1,405,100.00"}}]
["4.3",null,"Module 2 Filters PLC"]
["4.3.1",null,"Design, test, deliver to site, install and commissioning of a new PLC System including all networking equipment.Complete with trunking,terminals,fused terminals,surge arrestors,circuit breakers and panel wiring inclusive of  lugs, core markers, cable markers and mechanical fittings and fixtures. (Excluding PLC panel)",null,null,"no",1,{"v":160000,"d":"160,000.00"},{"$f":"G212*H212","v":{"v":160000,"d":"160,000.00"}}]
["4.3.2",null,"Design, supply, configure and testing of  10/100/1000 Managed Ethernet Switches - 8 ports with 2 managed GB F/O ports, complete with SFPs.\n",null,null,"no",1,{"v":25000,"d":"25,000.00"},{"$f":"G213*H213","v":{"v":25000,"d":"25,000.00"}}]
["4.3.3",null,"PLC programming as per P & ID,  process and control description and control philosophies for various process areas. ",null,null,"no",1,{"v":80000,"d":"80,000.00"},{"v":80000,"d":"80,000.00"}]
["4.4",null,"Blowers PLC"]
["4.4.1",null,"Design, test, deliver to site, install and commissioning of a new PLC System including all networking equipment.  Complete with trunking,terminals,fused terminals,surge arrestors,circuit breakers and panel wiring inclusive of  lugs, core markers, cable markers and mechanical fittings and fixtures. (PLC system to be integrated into existing LV Board)",null,null,"no",1,{"v":160000,"d":"160,000.00"},{"v":160000,"d":"160,000.00"}]
["4.4.2",null,"Design, supply, configure and testing of  10/100/1000 Managed Ethernet Switches - 8 ports with 2 managed GB F/O ports.\n",null,null,"no",1,{"v":25000,"d":"25,000.00"},{"v":25000,"d":"25,000.00"}]
["4.4.3",null,"PLC programming as per P & ID,  process and control description and control philosophies for various process areas. Including the monitoring of the Chlorine dosing plant.",null,null,"no",1,{"v":80000,"d":"80,000.00"},{"v":80000,"d":"80,000.00"}]
["4.5",null,"Polyelectrolyte Remote IO system"]
["4.5.1",null,"Design, test, deliver to site, install and commissioning of a new Remote I/O panel including all hardware & networking equipment.  Complete with trunking, terminals, fused terminals, surge arrestors, circuit breakers and panel wiring inclusive of lugs, core markers, cable markers and mechanical fittings and fixtures. As per the specification.",null,null,"no",1,{"v":35000,"d":"35,000.00"},{"$f":"H220*G220","v":{"v":35000,"d":"35,000.00"}}]
["4.5.2",null,"PLC programming as per P & ID,  process and control description and control philosophies for various process areas.",null,null,"no",1,{"v":80000,"d":"80,000.00"},{"$f":"H221*G221","v":{"v":80000,"d":"80,000.00"}}]
["4.6",null,"Actuated Valves Remote IO system"]
["4.6.1",null,"Design, test, deliver to site, install and commissioning of a new Remote I/O Panel including all hardware & networking equipment. Complete with trunking, terminals, fused terminals, surge arrestors, circuit breakers and panel wiring inclusive of lugs, core markers, cable markers and mechanical fittings and fixtures. As per the speification,",null,null,"no",1,{"v":35000,"d":"35,000.00"},{"v":35000,"d":"35,000.00"}]
["4.6.2",null,"PLC programming as per P & ID,  process and control description and control philosophies for various process areas.",null,null,"no",1,{"v":80000,"d":"80,000.00"},{"v":80000,"d":"80,000.00"}]
["4.7",null,"Chlorine Dosing System"]
["4.7.1",null,"Design, deliver to site and installation  of  wall mounted 3CR12 Junction box (350x250x170). Complete with trunking,terminals and panel wiring inclusive of  lugs, core markers, cable markers and mechanical fittings and fixtures.",null,null,"no",1,{"v":17250,"d":"17,250.00"},{"v":17250,"d":"17,250.00"}]
["4.7.2",null,"Connect, test and commissioning of Chlorine Dosing System to Junction box,",null,null,"no",1,{"v":7500,"d":"7,500.00"},{"v":7500,"d":"7,500.00"}]
["4.8",null,"PLC Programming Software + Hardware"]
["4.8.1",null,"Supply, delivery, install and configuration of PLC Programming PC Hardware complete with screen , keyboard, and mouse as specified. (Same spec as SCADA PC)",null,null,"sum",1,{"v":75000,"d":"75,000.00"},{"$f":"G229*H229","v":{"v":75000,"d":"75,000.00"}}]
["4.8.2",null,"Supply PLC Programming software including software licenses.",null,null,"sum",1,{"v":60000,"d":"60,000.00"},{"$f":"G230*H230","v":{"v":60000,"d":"60,000.00"}}]
["4.9",null,"SCADA System"]
["4.9.1",null,"SCADA System Coding with latest version of software programme for the entire Olifantspoort WS. Provide Scada coding for all process areas as per P & ID and functional design specification according to  specifications",null,null,"sum",1,{"v":350000,"d":"350,000.00"},{"v":350000,"d":"350,000.00"}]
["4.9.2",null,"Supply, delivery, install and configuration of Scada PC Hardware complete with screens (2 of), keyboard, and mouse as specified.",null,null,"sum",1,{"v":150000,"d":"150,000.00"},{"v":150000,"d":"150,000.00"}]
["Carried Forward",{"$nulls":7},{"$f":"SUM(I210:I233)","v":{"v":2824850,"d":"2,824,850.00"}}]
["SECTION 5 - OLIFANTSPOORT WATER TREATMENT WORKS -CONTROL & INSTRUMENTATION REFURBISHMENT"]
["ITEM No","PAY\n REF","DESCRIPTION",null,null,"UNIT","QTY","RATE","AMOUNT"]
["Brought Forward",{"$nulls":7},{"$f":"I234","v":{"v":2824850,"d":"2,824,850.00"}}]
["4.9.3",null,"Upgrade Existing SCADA Software License to be used with the latest SCADA software.",null,null,"no",1,{"v":300000,"d":"300,000.00"},{"v":300000,"d":"300,000.00"}]
["4.10",null,"Instrumentation"]
["4.10.1",null,"Supply, delivery, and commissioning of  Module 1 DN200 Return Magnetic Flow meter complete with a transmitter and all materials necessary for the complete installation. (Installation to be done by Mechanical)",null,null,"no",1,{"v":27500,"d":"27,500.00"},{"v":27500,"d":"27,500.00"}]
["4.10.2",null,"Supply, delivery, install and commissioning of  Filters Level Transmitters complete with all materials necessary for the complete installation.",null,null,"no",24,{"v":10795,"d":"10,795.00"},{"v":259080,"d":"259,080.00"}]
["4.10.3",null,"Supply, delivery, install and commissioning of  Module 2 Contact tank Level Transmitters complete with all materials necessary for the complete installation.",null,null,"no",1,{"v":10795,"d":"10,795.00"},{"v":10795,"d":"10,795.00"}]
["4.10.4",null,"Supply, delivery, install and commissioning of  Combined Clear water tank level Level Transmitters complete with all materials necessary for the complete installation.",null,null,"no",1,{"v":10795,"d":"10,795.00"},{"v":10795,"d":"10,795.00"}]
["4.10.5",null,"Supply, delivery, install and commissioing of  Backwash elevated tank Level Switch complete with all materials necessary for the complete installation.",null,null,"no",2,{"v":9500,"d":"9,500.00"},{"v":19000,"d":"19,000.00"}]
["4.10.6",null,"Connect, Test and recalibrate Olifantspoort plant Raw Water Inlet Magnetic flowmeter ",null,null,"no",1,{"v":3500,"d":"3,500.00"},{"v":3500,"d":"3,500.00"}]
["4.10.7",null,"Test and recalibrate Module 2 Raw Water Inlet clamp flowmeter",null,null,"no",2,{"v":3500,"d":"3,500.00"},{"v":7000,"d":"7,000.00"}]
["4.10.8",null,"Connect, test and commissioning of the filters actuators  ",null,null,"no",48,{"v":3500,"d":"3,500.00"},{"v":168000,"d":"168,000.00"}]
["4.10.9",null,"Connect, test and commissioning of Module 1 desludge valve actuators",null,null,"no",12,{"v":3500,"d":"3,500.00"},{"v":42000,"d":"42,000.00"}]
["4.10.10",null,"Connect, test and commissioning of Module 1 main inlet valve actuator",null,null,"no",1,{"v":3500,"d":"3,500.00"},{"v":3500,"d":"3,500.00"}]
["Total Section 5 Carried to Summary",{"$nulls":7},{"$f":"SUM(I237:I249)","v":{"v":3676020,"d":"3,676,020.00"}}]
["SECTION 6 - OLIFANTSPOORT WATER TREATMENT WORKS -BUILDINGS AND MINOR CIVIL WORKS"]
["ITEM No","PAY\n REF","DESCRIPTION",null,null,"UNIT","QTY","RATE","AMOUNT"]
[5,null,"BUILDINGS AND MINOR CIVIL WORKS"]
["5.1",null,"Coagulant Dosing Building Works"]
["5.1.1","SANS 1200G","Concrete (Structural)"]
[null,"8.4.6",".07","Rapid hardening Portland cement 15 "]
[{"$nulls":3},"for use in the following:"]
["5.1.1.1",null,null,".01","Plaster Work","t",0.75,{"v":3300,"d":"3,300.00"},{"$f":"G258*H258","v":{"v":2475,"d":"2,475.00"}}]
["5.1.1.2",null,null,".02","Screeding","t",0.75,{"v":3300,"d":"3,300.00"},{"$f":"G259*H259","v":{"v":2475,"d":"2,475.00"}}]
["5.1.2","PSG 8.5","Joints:"]
[null,null,".01","Proprietary expansion joints:"]
["5.1.2.1",null,null,".01","Prime Cost Sum allowed for ","PC ",1,{"v":20000,"d":"20,000.00"},{"$f":"G262*H262","v":{"v":20000,"d":"20,000.00"}}]
[{"$nulls":4},"purchase and taking delivery of ","Sum"]
[{"$nulls":4},"expansion joints"]
["5.1.2.2",null,null,".02","Percentage on Prime Cost for ","%",25,{"$f":"H262","v":{"v":20000,"d":"20,000.00"}},{"$f":"H265*G265/100","v":{"v":5000,"d":"5,000.00"}}]
[{"$nulls":4},"charges and profits  "]
[null,null,".02","Installation of proprietary expansion "]
[{"$nulls":3},"joints:"]
[{"$nulls":3},"Retroffit Saw-Cut Expansion Joints"]
["5.1.2.3",null,null,".01","Metal cover installed in movement joint","m",25,{"v":450,"d":"450.00"},{"$f":"G270*H270","v":{"v":11250,"d":"11,250.00"}}]
[null,null,".03","Application of proprietary expansion "]
[{"$nulls":3},"joints sealants:"]
["5.1.2.4",null,null,".01","Application type: high movement","m",30,{"v":120,"d":"120.00"},{"$f":"G273*H273","v":{"v":3600,"d":"3,600.00"}}]
[{"$nulls":4},"construction and expansion joints\n"]
[{"$nulls":4},"Application: concrete contraction and "]
[{"$nulls":4},"expansion joints surfaces should be"]
[{"$nulls":4},"clean, sound and dry prior to"]
[{"$nulls":4},"application. Apply Dow Corning 888,"]
[{"$nulls":4},"or similar approved"]
["Carried Forward",{"$nulls":7},{"$f":"SUM(I258:I278)","v":{"v":44800,"d":"44,800.00"}}]
["SECTION 6 - OLIFANTSPOORT WATER TREATMENT WORKS -BUILDINGS AND MINOR CIVIL WORKS"]
["ITEM No","PAY\n REF","DESCRIPTION",null,null,"UNIT","QTY","RATE","AMOUNT"]
["Brought Forward",{"$nulls":7},{"$f":"I280","v":{"v":44800,"d":"44,800.00"}}]
[{"$nulls":4},"all in accordance with manufacturer`s "]
[{"$nulls":4},"recommendations."]
[null,null,".04","Expansion joints as detailed on the "]
[{"$nulls":3},"Drawings and/or specified in the "]
[{"$nulls":3},"Project Specifications:"]
["5.1.2.5",null,null,".01",". . . . . . . . . . . . . . . . . . . . . . . . . . . . . . . .","number","-"]
[null,null,".05","Construction joints as detailed on the"]
[{"$nulls":3},"Drawings and/or specified in the "]
[{"$nulls":3},"Project Specifications:"]
["5.1.3","8.7","Grouting:",{"$nulls":5},{"$f":"IF(OR(AND(G293=\"Prov\",H293=\"Sum\"),(H293=\"PC Sum\")),\". . . . . . . . .00\",IF(ISERR(G293*H293),\"\",IF(G293*H293=0,\"\",ROUND(G293*H293,2))))","v":""}]
["5.1.3.1",null,".01","Under bases (or beds) ",null,"m³",6,{"v":1500,"d":"1,500.00"},{"v":9000,"d":"9,000.00"}]
[null,"8.8",".13","Corrosion protection (extra over item ",{"$nulls":4},""]
[{"$nulls":3},"170.21.12) by:",{"$nulls":4},""]
["5.1.3.2",null,null,".01","Painting        ","kg",90,{"$f":"1800/20","v":{"v":90,"d":"90.00"}},{"v":8100,"d":"8,100.00"}]
[{"$nulls":3},".02","Sprayed metal coating",{"$nulls":3},""]
[{"$nulls":4},"(type of metal and thickness of ",{"$nulls":3},""]
["5.1.3.3",{"$nulls":3},"coating indicated)","kg","-","-",""]
["5.1.3.4",null,null,".03","Hot-dip galvanizing      ","kg","-","-",""]
["5.1.3.5",null,null,".04","Poweder Coating","kg","-","-",""]
["5.1.4","PSG 8.9","Miscellaneous work other than metal work:",{"$nulls":5},""]
[null,null,".01","Drainage pipes:",{"$nulls":4},""]
[{"$nulls":3},"Exposed Drainage Pipes  @ Basement",{"$nulls":4},""]
["5.1.4.1",null,null,".01","Flushing, Cleaning and Painting of","m",{"$f":"(5*15*4)/4","v":75},{"v":150,"d":"150.00"},{"v":11250,"d":"11,250.00"}]
[{"$nulls":4},"drainage pipes @ basement",{"$nulls":3},""]
[null,null,".02","Drainage gullies for bridge deck as per ",{"$nulls":4},""]
[{"$nulls":3},"confirmation on site",{"$nulls":4},""]
["5.1.4.2",null,null,".01","All drainage gullies on balconies","number","-","-",""]
["5.1.5","8.13","Screeds:"]
[null,null,".01","Floor screeds (1:3) with falls including"]
[{"$nulls":3},"V-joints to form panels and a smooth"]
[{"$nulls":3},"towelled finish power float finish to top:"]
[{"$nulls":3},".01","Floor screed:"]
["5.1.5.1",{"$nulls":3},"1 Part  cement with 3 parts clean,","m²",30,{"v":325,"d":"325.00"},{"$f":"IF(OR(AND(G316=\"Prov\",H316=\"Sum\"),(H316=\"PC Sum\")),\". . . . . . . . .00\",IF(ISERR(G316*H316),\"\",IF(G316*H316=0,\"\",ROUND(G316*H316,2))))","v":{"v":9750,"d":"9,750.00"}}]
[{"$nulls":4},"coarse sand with sufficient water"]
[{"$nulls":4},"until a plastic consistence similar to"]
[{"$nulls":4},"cement plaster is achieved. Smooth "]
[{"$nulls":4},"finish to Architect's specification"]
["5.1.5.2","8.14",null,".01","Plaster and Concrete Repair Work:"]
[{"$nulls":4},"Repair mix for damaged and peeling of ","m²",30,{"v":185,"d":"185.00"},{"$f":"IF(OR(AND(G322=\"Prov\",H322=\"Sum\"),(H322=\"PC Sum\")),\". . . . . . . . .00\",IF(ISERR(G322*H322),\"\",IF(G322*H322=0,\"\",ROUND(G322*H322,2))))","v":{"v":5550,"d":"5,550.00"}}]
[{"$nulls":4},"plaster to manufacturer's spes"]
[{"$nulls":4},"Sika/abe or similar aproved products"]
["5.1.6","PSG 8.15","Epoxy based bonding agent and primer"]
[null,null,"to prepare concrete floors to receive"]
[null,null,"screeding (FOSROC NITROBOND EP"]
[null,null,"slowset or approved equivalent)",null,null,"m²",30,{"v":25,"d":"25.00"},{"$f":"IF(OR(AND(G328=\"Prov\",H328=\"Sum\"),(H328=\"PC Sum\")),\". . . . . . . . .00\",IF(ISERR(G328*H328),\"\",IF(G328*H328=0,\"\",ROUND(G328*H328,2))))","v":{"v":750,"d":"750.00"}}]
["5.1.7","PSG 8.16","Corrosion protection by:"]
[null,null,".01","Vinyl anti-fouling paint and undercoats"]
[{"$nulls":3},"to form an algae-resistant coating on:"]
["5.1.7.1",null,null,".01","Exposed Structural Steelwork","m²",30,{"v":150,"d":"150.00"},{"$f":"IF(OR(AND(G332=\"Prov\",H332=\"Sum\"),(H332=\"PC Sum\")),\". . . . . . . . .00\",IF(ISERR(G332*H332),\"\",IF(G332*H332=0,\"\",ROUND(G332*H332,2))))","v":{"v":4500,"d":"4,500.00"}}]
[{"$nulls":3},".02","Etc"]
[null,null,".02","Solvent-free abrasion-resistant coating"]
[{"$nulls":3},"and primer to a minimum thickness"]
["Carried Forward",{"$nulls":7},{"$f":"SUM(I283:I335)","v":{"v":93700,"d":"93,700.00"}}]
["SECTION 6 - OLIFANTSPOORT WATER TREATMENT WORKS -BUILDINGS AND MINOR CIVIL WORKS"]
["ITEM No","PAY\n REF","DESCRIPTION",null,null,"UNIT","QTY","RATE","AMOUNT"]
["Brought Forward",{"$nulls":7},{"$f":"I336","v":{"v":93700,"d":"93,700.00"}}]
[{"$nulls":3},"of 3 mm on:"]
["5.1.7.2",null,null,".01","Exposed Structural Steelwork","m²",30,{"v":450,"d":"450.00"},{"$f":"IF(OR(AND(G341=\"Prov\",H341=\"Sum\"),(H341=\"PC Sum\")),\". . . . . . . . .00\",IF(ISERR(G341*H341),\"\",IF(G341*H341=0,\"\",ROUND(G341*H341,2))))","v":{"v":13500,"d":"13,500.00"}}]
[{"$nulls":3},".02","Etc"]
["5.1.8","SANS 1200H","Structural Steel Work",{"$nulls":5},{"$f":"IF(OR(AND(G343=\"Prov\",H343=\"Sum\"),(H343=\"PC Sum\")),\". . . . . . . . .00\",IF(ISERR(G343*H343),\"\",IF(G343*H343=0,\"\",ROUND(G343*H343,2))))","v":""}]
["5.1.8.1","8.3.10","Non-destructive testing   ",null,null,"h",1,{"v":5500,"d":"5,500.00"},{"v":5500,"d":"5,500.00"}]
["5.2",null,"Module 1 Filter Block"]
["5.2.1","SANS 1200G","Concrete (Structural)"]
[null,"8.4.6",".07","Rapid hardening Portland cement 15 "]
[{"$nulls":3},"for use in the following:"]
["5.2.1.1",null,null,".01","Plaster Work","t",0.75,{"v":3300,"d":"3,300.00"},{"$f":"G349*H349","v":{"v":2475,"d":"2,475.00"}}]
["5.2.1.2",null,null,".02","Screeding","t",0.75,{"v":3300,"d":"3,300.00"},{"$f":"G350*H350","v":{"v":2475,"d":"2,475.00"}}]
["5.2.2","PSG 8.5","Joints:"]
[null,null,".01","Proprietary expansion joints:"]
["5.2.2.1",null,null,".01","Prime Cost Sum allowed for ","PC ",1,{"v":20000,"d":"20,000.00"},{"$f":"G353*H353","v":{"v":20000,"d":"20,000.00"}}]
[{"$nulls":4},"purchase and taking delivery of ","Sum"]
[{"$nulls":4},"expansion joints"]
["5.2.2.2",null,null,".02","Percentage on Prime Cost for ","%",25,{"$f":"H353","v":{"v":20000,"d":"20,000.00"}},{"$f":"H356*G356/100","v":{"v":5000,"d":"5,000.00"}}]
[{"$nulls":4},"charges and profits  "]
[null,null,".02","Installation of proprietary expansion "]
[{"$nulls":3},"joints:"]
[{"$nulls":3},"Retroffit Saw-Cut Expansion Joints"]
["5.2.2.3",null,null,".01","Metal cover installed in movement joint","m",25,{"v":450,"d":"450.00"},{"$f":"G361*H361","v":{"v":11250,"d":"11,250.00"}}]
[null,null,".03","Application of proprietary expansion "]
[{"$nulls":3},"joints sealants:"]
["5.2.2.4",null,null,".01","Application type: high movement","m",30,{"v":120,"d":"120.00"},{"$f":"G364*H364","v":{"v":3600,"d":"3,600.00"}}]
[{"$nulls":4},"construction and expansion joints\n"]
[{"$nulls":4},"Application: concrete contraction and "]
[{"$nulls":4},"expansion joints surfaces should be"]
[{"$nulls":4},"clean, sound and dry prior to"]
[{"$nulls":4},"application. Apply Dow Corning 888,"]
[{"$nulls":4},"or similar approved"]
[{"$nulls":4},"all in accordance with manufacturer`s "]
[{"$nulls":4},"recommendations."]
[null,null,".04","Expansion joints as detailed on the "]
[{"$nulls":3},"Drawings and/or specified in the "]
[{"$nulls":3},"Project Specifications:"]
["5.2.2.5",null,null,".01",". . . . . . . . . . . . . . . . . . . . . . . . . . . . . . . .","number","-"]
[null,null,".05","Construction joints as detailed on the"]
[{"$nulls":3},"Drawings and/or specified in the "]
[{"$nulls":3},"Project Specifications:"]
["5.2.3","8.7","Grouting:"]
["5.2.3.1",null,".01","Under bases (or beds) ",null,"m³",5,{"v":1500,"d":"1,500.00"},{"$f":"G381*H381","v":{"v":7500,"d":"7,500.00"}}]
[null,"8.8",".13","Corrosion protection (extra over item "]
[{"$nulls":3},"170.21.12) by:"]
["5.2.3.2",null,null,".01","Painting        ","kg",120,{"$f":"1800/20","v":{"v":90,"d":"90.00"}},{"$f":"G384*H384","v":{"v":10800,"d":"10,800.00"}}]
[{"$nulls":3},".02","Sprayed metal coating"]
[{"$nulls":4},"(type of metal and thickness of "]
["5.2.3.3",{"$nulls":3},"coating indicated)","kg","-","-"]
["5.2.3.4",null,null,".03","Hot-dip galvanizing      ","kg","-","-"]
["Carried Forward",{"$nulls":7},{"$f":"SUM(I339:I388)","v":{"v":175800,"d":"175,800.00"}}]
["SECTION 6 - OLIFANTSPOORT WATER TREATMENT WORKS -BUILDINGS AND MINOR CIVIL WORKS"]
["ITEM No","PAY\n REF","DESCRIPTION",null,null,"UNIT","QTY","RATE","AMOUNT"]
["Brought Forward",{"$nulls":7},{"$f":"I389","v":{"v":175800,"d":"175,800.00"}}]
["5.2.3.5",null,null,".04","Poweder Coating","kg","-","-"]
["5.2.4","PSG 8.9","Miscellaneous work other than metal work:"]
[null,null,".01","Drainage pipes:"]
[{"$nulls":3},"Exposed Drainage Pipes  @ Basement"]
["5.2.4.1",null,null,".01","Flushing, Cleaning and Painting of","m",{"$f":"(5*15*4)/4","v":75},{"v":150,"d":"150.00"},{"$f":"G397*H397","v":{"v":11250,"d":"11,250.00"}}]
[{"$nulls":4},"drainage pipes @ basement"]
[null,null,".02","Drainage gullies for bridge deck as per "]
[{"$nulls":3},"confirmation on site"]
["5.2.4.2",null,null,".01","All drainage gullies on balconies","number","-","-"]
["5.2.5","8.13","Screeds:"]
[null,null,".01","Floor screeds (1:3) with falls including"]
[{"$nulls":3},"V-joints to form panels and a smooth"]
[{"$nulls":3},"towelled finish power float finish to top:"]
[{"$nulls":3},".01","Floor screed:"]
["5.2.5.1",{"$nulls":3},"1 Part  cement with 3 parts clean,","m²",30,{"v":325,"d":"325.00"},{"$f":"G407*H407","v":{"v":9750,"d":"9,750.00"}}]
[{"$nulls":4},"coarse sand with sufficient water"]
[{"$nulls":4},"until a plastic consistence similar to"]
[{"$nulls":4},"cement plaster is achieved. Smooth "]
[{"$nulls":4},"finish to Architect's specification"]
["5.2.5.2","8.14",null,".01","Plaster and Concrete Repair Work:"]
[{"$nulls":4},"Repair mix for damaged and peeling of ","m²",30,{"v":185,"d":"185.00"},{"$f":"G413*H413","v":{"v":5550,"d":"5,550.00"}}]
[{"$nulls":4},"plaster to manufacturer's spes"]
[{"$nulls":4},"Sika/abe or similar aproved products"]
["5.2.6","PSG 8.15","Epoxy based bonding agent and primer"]
[null,null,"to prepare concrete floors to receive"]
[null,null,"screeding (FOSROC NITROBOND EP"]
[null,null,"slowset or approved equivalent)",null,null,"m²",30,{"v":25,"d":"25.00"},{"$f":"G419*H419","v":{"v":750,"d":"750.00"}}]
["5.2.7","PSG 8.16","Corrosion protection by:"]
[null,null,".01","Vinyl anti-fouling paint and undercoats"]
[{"$nulls":3},"to form an algae-resistant coating on:"]
["5.2.7.1",null,null,".01","Exposed Structural Steelwork","m²",30,{"v":150,"d":"150.00"},{"$f":"G423*H423","v":{"v":4500,"d":"4,500.00"}}]
[{"$nulls":3},".02","Etc"]
[null,null,".02","Solvent-free abrasion-resistant coating"]
[{"$nulls":3},"and primer to a minimum thickness"]
[{"$nulls":3},"of 3 mm on:"]
["5.2.7.2",null,null,".01","Exposed Structural Steelwork","m²",30,{"v":450,"d":"450.00"},{"$f":"G428*H428","v":{"v":13500,"d":"13,500.00"}}]
[{"$nulls":3},".02","Etc"]
["5.2.8","SANS 1200H","Structural Steel Work"]
["5.2.8.1","8.3.10","Non-destructive testing   ",null,null,"h",1,{"v":5500,"d":"5,500.00"},{"$f":"G431*H431","v":{"v":5500,"d":"5,500.00"}}]
["5.3",null,"Module 2 Filter Block"]
["5.3.1","SANS 1200G","Concrete (Structural)"]
[null,"8.4.6",".07","Rapid hardening Portland cement 15 "]
[{"$nulls":3},"for use in the following:"]
["5.3.1.1",null,null,".01","Plaster Work","t",0.75,{"v":3300,"d":"3,300.00"},{"$f":"G436*H436","v":{"v":2475,"d":"2,475.00"}}]
["5.3.1.2",null,null,".02","Screeding","t",0.75,{"v":3300,"d":"3,300.00"},{"$f":"G437*H437","v":{"v":2475,"d":"2,475.00"}}]
["5.3.2","PSG 8.5","Joints:"]
[null,null,".01","Proprietary expansion joints:"]
["5.3.2.1",null,null,".01","Prime Cost Sum allowed for ","PC ",1,{"v":20000,"d":"20,000.00"},{"$f":"G440*H440","v":{"v":20000,"d":"20,000.00"}}]
[{"$nulls":4},"purchase and taking delivery of ","Sum"]
["Carried Forward",{"$nulls":7},{"$f":"SUM(I392:I441)","v":{"v":251550,"d":"251,550.00"}}]
["SECTION 6 - OLIFANTSPOORT WATER TREATMENT WORKS -BUILDINGS AND MINOR CIVIL WORKS"]
["ITEM No","PAY\n REF","DESCRIPTION",null,null,"UNIT","QTY","RATE","AMOUNT"]
["Brought Forward",{"$nulls":7},{"$f":"I442","v":{"v":251550,"d":"251,550.00"}}]
[{"$nulls":4},"expansion joints"]
["5.3.2.2",null,null,".02","Percentage on Prime Cost for ","%",25,{"$f":"H440","v":{"v":20000,"d":"20,000.00"}},{"$f":"H447*G447/100","v":{"v":5000,"d":"5,000.00"}}]
[{"$nulls":4},"charges and profits  "]
[null,null,".02","Installation of proprietary expansion "]
[{"$nulls":3},"joints:"]
[{"$nulls":3},"Retroffit Saw-Cut Expansion Joints"]
["5.3.2.3",null,null,".01","Metal cover installed in movement joint","m",25,{"v":450,"d":"450.00"},{"$f":"G452*H452","v":{"v":11250,"d":"11,250.00"}}]
[null,null,".03","Application of proprietary expansion "]
[{"$nulls":3},"joints sealants:"]
["5.3.2.4",null,null,".01","Application type: high movement","m",30,{"v":120,"d":"120.00"},{"$f":"G455*H455","v":{"v":3600,"d":"3,600.00"}}]
[{"$nulls":4},"construction and expansion joints\n"]
[{"$nulls":4},"Application: concrete contraction and "]
[{"$nulls":4},"expansion joints surfaces should be"]
[{"$nulls":4},"clean, sound and dry prior to"]
[{"$nulls":4},"application. Apply Dow Corning 888,"]
[{"$nulls":4},"or similar approved"]
[{"$nulls":4},"all in accordance with manufacturer`s "]
[{"$nulls":4},"recommendations."]
[null,null,".04","Expansion joints as detailed on the "]
[{"$nulls":3},"Drawings and/or specified in the "]
[{"$nulls":3},"Project Specifications:"]
["5.3.2.5",null,null,".01",". . . . . . . . . . . . . . . . . . . . . . . . . . . . . . . .","number","-"]
[null,null,".05","Construction joints as detailed on the"]
[{"$nulls":3},"Drawings and/or specified in the "]
[{"$nulls":3},"Project Specifications:"]
["5.3.3","8.7","Grouting:"]
["5.3.3.1",null,".01","Under bases (or beds) ",null,"m³",5,{"v":1500,"d":"1,500.00"},{"$f":"G472*H472","v":{"v":7500,"d":"7,500.00"}}]
[null,"8.8",".13","Corrosion protection (extra over item "]
[{"$nulls":3},"170.21.12) by:"]
["5.3.3.2",null,null,".01","Painting        ","kg",120,{"$f":"1800/20","v":{"v":90,"d":"90.00"}},{"$f":"G475*H475","v":{"v":10800,"d":"10,800.00"}}]
[{"$nulls":3},".02","Sprayed metal coating"]
[{"$nulls":4},"(type of metal and thickness of "]
["5.3.3.3",{"$nulls":3},"coating indicated)","kg","-","-"]
["5.3.3.4",null,null,".03","Hot-dip galvanizing      ","kg","-","-"]
["5.3.3.5",null,null,".04","Poweder Coating","kg","-","-"]
["5.3.4","PSG 8.9","Miscellaneous work other than metal work:"]
[null,null,".01","Drainage pipes:"]
[{"$nulls":3},"Exposed Drainage Pipes  @ Basement"]
["5.3.4.1",null,null,".01","Flushing, Cleaning and Painting of","m",{"$f":"(5*15*4)/4","v":75},{"v":150,"d":"150.00"},{"$f":"G484*H484","v":{"v":11250,"d":"11,250.00"}}]
[{"$nulls":4},"drainage pipes @ basement"]
[null,null,".02","Drainage gullies for bridge deck as per "]
[{"$nulls":3},"confirmation on site"]
["5.3.4.2",null,null,".01","All drainage gullies on balconies","number","-","-"]
["5.3.5","8.13","Screeds:"]
[null,null,".01","Floor screeds (1:3) with falls including"]
[{"$nulls":3},"V-joints to form panels and a smooth"]
[{"$nulls":3},"towelled finish power float finish to top:"]
[{"$nulls":3},".01","Floor screed:"]
["5.3.5.1",{"$nulls":3},"1 Part  cement with 3 parts clean,","m²",30,{"v":325,"d":"325.00"},{"$f":"G494*H494","v":{"v":9750,"d":"9,750.00"}}]
[{"$nulls":4},"coarse sand with sufficient water"]
["Carried Forward",{"$nulls":7},{"$f":"SUM(I445:I495)","v":{"v":310700,"d":"310,700.00"}}]
["SECTION 6 - OLIFANTSPOORT WATER TREATMENT WORKS -BUILDINGS AND MINOR CIVIL WORKS"]
["ITEM No","PAY\n REF","DESCRIPTION",null,null,"UNIT","QTY","RATE","AMOUNT"]
["Brought Forward",{"$nulls":7},{"$f":"I496","v":{"v":310700,"d":"310,700.00"}}]
[{"$nulls":4},"until a plastic consistence similar to"]
[{"$nulls":4},"cement plaster is achieved. Smooth "]
[{"$nulls":4},"finish to Architect's specification"]
["5.3.5.2","8.14",null,".01","Plaster and Concrete Repair Work:"]
[{"$nulls":4},"Repair mix for damaged and peeling of ","m²",30,{"v":185,"d":"185.00"},{"$f":"G504*H504","v":{"v":5550,"d":"5,550.00"}}]
[{"$nulls":4},"plaster to manufacturer's spes"]
[{"$nulls":4},"Sika/abe or similar aproved products"]
["5.3.6","PSG 8.15","Epoxy based bonding agent and primer"]
[null,null,"to prepare concrete floors to receive"]
[null,null,"screeding (FOSROC NITROBOND EP"]
[null,null,"slowset or approved equivalent)",null,null,"m²",30,{"v":25,"d":"25.00"},{"$f":"G510*H510","v":{"v":750,"d":"750.00"}}]
["5.3.7","PSG 8.16","Corrosion protection by:"]
[null,null,".01","Vinyl anti-fouling paint and undercoats"]
[{"$nulls":3},"to form an algae-resistant coating on:"]
["5.3.7.1",null,null,".01","Exposed Structural Steelwork","m²",30,{"v":150,"d":"150.00"},{"$f":"G514*H514","v":{"v":4500,"d":"4,500.00"}}]
[{"$nulls":3},".02","Etc"]
[null,null,".02","Solvent-free abrasion-resistant coating"]
[{"$nulls":3},"and primer to a minimum thickness"]
[{"$nulls":3},"of 3 mm on:"]
["5.3.7.2",null,null,".01","Exposed Structural Steelwork","m²",30,{"v":450,"d":"450.00"},{"$f":"G519*H519","v":{"v":13500,"d":"13,500.00"}}]
[{"$nulls":3},".02","Etc"]
["5.3.8","SANS 1200H","Structural Steel Work"]
["5.3.8.1","8.3.10","Non-destructive testing   ",null,null,"h",1,{"v":5500,"d":"5,500.00"},{"$f":"G522*H522","v":{"v":5500,"d":"5,500.00"}}]
["5.4",null,"New Lime make-up Building including Storage for Lime & PAC"]
["5.4.1","SABS 1200DB","Site Clearance"]
["5.4.1.1",null,"Clear Vegetation, Grass, Shrubs etc. and Trees of Girth up to 1m and Remove to Dumpsite, Stockpile, Maintain/Preserve and Reinstate Topsoil (150mm Deep) ",null,null,"m²",130,{"v":14,"d":"14.00"},{"$f":"H525*G525","v":{"v":1820,"d":"1,820.00"}}]
[null,null,"Shrubs, Trees and Grass along Route of Pipeline and at Ablution Block Sites."]
["5.4.1.2",null,"Clear Trees of Girth and Designated Obstacles > 1.0m Up To and Including 2m",null,null,"sum",1,{"v":3500,"d":"3,500.00"},{"$f":"G527*H527","v":{"v":3500,"d":"3,500.00"}}]
["5.4.1.3",null,"Remove rubble and cart away to an approved landfill site",null,null,"m3",13,{"v":1200,"d":"1,200.00"},{"$f":"H528*G528","v":{"v":15600,"d":"15,600.00"}}]
["5.4.2",null,"Earthworks and Foundations"]
[null,null,"Foundations and Foundations Excavations"]
["5.4.2.1",null,"Excavate 1m beyond entire foundation footprint using 1:1 (V:H) side slopes",null,null,"m³",160,{"v":210,"d":"210.00"},{"$f":"H531*G531","v":{"v":33600,"d":"33,600.00"}}]
["5.4.2.2",null,"Rip and re-compact 150mm thick bottom in-situ layer when established at 1m below raft slab",null,null,"m³",23,{"v":92.5,"d":"92.50"},{"v":2127.5,"d":"2,127.50"}]
["5.4.2.3",null,"Excavation in Earth for Strip Foundations Exceeding 0.5m Deep and Not Exceeding 1m Deep.",null,null,"m³",36,{"v":215,"d":"215.00"},{"v":7740,"d":"7,740.00"}]
["5.4.2.4",null,"Allow for Keeping Excavations Free of Water by Hand or Machinery",null,null,"Item",1,{"v":2500,"d":"2,500.00"},{"v":2500,"d":"2,500.00"}]
["5.4.2.5",null,"Construct earth mattress in 150mm layers to be compacted and tested at each layer using G6 material compacted to be achieved at 95% MOD AASHTO at OMC. Layers shall be constructed to beneath foundations and around footprint to GL",null,null,"m³",160,{"v":730,"d":"730.00"},{"v":116800,"d":"116,800.00"}]
["5.4.2.6",null,"15Mpa Concrete Blinding under Footings.",null,null,"m³",7,{"v":1550,"d":"1,550.00"},{"v":10850,"d":"10,850.00"}]
["5.4.2.7",null,"30Mpa (28 days) 19mm Reinforced Concrete On Raft Foundations ",null,null,"m³",16,{"v":1850,"d":"1,850.00"},{"v":29600,"d":"29,600.00"}]
["5.4.2.8",null,"Blockwork on on foundations up to DPC level"]
["5.4.2.9",null,"M90",null,null,"m²",25,{"v":330,"d":"330.00"},{"$f":"H539*G539","v":{"v":8250,"d":"8,250.00"}}]
["5.4.2.10",null,"M190",null,null,"m²",38,{"v":465,"d":"465.00"},{"$f":"H540*G540","v":{"v":17670,"d":"17,670.00"}}]
[null,null,"Soil Insecticide:"]
["5.4.2.11",null,"Soil  to be Poisoned in Accordance with SABS 1165 (Certificate must be Approved by an Accredited Applicator) under floors etc. including forming and poisioning shallow furrows against foundation walls etc., filling in furrows and ramming",null,null,"m²",140,{"v":12,"d":"12.00"},{"$f":"H542*G542","v":{"v":1680,"d":"1,680.00"}}]
["5.4.2.12",null,"Reinforcing Mesh Ref. 193 with a Cover of 50mm",null,null,"m²",140,42.24,{"$f":"H543*G543","v":{"v":5913.6,"d":"5,913.60"}}]
["Carried Forward",{"$nulls":7},{"$f":"SUM(I499:I543)","v":{"v":598151.1,"d":"598,151.10"}}]
["SECTION 6 - OLIFANTSPOORT WATER TREATMENT WORKS -BUILDINGS AND MINOR CIVIL WORKS"]
["ITEM No","PAY\n REF","DESCRIPTION",null,null,"UNIT","QTY","RATE","AMOUNT"]
["Brought Forward",{"$nulls":7},{"$f":"I544","v":{"v":598151.1,"d":"598,151.10"}}]
["5.4.2.13",null,"Reinforcing Mesh Ref. 245 with a Cover of 50mm",null,null,"m²",13,{"v":58.8,"d":"58.80"},{"$f":"H548*G548","v":{"v":764.4,"d":"764.40"}}]
[null,null,"False work, formwork and concrete finish"]
[null,null,"Formwork to provide (class  F1) surface finish"]
["5.4.2.14",null,"(i) Type E concrete drains",null,null,"m²",50,{"v":195,"d":"195.00"},{"$f":"H551*G551","v":{"v":9750,"d":"9,750.00"}}]
[null,null,"Vertical formwork to provide class F1 surface finish to"]
["5.4.2.15",null,"(i) Footings",null,null,"m²",55,{"v":378,"d":"378.00"},{"$f":"H553*G553","v":{"v":20790,"d":"20,790.00"}}]
[null,null,"Steel Reinforcement"]
[null,null,"Steel Reinforcement of Raft Foundation"]
["5.4.2.16",null,"High yield stres steel bars (Raft foundation)",null,null,"t",2,{"v":13400,"d":"13,400.00"},{"$f":"H556*G556","v":{"v":26800,"d":"26,800.00"}}]
["5.4.2.17",null,"30Mpa (28 days) 150mm Thick Powerfloat Finished Slab ",null,null,"m³",13,{"v":2800,"d":"2,800.00"},{"v":36400,"d":"36,400.00"}]
["5.4.2.18",null,"30Mpa (28 days) Concrete to Aprons / v drain (steel float finish)",null,null,"m³",7,{"v":2800,"d":"2,800.00"},{"v":19600,"d":"19,600.00"}]
["5.4.2.19",null,"Making and Testing Set of Six 150 x 150 x 150 Concrete Strength Test Cubes, to be tested by an Independent Laboratory (Provisional)",null,null,"Sets",4,{"v":450,"d":"450.00"},{"v":1800,"d":"1,800.00"}]
["5.4.2.20",null,"100mm wide x 10mm thick Jointex Joint Filler with 10 x 10mm Tear-Off Strip",null,null,"m",170,{"v":15.5,"d":"15.50"},{"v":2635,"d":"2,635.00"}]
["5.4.2.21",null,"10mm x 10mm SikaFlex at Facade Joint Sealer",null,null,"m",100,{"v":15.5,"d":"15.50"},{"v":1550,"d":"1,550.00"}]
[null,null,"Earthworks"]
["5.4.2.22",null,"Cut To Level",null,null,"m³",20,{"v":95,"d":"95.00"},{"$f":"H563*G563","v":{"v":1900,"d":"1,900.00"}}]
["5.4.2.23",null,"Extra-over for Boulder Excavations",null,null,"m³",2,{"v":1250,"d":"1,250.00"},{"$f":"H564*G564","v":{"v":2500,"d":"2,500.00"}}]
["5.4.2.24",null,"for Hard Rock Excavations",null,null,"m³",1,{"v":800,"d":"800.00"},{"$f":"H565*G565","v":{"v":800,"d":"800.00"}}]
["5.4.3",null,"Damp Proof Course"]
["5.4.3.1",null,"One layer of 250 micron 'USB GREEN' waterproof sheeting sealed at laps with 'Gunplas Pressure Sensitive Tape':",null,null,"m²",140,{"v":45,"d":"45.00"},{"$f":"H567*G567","v":{"v":6300,"d":"6,300.00"}}]
[null,null,"Gundle® 'Brikgrip® DPC 375' Damp Proof course to SABS mark 952- 1985 Type B:"]
["5.4.3.2",null,"In 200 thick walls",null,null,"m",95,{"v":5,"d":"5.00"},{"$f":"H569*G569","v":{"v":475,"d":"475.00"}}]
["5.4.3.3",null,"In 100 thick walls",null,null,"m",50,{"v":5,"d":"5.00"},{"$f":"H570*G570","v":{"v":250,"d":"250.00"}}]
["5.4.4",null,"Blockwork"]
["5.4.4.1",null,"M190 (190mm thick  Walls - Load bearing wall)",null,null,"m²",140,{"v":420,"d":"420.00"},{"$f":"H572*G572","v":{"v":58800,"d":"58,800.00"}}]
["5.4.4.2",null,"M90(90mm thick Walls (Outside Walls - Face brick)",null,null,"m²",150,{"v":350,"d":"350.00"},{"v":52500,"d":"52,500.00"}]
["5.4.4.3",null,"190mm Brickforce to Wall",null,null,"m",300,{"v":5,"d":"5.00"},{"v":1500,"d":"1,500.00"}]
["5.4.4.4",null,"90mm Brickforce to Outside Walls",null,null,"m",135,{"v":5,"d":"5.00"},{"v":675,"d":"675.00"}]
["5.4.4.5",null,"390 x 190 x 50 Air Brick",null,null,"No.",8,49.65,{"v":397.2,"d":"397.20"}]
["5.4.4.6",null,"Precast Prestressed Concrete Lintels, suitable for blocks, lengths Not Exceeding 1.5m",null,null,"m",9,132.15,{"v":1189.3500000000001,"d":"1,189.35"}]
["5.4.4.7",null,"Precast Prestressed Concrete Lintels, suitable for blocks, Lengths Exceeding 1.5m but Less than 6m",null,null,"m",12,{"v":274.3,"d":"274.30"},{"$f":"H578*G578","v":{"v":3291.6000000000004,"d":"3,291.60"}}]
["5.4.4.8",null,"Galvanised Hoop Iron Cramps, Ties, etc: 30 x 1.6mm Wall Tie 600mm Long with One End Wrapped Around Rebar and the Other End Wrapped Over and Nailed to Rafter",null,null,"m",30,{"v":37.5,"d":"37.50"},{"$f":"H579*G579","v":{"v":1125,"d":"1,125.00"}}]
["5.4.5",null,"Plaster"]
[null,null,"(15mm thick) 1:4 Cement Plaster on Brickwork:"]
["5.4.5.1",null,"a) On Walls",null,null,"m²",110,{"v":110,"d":"110.00"},{"$f":"H582*G582","v":{"v":12100,"d":"12,100.00"}}]
["5.4.5.2",null,"b) On Narrow Widths",null,null,"m²",22,{"v":135,"d":"135.00"},{"$f":"H583*G583","v":{"v":2970,"d":"2,970.00"}}]
["5.4.5.3",null,"c) 50mm Radius Skirting",null,null,"m",120,{"v":32.5,"d":"32.50"},{"$f":"H584*G584","v":{"v":3900,"d":"3,900.00"}}]
["5.4.6",null,"Paint"]
[null,null,"Interior "]
["5.4.6.1",null,"a) Primer as per spec",null,null,"m²",110,{"v":36,"d":"36.00"},{"$f":"H587*G587","v":{"v":3960,"d":"3,960.00"}}]
["5.4.6.2",null,"b) Paint as per spec",null,null,"m²",110,{"v":80,"d":"80.00"},{"$f":"H588*G588","v":{"v":8800,"d":"8,800.00"}}]
[null,null,"Exterior "]
["5.4.6.3",null,"a) Primer as per spc",null,null,"m²",0,{"v":55,"d":"55.00"},{"$f":"H590*G590","v":{"v":0,"d":"0.00"}}]
["5.4.6.4",null,"b) Paint (Lighter Colour - as per spec)",null,null,"m²",0,{"v":80,"d":"80.00"},{"$f":"H591*G591","v":{"v":0,"d":"0.00"}}]
["5.4.6.5",null,"c) Paint (Darker Colour - as per spec)",null,null,"m²",0,{"v":80,"d":"80.00"},{"$f":"H592*G592","v":{"v":0,"d":"0.00"}}]
[null,null,"Floors"]
["Carried Forward",{"$nulls":7},{"$f":"SUM(I547:I593)","v":{"v":881673.6499999999,"d":"881,673.65"}}]
["SECTION 6 - OLIFANTSPOORT WATER TREATMENT WORKS -BUILDINGS AND MINOR CIVIL WORKS"]
["ITEM No","PAY\n REF","DESCRIPTION",null,null,"UNIT","QTY","RATE","AMOUNT"]
["Brought Forward",{"$nulls":7},{"$f":"I594","v":{"v":881673.6499999999,"d":"881,673.65"}}]
["5.4.6.6",null,"a) Epoxy Paint Floors",null,null,"m²",115,{"v":100,"d":"100.00"},{"$f":"H598*G598","v":{"v":11500,"d":"11,500.00"}}]
["5.4.7",null,"Ironmongery"]
[null,null,"Doors Complete, including leaf, frame, hinges, handles, stops, lock sets etc"]
["5.4.7.1",null,"a) Door (as per drawings)",null,null,"No.",4,{"v":4100,"d":"4,100.00"},{"$f":"H601*G601","v":{"v":16400,"d":"16,400.00"}}]
["5.4.7.2",null,"d) 150 x 50 GMS Purlin",null,null,"m",9,{"v":384,"d":"384.00"},{"$f":"H602*G602","v":{"v":3456,"d":"3,456.00"}}]
[null,null,"Painting of Doors"]
["5.4.7.3",null,"Laquer Thinners for Knots and Resinous areas",null,null,"m²",18,{"v":50,"d":"50.00"},{"$f":"H604*G604","v":{"v":900,"d":"900.00"}}]
["5.4.7.4",null,"Woodcare Knot Seal",null,null,"m²",18,{"v":50,"d":"50.00"},{"$f":"H605*G605","v":{"v":900,"d":"900.00"}}]
["5.4.7.5",null,"1 Coat Plascon Woodcare Pretreatment",null,null,"m²",{"$f":"G605","v":18},{"v":40,"d":"40.00"},{"$f":"H606*G606","v":{"v":720,"d":"720.00"}}]
["5.4.7.6",null,"1 Coat Wood Primer (UC2)",null,null,"m²",70,{"v":40,"d":"40.00"},{"$f":"H607*G607","v":{"v":2800,"d":"2,800.00"}}]
["5.4.7.7",null,"2 Coats Wall and All (WAA)",null,null,"m²",70,{"v":80,"d":"80.00"},{"$f":"H608*G608","v":{"v":5600,"d":"5,600.00"}}]
[null,null,"Frame Finishing"]
["5.4.7.8",null,"Laquer Thinners for Knots and Resinous areas (Door A/C/D)",null,null,"m²",15,{"v":50,"d":"50.00"},{"$f":"H610*G610","v":{"v":750,"d":"750.00"}}]
["5.4.7.9",null,"Woodcare Knot Seal (Door A/C/D)",null,null,"m²",{"$f":"G605","v":18},{"v":50,"d":"50.00"},{"$f":"H611*G611","v":{"v":900,"d":"900.00"}}]
["5.4.7.10",null,"1 Coat Plascon Woodcare Pretreatment (Door A/C/D)",null,null,"m²",15,{"v":40,"d":"40.00"},{"$f":"H612*G612","v":{"v":600,"d":"600.00"}}]
["5.4.7.11",null,"1 Coat Wood Primer (UC2) (Door A/C/D)",null,null,"m²",{"$f":"G612","v":15},{"v":40,"d":"40.00"},{"$f":"H613*G613","v":{"v":600,"d":"600.00"}}]
["5.4.7.12",null,"2 Coats Wall and All (WAA) (Door A/C/D)",null,null,"m²",{"$f":"G613","v":15},{"v":80,"d":"80.00"},{"$f":"H614*G614","v":{"v":1200,"d":"1,200.00"}}]
[null,null,"Glazing"]
[null,null,"All glazing shall be inaccordance with SABS 0400-1990, SABS 1263-1. All safety glazing materials shall be permanently marked"]
["5.4.7.13",null,"3mm obscure glass",null,null,"m²",20,275.66,{"$f":"H617*G617","v":{"v":5513.200000000001,"d":"5,513.20"}}]
[null,null,"Galvanised windows"]
[null,null,"Supply and install hot dipped galvanised 1.6mm steel window frames to comply with SANS 727"]
["5.4.7.14",null,"Window (as per drawings)",null,null,"No.",8,{"v":1300,"d":"1,300.00"},{"$f":"H620*G620","v":{"v":10400,"d":"10,400.00"}}]
["5.4.8",null,"Roofing"]
[null,null,"False work, formwork and concrete finish"]
["5.4.8.1",null,"Vertical formwork to provide (class  F3) surface finish",null,null,"m²",55,{"v":1050,"d":"1,050.00"},{"$f":"H623*G623","v":{"v":57750,"d":"57,750.00"}}]
["5.4.8.2",null,"Horizontal formwork to provide (class  F3) surface finish",null,null,"m²",85,{"v":1350,"d":"1,350.00"},{"$f":"H624*G624","v":{"v":114750,"d":"114,750.00"}}]
["5.4.8.3",null,"Horizontal formwork to provide (class  U2) surface finish",null,null,"m²",75,{"v":1350,"d":"1,350.00"},{"$f":"H625*G625","v":{"v":101250,"d":"101,250.00"}}]
[null,null,"Steel Reinforcement"]
[null,null,"Steel Reinforcement of concrete roof slab and up-stand beams"]
["5.4.8.4",null,"High yield stres steel bars ",null,null,"t",2,{"v":13400,"d":"13,400.00"},{"$f":"H628*G628","v":{"v":26800,"d":"26,800.00"}}]
["5.4.8.5",null,"40Mpa (28 days) 200mm Thick Powerfloat Finished Slab ",null,null,"m³",20,{"v":2800,"d":"2,800.00"},{"$f":"H629*G629","v":{"v":56000,"d":"56,000.00"}}]
["5.4.8.6",null,"Making and Testing Set of Six 150 x 150 x 150 Concrete Strength Test Cubes, to be tested by an Independent Laboratory (Provisional)",null,null,"Sets",4,{"v":450,"d":"450.00"},{"$f":"H630*G630","v":{"v":1800,"d":"1,800.00"}}]
["5.4.8.7",null,"Elastoplastomeric polymer-bitumen waterproofing membrane torched on to roof slab to be finished off with aluminum pigment bitumen based paint coating in full comliance to manufacturers specification",null,null,"m²",80,{"v":625,"d":"625.00"},{"$f":"H631*G631","v":{"v":50000,"d":"50,000.00"}}]
["5.4.8.8",null,"203x133x30 I-Section crawl beam anchored into RC roof slab with chemical anchors @ 1000 c/c",null,null,"m",15,{"v":1430,"d":"1,430.00"},{"$f":"H632*G632","v":{"v":21450,"d":"21,450.00"}}]
["5.4.9",null,"Guttering"]
["5.4.9.1",null,"Full bore outlet (to lead to PVC downpipe)",null,null,"No.",4,{"v":4500,"d":"4,500.00"},{"$f":"H634*G634","v":{"v":18000,"d":"18,000.00"}}]
["5.4.9.2",null,"75mm uPVC downpipe x 3.2m long including 2 no brackets per downpipe",null,null,"No.",4,255.58,{"$f":"H635*G635","v":{"v":1022.32,"d":"1,022.32"}}]
["5.5",null,"New Chlorine Cyliders Storage Room"]
["5.5.1","SABS 1200DB","Site Clearance"]
["5.5.1.1",null,"Clear Vegetation, Grass, Shrubs etc. and Trees of Girth up to 1m and Remove to Dumpsite, Stockpile, Maintain/Preserve and Reinstate Topsoil (150mm Deep) ",null,null,"m²",120,{"v":14,"d":"14.00"},{"$f":"H638*G638","v":{"v":1680,"d":"1,680.00"}}]
[null,null,"Shrubs, Trees and Grass along Route of Pipeline and at Ablution Block Sites."]
["5.5.1.2",null,"Clear Trees of Girth and Designated Obstacles > 1.0m Up To and Including 2m",null,null,"sum",1,{"v":3500,"d":"3,500.00"},{"$f":"G640*H640","v":{"v":3500,"d":"3,500.00"}}]
["5.5.1.3",null,"Remove rubble and cart away to an approved landfill site",null,null,"m3",11,{"v":1200,"d":"1,200.00"},{"$f":"H641*G641","v":{"v":13200,"d":"13,200.00"}}]
["5.5.2",null,"Earthworks and Foundations"]
["Carried Forward",{"$nulls":7},{"$f":"SUM(I597:I642)","v":{"v":1411115.17,"d":"1,411,115.17"}}]
["SECTION 6 - OLIFANTSPOORT WATER TREATMENT WORKS -BUILDINGS AND MINOR CIVIL WORKS"]
["ITEM No","PAY\n REF","DESCRIPTION",null,null,"UNIT","QTY","RATE","AMOUNT"]
["Brought Forward",{"$nulls":7},{"$f":"I643","v":{"v":1411115.17,"d":"1,411,115.17"}}]
[null,null,"Foundations and Foundations Excavations"]
["5.5.2.1",null,"Excavate 1m beyond entire foundation footprint using 1:1 (V:H) side slopes",null,null,"m³",140,{"v":210,"d":"210.00"},{"$f":"H648*G648","v":{"v":29400,"d":"29,400.00"}}]
["5.5.2.2",null,"Rip and re-compact 150mm thick bottom in-situ layer when established at 1m below raft slab",null,null,"m³",20,{"v":92.5,"d":"92.50"},{"v":1850,"d":"1,850.00"}]
["5.5.2.3",null,"Excavation in Earth for Strip Foundations Exceeding 0.5m Deep and Not Exceeding 1m Deep.",null,null,"m³",30,{"v":215,"d":"215.00"},{"v":6450,"d":"6,450.00"}]
["5.5.2.4",null,"Allow for Keeping Excavations Free of Water by Hand or Machinery",null,null,"Item",1,{"v":2500,"d":"2,500.00"},{"v":2500,"d":"2,500.00"}]
["5.5.2.5",null,"Construct earth mattress in 150mm layers to be compacted and tested at each layer using G6 material compacted to be achieved at 95% MOD AASHTO at OMC. Layers shall be constructed to beneath foundations and around footprint to GL",null,null,"m³",140,{"v":730,"d":"730.00"},{"v":102200,"d":"102,200.00"}]
["5.5.2.6",null,"15Mpa Concrete Blinding under Footings.",null,null,"m³",5,{"v":1550,"d":"1,550.00"},{"v":7750,"d":"7,750.00"}]
["5.5.2.7",null,"30Mpa (28 days) 19mm Reinforced Concrete On Raft Foundations ",null,null,"m³",15,{"v":1850,"d":"1,850.00"},{"v":27750,"d":"27,750.00"}]
["5.5.2.8",null,"Blockwork on on foundations up to DPC level"]
["5.5.2.9",null,"M90",null,null,"m²",15,{"v":330,"d":"330.00"},{"$f":"H656*G656","v":{"v":4950,"d":"4,950.00"}}]
["5.5.2.10",null,"M190",null,null,"m²",25,{"v":465,"d":"465.00"},{"$f":"H657*G657","v":{"v":11625,"d":"11,625.00"}}]
[null,null,"Soil Insecticide:"]
["5.5.2.11",null,"Soil  to be Poisoned in Accordance with SABS 1165 (Certificate must be Approved by an Accredited Applicator) under floors etc. including forming and poisioning shallow furrows against foundation walls etc., filling in furrows and ramming",null,null,"m²",120,{"v":12,"d":"12.00"},{"$f":"H659*G659","v":{"v":1440,"d":"1,440.00"}}]
["5.5.2.12",null,"Reinforcing Mesh Ref. 193 with a Cover of 50mm",null,null,"m²",120,42.24,{"$f":"H660*G660","v":{"v":5068.8,"d":"5,068.80"}}]
["5.5.2.13",null,"Reinforcing Mesh Ref. 245 with a Cover of 50mm",null,null,"m²",10,{"v":58.8,"d":"58.80"},{"$f":"H661*G661","v":{"v":588,"d":"588.00"}}]
[null,null,"False work, formwork and concrete finish"]
[null,null,"Formwork to provide (class  F1) surface finish"]
["5.5.2.14",null,"(i) Type E concrete drains",null,null,"m²",50,{"v":195,"d":"195.00"},{"$f":"H664*G664","v":{"v":9750,"d":"9,750.00"}}]
[null,null,"Vertical formwork to provide class F1 surface finish to"]
["5.5.2.15",null,"(i) Footings",null,null,"m²",55,{"v":378,"d":"378.00"},{"$f":"H666*G666","v":{"v":20790,"d":"20,790.00"}}]
[null,null,"Steel Reinforcement"]
[null,null,"Steel Reinforcement of Raft Foundation"]
["5.5.2.16",null,"High yield stres steel bars (Raft foundation)",null,null,"t",2,{"v":13400,"d":"13,400.00"},{"$f":"H669*G669","v":{"v":26800,"d":"26,800.00"}}]
["5.5.2.17",null,"30Mpa (28 days) 150mm Thick Powerfloat Finished Slab ",null,null,"m³",12,{"v":2800,"d":"2,800.00"},{"v":33600,"d":"33,600.00"}]
["5.5.2.18",null,"30Mpa (28 days) Concrete to Aprons / v drain (steel float finish)",null,null,"m³",7,{"v":2800,"d":"2,800.00"},{"v":19600,"d":"19,600.00"}]
["5.5.2.19",null,"Making and Testing Set of Six 150 x 150 x 150 Concrete Strength Test Cubes, to be tested by an Independent Laboratory (Provisional)",null,null,"Sets",4,{"v":450,"d":"450.00"},{"v":1800,"d":"1,800.00"}]
["5.5.2.20",null,"100mm wide x 10mm thick Jointex Joint Filler with 10 x 10mm Tear-Off Strip",null,null,"m",170,{"v":15.5,"d":"15.50"},{"v":2635,"d":"2,635.00"}]
["5.5.2.21",null,"10mm x 10mm SikaFlex at Facade Joint Sealer",null,null,"m",100,{"v":15.5,"d":"15.50"},{"v":1550,"d":"1,550.00"}]
[null,null,"Earthworks"]
["5.5.2.22",null,"Cut To Level",null,null,"m³",20,{"v":95,"d":"95.00"},{"$f":"H676*G676","v":{"v":1900,"d":"1,900.00"}}]
["5.5.2.23",null,"Extra-over for Boulder Excavations",null,null,"m³",2,{"v":1250,"d":"1,250.00"},{"$f":"H677*G677","v":{"v":2500,"d":"2,500.00"}}]
["5.5.2.24",null,"for Hard Rock Excavations",null,null,"m³",1,{"v":800,"d":"800.00"},{"$f":"H678*G678","v":{"v":800,"d":"800.00"}}]
["5.5.3",null,"Damp Proof Course"]
["5.5.3.1",null,"One layer of 250 micron 'USB GREEN' waterproof sheeting sealed at laps with 'Gunplas Pressure Sensitive Tape':",null,null,"m²",120,{"v":45,"d":"45.00"},{"$f":"H680*G680","v":{"v":5400,"d":"5,400.00"}}]
[null,null,"Gundle® 'Brikgrip® DPC 375' Damp Proof course to SABS mark 952- 1985 Type B:"]
["Carried Forward",{"$nulls":7},{"$f":"SUM(I646:I681)","v":{"v":1739811.97,"d":"1,739,811.97"}}]
["SECTION 6 - OLIFANTSPOORT WATER TREATMENT WORKS -BUILDINGS AND MINOR CIVIL WORKS"]
["ITEM No","PAY\n REF","DESCRIPTION",null,null,"UNIT","QTY","RATE","AMOUNT"]
["Brought Forward",{"$nulls":7},{"$f":"I682","v":{"v":1739811.97,"d":"1,739,811.97"}}]
["5.5.3.2",null,"In 200 thick walls",null,null,"m",60,{"v":5,"d":"5.00"},{"$f":"H686*G686","v":{"v":300,"d":"300.00"}}]
["5.5.3.3",null,"In 100 thick walls",null,null,"m",25,{"v":5,"d":"5.00"},{"$f":"H687*G687","v":{"v":125,"d":"125.00"}}]
["5.5.4",null,"Blockwork"]
["5.5.4.1",null,"M190 (190mm thick  Walls - Load bearing wall)",null,null,"m²",120,{"v":420,"d":"420.00"},{"$f":"H689*G689","v":{"v":50400,"d":"50,400.00"}}]
["5.5.4.2",null,"M90(90mm thick Walls (Outside Walls - Face brick)",null,null,"m²",120,{"v":350,"d":"350.00"},{"v":42000,"d":"42,000.00"}]
["5.5.4.3",null,"190mm Brickforce to Wall",null,null,"m",300,{"v":5,"d":"5.00"},{"v":1500,"d":"1,500.00"}]
["5.5.4.4",null,"90mm Brickforce to Outside Walls",null,null,"m",135,{"v":5,"d":"5.00"},{"v":675,"d":"675.00"}]
["5.5.4.5",null,"390 x 190 x 50 Air Brick",null,null,"No.",8,49.65,{"v":397.2,"d":"397.20"}]
["5.5.4.6",null,"Precast Prestressed Concrete Lintels, suitable for blocks, lengths Not Exceeding 1.5m",null,null,"m",9,132.15,{"v":1189.3500000000001,"d":"1,189.35"}]
["5.5.4.7",null,"Precast Prestressed Concrete Lintels, suitable for blocks, Lengths Exceeding 1.5m but Less than 6m",null,null,"m",12,{"v":274.3,"d":"274.30"},{"v":3291.6000000000004,"d":"3,291.60"}]
["5.5.4.8",null,"Galvanised Hoop Iron Cramps, Ties, etc: 30 x 1.6mm Wall Tie 600mm Long with One End Wrapped Around Rebar and the Other End Wrapped Over and Nailed to Rafter",null,null,"m",30,{"v":37.5,"d":"37.50"},{"v":1125,"d":"1,125.00"}]
["5.5.5",null,"Plaster"]
[null,null,"(15mm thick) 1:4 Cement Plaster on Brickwork:"]
["5.5.5.1",null,"a) On Walls",null,null,"m²",110,{"v":110,"d":"110.00"},{"$f":"H699*G699","v":{"v":12100,"d":"12,100.00"}}]
["5.5.5.2",null,"b) On Narrow Widths",null,null,"m²",22,{"v":135,"d":"135.00"},{"$f":"H700*G700","v":{"v":2970,"d":"2,970.00"}}]
["5.5.5.3",null,"c) 50mm Radius Skirting",null,null,"m",120,{"v":32.5,"d":"32.50"},{"$f":"H701*G701","v":{"v":3900,"d":"3,900.00"}}]
["5.5.6",null,"Paint"]
[null,null,"Interior "]
["5.5.6.1",null,"a) Primer as per spec",null,null,"m²",110,{"v":36,"d":"36.00"},{"$f":"H704*G704","v":{"v":3960,"d":"3,960.00"}}]
["5.5.6.2",null,"b) Paint as per spec",null,null,"m²",110,{"v":80,"d":"80.00"},{"$f":"H705*G705","v":{"v":8800,"d":"8,800.00"}}]
[null,null,"Exterior "]
["5.5.6.3",null,"a) Primer as per spc",null,null,"m²",0,{"v":55,"d":"55.00"},{"$f":"H707*G707","v":{"v":0,"d":"0.00"}}]
["5.5.6.4",null,"b) Paint (Lighter Colour - as per spec)",null,null,"m²",0,{"v":80,"d":"80.00"},{"$f":"H708*G708","v":{"v":0,"d":"0.00"}}]
["5.5.6.5",null,"c) Paint (Darker Colour - as per spec)",null,null,"m²",0,{"v":80,"d":"80.00"},{"$f":"H709*G709","v":{"v":0,"d":"0.00"}}]
[null,null,"Floors"]
["5.5.6.6",null,"a) Epoxy Paint Floors",null,null,"m²",115,{"v":100,"d":"100.00"},{"$f":"H711*G711","v":{"v":11500,"d":"11,500.00"}}]
["5.5.7",null,"Ironmongery"]
[null,null,"Doors Complete, including leaf, frame, hinges, handles, stops, lock sets etc"]
["5.5.7.1",null,"a) Door (as per drawings)",null,null,"No.",4,{"v":4100,"d":"4,100.00"},{"$f":"H714*G714","v":{"v":16400,"d":"16,400.00"}}]
["5.5.7.2",null,"d) 150 x 50 GMS Purlin",null,null,"m",9,{"v":384,"d":"384.00"},{"$f":"H715*G715","v":{"v":3456,"d":"3,456.00"}}]
[null,null,"Painting of Doors"]
["5.5.7.3",null,"Laquer Thinners for Knots and Resinous areas",null,null,"m²",18,{"v":50,"d":"50.00"},{"$f":"H717*G717","v":{"v":900,"d":"900.00"}}]
["5.5.7.4",null,"Woodcare Knot Seal",null,null,"m²",18,{"v":50,"d":"50.00"},{"$f":"H718*G718","v":{"v":900,"d":"900.00"}}]
["5.5.7.5",null,"1 Coat Plascon Woodcare Pretreatment",null,null,"m²",{"$f":"G718","v":18},{"v":40,"d":"40.00"},{"$f":"H719*G719","v":{"v":720,"d":"720.00"}}]
["5.5.7.6",null,"1 Coat Wood Primer (UC2)",null,null,"m²",70,{"v":40,"d":"40.00"},{"$f":"H720*G720","v":{"v":2800,"d":"2,800.00"}}]
["5.5.7.7",null,"2 Coats Wall and All (WAA)",null,null,"m²",70,{"v":80,"d":"80.00"},{"$f":"H721*G721","v":{"v":5600,"d":"5,600.00"}}]
[null,null,"Frame Finishing"]
["5.5.7.8",null,"Laquer Thinners for Knots and Resinous areas (Door A/C/D)",null,null,"m²",15,{"v":50,"d":"50.00"},{"$f":"H723*G723","v":{"v":750,"d":"750.00"}}]
["5.5.7.9",null,"Woodcare Knot Seal (Door A/C/D)",null,null,"m²",{"$f":"G718","v":18},{"v":50,"d":"50.00"},{"$f":"H724*G724","v":{"v":900,"d":"900.00"}}]
["5.5.7.10",null,"1 Coat Plascon Woodcare Pretreatment (Door A/C/D)",null,null,"m²",15,{"v":40,"d":"40.00"},{"$f":"H725*G725","v":{"v":600,"d":"600.00"}}]
["Carried Forward",{"$nulls":7},{"$f":"SUM(I685:I725)","v":{"v":1917071.12,"d":"1,917,071.12"}}]
["SECTION 6 - OLIFANTSPOORT WATER TREATMENT WORKS -BUILDINGS AND MINOR CIVIL WORKS"]
["ITEM No","PAY\n REF","DESCRIPTION",null,null,"UNIT","QTY","RATE","AMOUNT"]
["Brought Forward",{"$nulls":7},{"$f":"I726","v":{"v":1917071.12,"d":"1,917,071.12"}}]
["5.5.7.11",null,"1 Coat Wood Primer (UC2) (Door A/C/D)",null,null,"m²",{"$f":"G725","v":15},{"v":40,"d":"40.00"},{"$f":"H730*G730","v":{"v":600,"d":"600.00"}}]
["5.5.7.12",null,"2 Coats Wall and All (WAA) (Door A/C/D)",null,null,"m²",{"$f":"G730","v":15},{"v":80,"d":"80.00"},{"$f":"H731*G731","v":{"v":1200,"d":"1,200.00"}}]
[null,null,"Glazing"]
[null,null,"All glazing shall be inaccordance with SABS 0400-1990, SABS 1263-1. All safety glazing materials shall be permanently marked"]
["5.5.7.13",null,"3mm obscure glass",null,null,"m²",20,275.66,{"$f":"H734*G734","v":{"v":5513.200000000001,"d":"5,513.20"}}]
[null,null,"Galvanised windows"]
[null,null,"Supply and install hot dipped galvanised 1.6mm steel window frames to comply with SANS 727"]
["5.5.7.14",null,"Window (as per drawings)",null,null,"No.",8,{"v":1300,"d":"1,300.00"},{"$f":"H737*G737","v":{"v":10400,"d":"10,400.00"}}]
["5.5.8",null,"Roofing"]
[null,null,"False work, formwork and concrete finish"]
["5.5.8.1",null,"Vertical formwork to provide (class  F3) surface finish",null,null,"m²",55,{"v":1050,"d":"1,050.00"},{"$f":"H740*G740","v":{"v":57750,"d":"57,750.00"}}]
["5.5.8.2",null,"Horizontal formwork to provide (class  F3) surface finish",null,null,"m²",85,{"v":1350,"d":"1,350.00"},{"$f":"H741*G741","v":{"v":114750,"d":"114,750.00"}}]
["5.5.8.3",null,"Horizontal formwork to provide (class  U2) surface finish",null,null,"m²",75,{"v":1350,"d":"1,350.00"},{"$f":"H742*G742","v":{"v":101250,"d":"101,250.00"}}]
[null,null,"Steel Reinforcement"]
[null,null,"Steel Reinforcement of concrete roof slab and up-stand beams"]
["5.5.8.4",null,"High yield stres steel bars ",null,null,"t",2,{"v":13400,"d":"13,400.00"},{"$f":"H745*G745","v":{"v":26800,"d":"26,800.00"}}]
["5.5.8.5",null,"40Mpa (28 days) 200mm Thick Powerfloat Finished Slab ",null,null,"m³",20,{"v":2800,"d":"2,800.00"},{"$f":"H746*G746","v":{"v":56000,"d":"56,000.00"}}]
["5.5.8.6",null,"Making and Testing Set of Six 150 x 150 x 150 Concrete Strength Test Cubes, to be tested by an Independent Laboratory (Provisional)",null,null,"Sets",4,{"v":450,"d":"450.00"},{"$f":"H747*G747","v":{"v":1800,"d":"1,800.00"}}]
["5.5.8.7",null,"Elastoplastomeric polymer-bitumen waterproofing membrane torched on to roof slab to be finished off with aluminum pigment bitumen based paint coating in full comliance to manufacturers specification",null,null,"m²",80,{"v":625,"d":"625.00"},{"$f":"H748*G748","v":{"v":50000,"d":"50,000.00"}}]
["5.5.8.8",null,"203x133x30 I-Section crawl beam anchored into RC roof slab with chemical anchors @ 1000 c/c",null,null,"m",15,{"v":1430,"d":"1,430.00"},{"$f":"H749*G749","v":{"v":21450,"d":"21,450.00"}}]
["5.5.9",null,"Guttering"]
["5.5.9.1",null,"Full bore outlet (to lead to PVC downpipe)",null,null,"No.",4,{"v":4500,"d":"4,500.00"},{"$f":"H751*G751","v":{"v":18000,"d":"18,000.00"}}]
["5.5.9.2",null,"75mm uPVC downpipe x 3.2m long including 2 no brackets per downpipe",null,null,"No.",4,255.58,{"$f":"H752*G752","v":{"v":1022.32,"d":"1,022.32"}}]
[]
[]
[]
["Total of Section 6 Carried to Summary",{"$nulls":7},{"$f":"SUM(I729:I755)","v":{"v":2383606.64,"d":"2,383,606.64"}}]

{"sheet":"Part C","index":8,"n_rows":511,"n_cols":7,"rows_kept":511,"hidden":true,"merged":[[0,0,0,6],[13,2,13,5],[33,2,33,4],[47,0,47,5],[49,0,49,5],[99,0,99,5],[100,0,100,6],[126,0,126,5],[128,0,128,5],[132,2,132,4],[138,2,138,5],[158,0,158,5],[160,0,160,5],[185,0,185,5],[187,0,187,5],[229,0,229,5],[230,0,230,6],[278,0,278,5],[279,0,279,6],[292,2,292,5],[323,0,323,5],[325,0,325,5],[373,0,373,5],[374,0,374,6],[400,0,400,5],[402,0,402,5],[406,2,406,4],[412,2,412,5],[433,0,433,5],[435,0,435,5],[461,0,461,5],[462,0,462,6],[510,0,510,5]]}
["SECTION A2 - MEGORING: EARTHWORKS (PIPE TRENCHES) - SANS 1200DB"]
["ITEM\nNo","PAYMENT\nREF","DESCRIPTION","UNIT","QTY","RATE","   AMOUNT\nR"]
[]
["A2.1","8.3.1","Site Clearance"]
[]
["A2.1.1","8.3.1 (a)","Clear Vegetation and Trees of Girth Up to 1m (m 6 Wide Strip)","m",240,80,{"$f":"E6*F6","v":{"v":19200,"d":"19,200.00"}}]
[]
["A2.1.2","8.3.1 (b)","Clear Trees of Girth Over 1,0 m and Designated Obstacles","No","Rate Only"]
[]
["A2.1.3","PSDB\n 8.3.1 (c)","Remove topsoil (strip to 150 mm Deep), Stockpile, Prevent Dust Nuisance and Reinstate on Upon Completion","m²",480,80,{"$f":"E10*F10","v":{"v":38400,"d":"38,400.00"}}]
[]
["A2.2","8.3.2","Excavation"]
[]
[null,"8.3.2 (a)","Excavate in all Materials for Trenches, Backfill, Compact  and Dispose of Surplus Material with Depth Over and Up to:"]
[]
["A2.2.1",null,"        1.0 m          2.0 m","m3",50,150,{"$f":"E16*F16","v":{"v":7500,"d":"7,500.00"}}]
[]
["A2.2.2",null,"        2.0 m          3.0 m","m3",{"v":1000,"d":"1,000"},200,{"$f":"E18*F18","v":{"v":200000,"d":"200,000.00"}}]
[]
["A2.2.3",null,"        3.0 m          4.0 m","m3",200,250,{"$f":"E20*F20","v":{"v":50000,"d":"50,000.00"}}]
[]
["A2.2.4",null,"        4.0 m         5.0 m","m3",10,300,{"$f":"E22*F22","v":{"v":3000,"d":"3,000.00"}}]
[]
[null,"PSDB8.3.2","Extra-over Item (a) above for:"]
[]
["A2.2.5","8.3.2 (b) (2)","Hard Rock Excavation","m³",20,1200,{"$f":"E26*F26","v":{"v":24000,"d":"24,000.00"}}]
[]
["A2.2.6","PSDB 8.3.2","Excavate and Dispose of Boulders Class A","m³",10,1200,{"$f":"E28*F28","v":{"v":12000,"d":"12,000.00"}}]
[]
["A2.2.7","8.3.2 (c)","Excavate and Dispose of Unsuitable Material From Trench Bottom (provisional)","m³",50,160,{"$f":"E30*F30","v":{"v":8000,"d":"8,000.00"}}]
[]
["A2.3","8.3.3","Excavation ancillaries"]
[]
[null,"8.3.3.1","Make Up Deficiency in Backfill Material (provisional)"]
[]
["A2.3.1","8.3.3.1 (a)","From Other Necessary Excavations On Site","m³",50,100,{"$f":"+F36*E36","v":{"v":5000,"d":"5,000.00"}}]
[]
["A2.3.2","PSDB 8.3.3.3 ","Compaction in Road Reserves"]
[]
["A2.3.2.1","8.3.3.3 (a)","Under roadways to 93% MOD AASHTO","m³",200,200,{"$f":"+F40*E40","v":{"v":40000,"d":"40,000.00"}}]
[]
["A2.3.2.2","8.3.3.3 (b)","Elswhere to 93% to MOD AASHTO","m³",50,200,{"$f":"+F42*E42","v":{"v":10000,"d":"10,000.00"}}]
[]
[]
[]
[]
[]
[" Total Carried Forward",{"$nulls":5},{"$f":"SUM(G3:G47)","v":{"v":417100,"d":"417,100.00"}}]
["ITEM\nNo","PAYMENT\nREF","DESCRIPTION","UNIT","QTY","RATE","   AMOUNT\nR"]
[" Brought Forward",{"$nulls":5},{"$f":"+G48","v":{"v":417100,"d":"417,100.00"}}]
[]
["A2.4","8.3.5 ","Existing Services that intersect or adjoin a Pipe Trench"]
[]
[null,"8.3.5(a)","Services That intersect a Trench"]
[]
["A2.4.1",null,"1)    Stock Fences","No","Rate Only"]
[]
["A2.4.2",null,"2)    Storm Water Pipes","No","Rate Only"]
[]
["A2.4.3",null,"3)    Water Pipes","No","Rate Only"]
[]
["A2.4.4",null,"6)    Gravel Roads","No",2,1500,{"$f":"+F62*E62","v":{"v":3000,"d":"3,000.00"}}]
[]
[null,"8.3.5 (b)","Services That adjoin a Trench"]
[]
["A2.4.5",null,"1)    Stock Fence","m","Rate Only"]
[]
["A2.4.6",null,"2)    Storm Water Pipes","m",10,50,{"$f":"+F68*E68","v":{"v":500,"d":"500.00"}}]
[]
["A2.4.7",null,"3)    Water Pipes","m",165,50,{"$f":"+F70*E70","v":{"v":8250,"d":"8,250.00"}}]
[]
["A2.5","PSDB8.3.6","Finishing"]
[]
[null,"8.3.6.1","Reinstate Road Surfaces Complete"]
[]
["A2.5.1","8.3.6.1 (a)","Gravel Road Surfaces","m²",150,150,{"$f":"+F76*E76","v":{"v":22500,"d":"22,500.00"}}]
[]
["A2.5.2","8.3.7","Accommodation of traffic including bypass and signage","Sum",1,200000,{"v":200000,"d":"200,000.00"}]
{"$rows_empty":21}
[" TOTAL SECTION A2 CARRIED TO SUMMARY",{"$nulls":5},{"$f":"SUM(G50:G99)","v":{"v":651350,"d":"651,350.00"}}]
["SECTION A3 - MEGORING:  MEDIUM PRESSURE PIPELINES - SANS 1200L"]
["ITEM\nNo","PAYMENT\nREF","DESCRIPTION","UNIT","QTY","RATE","   AMOUNT\nR"]
[]
["A3.1","8.2.1","Steel Pipes"]
[]
["A3.1.1",null,"Supply, Lay, Bed, Join and Test 600 ND / 8 mm Wall Thickness Grade X42  Beveled Steel Pipes, Pipes are to be Welded, CML internaly lined and Coated as per PSCL Particular Specifications.","m",326,8500,{"$f":"+F106*E106","v":{"v":2771000,"d":"2,771,000.00"}}]
[]
["A3.1.2",null,"Temporary By-pass Pipeline (800 ND Steel Pipeline available at PS2 Pump Station Lebowakgomo)"]
[null,null,"Temporary By-pass Pipeline & Existing Fittings - Transport, Lay, Join and Test 800 ND / 10 mm Wall Thickness Grade C Beveled Steel Pipes, Epoxy lined and primer coat externally. Allow for machining of rough pipe ends to allow for joining.","m",160,1200,{"$f":"+F109*E109","v":{"v":192000,"d":"192,000.00"}}]
[]
["A3.1.3",null,"Pre-Cast Concrete Plinths with Pipe Straps (Available at PS2 Pump Station Lebowakgomo)"]
[null,null,"Pre-Cast Concrete Plinths inclusive of Transport, Earthworks & Excavation, preparation & compaction, leveling, Rubber insertions between plinths & pipes, all nuts and washers.","no",21,6500,{"$f":"+F112*E112","v":{"v":136500,"d":"136,500.00"}}]
[]
["A3.1.4",null,"Temporary By-pass Pipeline Dismantling"]
[null,null,"Dismantling of the by-pass pipeline (800 ND) and transporting the Pipes & All Fittings back to PS2 Pump Station - Lebowakgomo)","m",160,750,{"$f":"+F115*E115","v":{"v":120000,"d":"120,000.00"}}]
[]
[null,null,"Dismantling of the Plinth Pipe straps and transporting the plinths, straps, rubber insertions, nuts & washers back to PS2 Pump Station - Lebowakgomo)","no",21,5500,{"$f":"+F117*E117","v":{"v":115500,"d":"115,500.00"}}]
[]
["A3.1.5",null,"Existing 600 ND Steel Pipe cutting and transporting to PS2 Pump Station - Lebowakgomo)","m",163,220,{"$f":"+F119*E119","v":{"v":35860,"d":"35,860.00"}}]
{"$rows_empty":7}
[" Total Carried Forward",{"$nulls":5},{"$f":"SUM(G103:G126)","v":{"v":3370860,"d":"3,370,860.00"}}]
["ITEM\nNo","PAYMENT\nREF","DESCRIPTION","UNIT","QTY","RATE","   AMOUNT\nR"]
[" Brought Forward",{"$nulls":5},{"$f":"+G127","v":{"v":3370860,"d":"3,370,860.00"}}]
[]
["A3.3","8.2.2","Steel Fittings"]
[]
["A3.3.1",null,"Steel Bends PN40- Supply, Lay, Join, Test and Bed 600mm ND / 8mm Wall Thickness Grade X52 Steel Bends with Solvent Free Liquid Epoxy Lining and Coated as per PSCL Particular Specifications for The Following:"]
[]
["A3.3.1.1",null,"0º - 5º","No",8,15000,{"$f":"+F135*E135","v":{"v":120000,"d":"120,000.00"}}]
[]
["A3.3.1.2",null,"20º - 45º","No",10,30000,{"$f":"+F137*E137","v":{"v":300000,"d":"300,000.00"}}]
[]
["A3.3.2",null,"Steel Fittings for Temporary By-Pass Pipeline PN40 as per drawing: P1001-EB1L-CIV-1301- Supply, Lay, Join, Test and Bed 600mm ND / 8mm Wall Thickness Grade X52 Steel Fittings with Solvent Free Liquid Epoxy Lining and Coated as per PSCL Particular Specifications for The Following:"]
[]
["A3.3.2.1",null,"Straight Pipe Section, 600mm ND, roughly 500mm long, Flanged one side & plain ended the other side (Item number TC1)","No",4,{"v":9279.199999999999,"d":"9279"},{"$f":"+F141*E141","v":{"v":37116.799999999996,"d":"37,116.80"}}]
[]
["A3.3.2.2",null,"Dismantling Coupling, 600mm ND (Item number TC2)","No",4,70840,{"$f":"+F143*E143","v":{"v":283360,"d":"283,360.00"}}]
[]
["A3.3.2.3",null,"Straight Pipe Section, 600mm ND, 1000mm long, Flanged both sides (Item number TC3)","No",4,13256,{"$f":"+F145*E145","v":{"v":53024,"d":"53,024.00"}}]
[]
["A3.3.2.4",null,"Short Radius Bend, 600mm ND, Flanged both sides (Item number TC4)","No",2,44000,{"$f":"+F147*E147","v":{"v":88000,"d":"88,000.00"}}]
[]
["A3.3.2.5",null,"Straight Pipe Section, 600mm ND roughly 3000mm long, Flanged both sides (Item number TC5)","No",2,29900,{"$f":"+F149*E149","v":{"v":59800,"d":"59,800.00"}}]
[]
["A3.3.2.6",null,"Sweep Tee, 600mm ND, Flanged all sides (Item number TC6)","No",2,69800,{"$f":"+F151*E151","v":{"v":139600,"d":"139,600.00"}}]
[]
["A3.3.2.7",null,"Steel Reducer, 600mm ND to 800mm ND, Flanged on 600mm side & plain ended on 800mm side (Item number TC7)","No",2,48080,{"$f":"+F153*E153","v":{"v":96160,"d":"96,160.00"}}]
[]
["A3.3.2.8",null,"Steel Tee, 800mm x 800mm x 600mm ND, Flanged on 600mm side, plain ended the other two sides","No",1,79100,{"$f":"+F155*E155","v":{"v":79100,"d":"79,100.00"}}]
[]
[]
[]
[" Total Carried Forward",{"$nulls":5},{"$f":"SUM(G129:G158)","v":{"v":4627020.8,"d":"4,627,020.80"}}]
["ITEM\nNo","PAYMENT\nREF","DESCRIPTION","UNIT","QTY","RATE","   AMOUNT\nR"]
[" Brought Forward",{"$nulls":5},{"$f":"+G159","v":{"v":4627020.8,"d":"4,627,020.80"}}]
[]
["A3.3.2.9",null,"600mm Blank Flange with 150mm drilled opening  with a 150mm Flanged Pipe Section.","No",1,9805,{"$f":"+F163*E163","v":{"v":9805,"d":"9,805.00"}}]
[]
["A3.3.2.10",null,"150mm RSV Gate Valve, Non-Rising Spindle & Hand Operated","No",1,33400,{"$f":"+F165*E165","v":{"v":33400,"d":"33,400.00"}}]
[]
["A3.3.2.11",null,"150mm Air Valve, Double Orifice, Dual Action with mechanism to prevent slamming","No",1,41045,{"$f":"+F167*E167","v":{"v":41045,"d":"41,045.00"}}]
[]
["A3.4","8.2.3","VALVE CHAMBERS"]
[]
["A3.4.1",null,"Air Valve Chambers "]
[]
["A3.4.1.1",null,"Air Valve Chamber for 100DN double orfice vaccum  break PN40 air valve including isolating valve, Complete as Shown on Drawing, including all the pipework, Excavation, Reinforcement and Concrete Work, Supply Material ","No",2,800000,{"$f":"+F173*E173","v":{"v":1600000,"d":"1,600,000.00"}}]
[]
["A3.4.1.2",null,"Dismantling fittings and valves inside existing air valve chambers and transport all items to PS2 Pump Station - Lebowakgomo). Demolish the existing air valve chamber structures and remove rubble.","No",2,15000,{"$f":"+F175*E175","v":{"v":30000,"d":"30,000.00"}}]
[]
["A3.4.2",null,"Scour Valve Chamber"]
[]
["A3.4.2.1",null,"Scour Valve Chamber PN40, with 2x 200mm Scour valves and 400mm dismantling coupling including 400mm isolating valve, with 100mm dia by-pass and gate valve. Complete as Shown on Drawing, including all the pipework, Excavation, Reinforcement and Concrete Work, Supply Material ","No",1,2800000,{"$f":"+F179*E179","v":{"v":2800000,"d":"2,800,000.00"}}]
[]
["A3.4.2.2",null,"Dismantling fittings and valves inside existing scour valve chambers and transport all items to PS2 Pump Station - Lebowakgomo). Demolish the existing scour valve chamber structures and remove rubble.","No",2,15000,{"$f":"+F181*E181","v":{"v":30000,"d":"30,000.00"}}]
[]
[]
[]
[]
[" Total Carried Forward",{"$nulls":5},{"$f":"SUM(G161:G185)","v":{"v":9171270.8,"d":"9,171,270.80"}}]
["ITEM\nNo","PAYMENT\nREF","DESCRIPTION","UNIT","QTY","RATE","   AMOUNT\nR"]
[" Brought Forward",{"$nulls":5},{"$f":"+G186","v":{"v":9171270.8,"d":"9,171,270.80"}}]
[]
["A3.5",null,"General"]
[]
["A3.5.1","PSL5.11","Cut-in and Connect to Existing Water infrastructure within Stipulated Time Frame including all Pipework as Specified. Inclusive for Both 600mm ND pipelines, on both sides (start and end points) and for both the temporary by-pass pipeline and the new permanent two river crossing pipelines.","Sum",1,1500000,{"$f":"+F192*E192","v":{"v":1500000,"d":"1,500,000.00"}}]
[]
["A3.5.2","PSPS3.16","Radiographic Examination and Testing of Pipe Welded  Joints","No",22,3000,{"$f":"+F194*E194","v":{"v":66000,"d":"66,000.00"}}]
{"$rows_empty":35}
[" TOTAL SECTION A3 CARRIED TO SUMMARY",{"$nulls":5},{"$f":"SUM(G188:G229)","v":{"v":10737270.8,"d":"10,737,270.80"}}]
["SECTION A4 - MEGORING:  BEDDING (FLEXIBLE PIPES) - SANS 1200LB"]
["ITEM\nNo","PAYMENT\nREF","DESCRIPTION","UNIT","QTY","RATE","   AMOUNT\nR"]
[]
["A4.1","PSLB 8.2.1","Provision of Bedding From Trench Excavation "]
[]
["A4.1.1",null,"a)    Selected Granular Material","m³",30,100,{"$f":"+F236*E236","v":{"v":3000,"d":"3,000.00"}}]
[]
["A4.1.2",null,"B)    Selected Fill Material","m³",14,100,{"$f":"+F238*E238","v":{"v":1400,"d":"1,400.00"}}]
[]
["A4.2","8.2.2","Supply only of Bedding By Importation"]
[]
[null,"8.2.2.3","From Commercial Sources"]
[]
["A4.2.1",null,"a)    Selected Granular Material","m³",260,300,{"$f":"+F244*E244","v":{"v":78000,"d":"78,000.00"}}]
[]
["A4.2.2",null,"B)    Selected Fill Material","m³",80,250,{"$f":"+F246*E246","v":{"v":20000,"d":"20,000.00"}}]
[]
[]
["A4.3","8.2.3","Encasing Pipes in Concrete"]
[]
[null,null,"Supply Material and Construct Concrete Encasement for 2 x 600 DN Pipes for River Crossings as Specified on Drawings."]
[]
["A4.3.1",null,"Concrete Grade 15/19","m³",294,2500,{"$f":"+F253*E253","v":{"v":735000,"d":"735,000.00"}}]
[]
["A4.3.2",null,"Steel Mesh Ref No 100","m2",{"v":1500,"d":"1,500"},50,{"$f":"+F255*E255","v":{"v":75000,"d":"75,000.00"}}]
{"$rows_empty":23}
[" TOTAL SECTION A4 CARRIED TO SUMMARY",{"$nulls":5},{"$f":"SUM(G233:G278)","v":{"v":912400,"d":"912,400.00"}}]
["SECTION B2 - THAKGALANG: EARTHWORKS (PIPE TRENCHES) - SANS 1200DB"]
["ITEM\nNo","PAYMENT\nREF","DESCRIPTION","UNIT","QTY","RATE","   AMOUNT\nR"]
[]
["B2.1","8.3.1","Site Clearance"]
[]
["B2.1.1","8.3.1 (a)","Clear Vegetation and Trees of Girth Up to 1m (3m  Wide Strip)","m",105,80,{"$f":"E285*F285","v":{"v":8400,"d":"8,400.00"}}]
[]
["B2.1.2","8.3.1 (b)","Clear Trees of Girth Over 1,0 m and Designated Obstacles","No","Rate Only"]
[]
["B2.1.3","PSDB\n 8.3.1 (c)","Remove topsoil (strip to 150 mm Deep), Stockpile, Prevent Dust Nuisance and Reinstate on Upon Completion","m²",315,80,{"$f":"E289*F289","v":{"v":25200,"d":"25,200.00"}}]
[]
["B2.2","8.3.2","Excavation"]
[]
[null,"8.3.2 (a)","Excavate in all Materials for Trenches, Backfill, Compact  and Dispose of Surplus Material with Depth Over and Up to:"]
[]
["B2.2.1",null,"        1.0 m          2.0 m","m3",30,150,{"$f":"E295*F295","v":{"v":4500,"d":"4,500.00"}}]
[]
["B2.2.2",null,"        2.0 m          3.0 m","m3",342,200,{"$f":"E297*F297","v":{"v":68400,"d":"68,400.00"}}]
[]
["B2.2.3",null,"        3.0 m          4.0 m","m3",115,250,{"$f":"E299*F299","v":{"v":28750,"d":"28,750.00"}}]
[]
["B2.2.4",null,"        4.0 m         5.0 m","m3",12,300,{"$f":"E301*F301","v":{"v":3600,"d":"3,600.00"}}]
[]
[null,"PSDB8.3.2","Extra-over Item (a) above for:"]
[]
["B2.2.6","8.3.2 (b) (2)","Hard Rock Excavation","m³",374,1200,{"$f":"E305*F305","v":{"v":448800,"d":"448,800.00"}}]
[]
["B2.2.7","PSDB 8.3.2","Excavate and Dispose of Boulders Class A","m³",30,1200,{"$f":"E307*F307","v":{"v":36000,"d":"36,000.00"}}]
[]
["B2.2.8","8.3.2 (c)","Excavate and Dispose of Unsuitable Material From Trench Bottom (provisional)","m³",70,160,{"$f":"E309*F309","v":{"v":11200,"d":"11,200.00"}}]
[]
["B2.3","8.3.3","Excavation ancillaries"]
[]
[null,"8.3.3.1","Make Up Deficiency in Backfill Material (provisional)"]
[]
["B2.3.1","8.3.3.1 (a)","From Other Necessary Excavations On Site","m³",70,100,{"$f":"+F315*E315","v":{"v":7000,"d":"7,000.00"}}]
[]
["B2.3.2","PSDB 8.3.3.3 ","Compaction in Road Reserves"]
[]
[]
[]
[]
[]
[]
[" Total Carried Forward",{"$nulls":5},{"$f":"SUM(G282:G323)","v":{"v":641850,"d":"641,850.00"}}]
["ITEM\nNo","PAYMENT\nREF","DESCRIPTION","UNIT","QTY","RATE","   AMOUNT\nR"]
[" Brought Forward",{"$nulls":5},{"$f":"+G324","v":{"v":641850,"d":"641,850.00"}}]
[]
["B2.3.2.1","8.3.3.3 (a)","Under roadways to 93% MOD AASHTO","m³",90,200,{"$f":"+F328*E328","v":{"v":18000,"d":"18,000.00"}}]
[]
["B2.3.2.2","8.3.3.3 (b)","Elswhere to 93% to MOD AASHTO","m³",35,200,{"$f":"+F330*E330","v":{"v":7000,"d":"7,000.00"}}]
[]
[]
["B2.4","8.3.5 ","Existing Services that intersect or adjoin a Pipe Trench"]
[]
[null,"8.3.5(a)","Services That intersect a Trench"]
[]
["B2.4.1",null,"1)    Stock Fences","No","Rate Only"]
[]
["B2.4.2",null,"2)    Storm Water Pipes","No","Rate Only"]
[]
["B2.4.3",null,"3)    Water Pipes","No","Rate Only"]
[]
["B2.4.4",null,"6)    Gravel Roads","No",2,1500,{"$f":"+F343*E343","v":{"v":3000,"d":"3,000.00"}}]
[]
[null,"8.3.5 (b)","Services That adjoin a Trench"]
[]
["B2.4.5",null,"1)    Stock Fence","m","Rate Only"]
[]
["B2.4.6",null,"2)    Storm Water Pipes","m",10,50,{"$f":"+F349*E349","v":{"v":500,"d":"500.00"}}]
[]
["B2.4.7",null,"3)    Water Pipes","m",140,50,{"$f":"+F351*E351","v":{"v":7000,"d":"7,000.00"}}]
[]
["B2.5","PSDB8.3.6","Finishing"]
[]
[null,"8.3.6.1","Reinstate Road Surfaces Complete"]
[]
["B2.5.1","8.3.6.1 (a)","Gravel Road Surfaces","m²",70,150,{"$f":"+F357*E357","v":{"v":10500,"d":"10,500.00"}}]
[]
["B2.5.2","8.3.7","Accommodation of traffic including bypass and signage","Sum",1,30000,{"$f":"F359","v":{"v":30000,"d":"30,000.00"}}]
{"$rows_empty":14}
[" TOTAL SECTION B2 CARRIED TO SUMMARY",{"$nulls":5},{"$f":"SUM(G326:G373)","v":{"v":717850,"d":"717,850.00"}}]
["SECTION B3 - THAKGALANG:  MEDIUM PRESSURE PIPELINES - SANS 1200L"]
["ITEM\nNo","PAYMENT\nREF","DESCRIPTION","UNIT","QTY","RATE","   AMOUNT\nR"]
[]
["B3.1","8.2.1","Steel Pipes"]
[]
["B3.1.1",null,"Supply, Lay, Bed, Join and Test 600 ND / 8 mm Wall Thickness Grade X42  Beveled Steel Pipes, Pipes are to be Welded, CML internaly lined and Coated as per PSCL Particular Specifications.","m",140,8500,{"$f":"+F380*E380","v":{"v":1190000,"d":"1,190,000.00"}}]
[]
["B3.1.2",null,"Temporary By-pass Pipeline (800 ND Steel Pipeline available at PS2 Pump Station Lebowakgomo)"]
[null,null,"Temporary By-pass Pipeline & Existing Fittings - Transport, Lay, Join and Test 800 ND / 10 mm Wall Thickness Grade C Beveled Steel Pipes, Epoxy lined and primer coat externally. Allow for machining of rough pipe ends to allow for joining.","m",154,1200,{"$f":"+F383*E383","v":{"v":184800,"d":"184,800.00"}}]
[]
["B3.1.3",null,"Pre-Cast Concrete Plinths with Pipe Straps (Available at PS2 Pump Station Lebowakgomo)"]
[null,null,"Pre-Cast Concrete Plinths inclusive of Transport, Earthworks & Excavation, preparation & compaction, leveling, Rubber insertions between plinths & pipes, all nuts and washers.","no",28,6500,{"$f":"+F386*E386","v":{"v":182000,"d":"182,000.00"}}]
[]
["B3.1.4",null,"Temporary By-pass Pipeline Dismantling"]
[null,null,"Dismantling of the by-pass pipeline (800 ND) and transporting the Pipes & All Fittings back to PS2 Pump Station - Lebowakgomo)","m",154,750,{"v":115500,"d":"115,500.00"}]
[]
[null,null,"Dismantling of the Plinth Pipe straps and transporting the plinths, straps, rubber insertions, nuts & washers back to PS2 Pump Station - Lebowakgomo)","no",28,5500,{"$f":"+F391*E391","v":{"v":154000,"d":"154,000.00"}}]
[]
["B3.1.5",null,"Existing 600 ND Steel Pipe cutting and transporting to PS2 Pump Station - Lebowakgomo)","m",140,220,{"v":30800,"d":"30,800.00"}]
{"$rows_empty":7}
[" Total Carried Forward",{"$nulls":5},{"$f":"SUM(G377:G400)","v":{"v":1857100,"d":"1,857,100.00"}}]
["ITEM\nNo","PAYMENT\nREF","DESCRIPTION","UNIT","QTY","RATE","   AMOUNT\nR"]
[" Brought Forward",{"$nulls":5},{"$f":"+G401","v":{"v":1857100,"d":"1,857,100.00"}}]
[]
["B3.3","8.2.2","Steel Fittings"]
[]
["B3.3.1",null,"Steel Bends PN25- Supply, Lay, Join, Test and Bed 600mm ND / 8mm Wall Thickness Grade X52 Steel Bends with Solvent Free Liquid Epoxy Lining and Coated as per PSCL Particular Specifications for The Following:"]
[]
["B3.3.1.1",null,"0º - 5º","No",5,15000,{"$f":"+F409*E409","v":{"v":75000,"d":"75,000.00"}}]
[]
["B3.3.1.2",null,"20º -45º","No",6,30000,{"$f":"+F411*E411","v":{"v":180000,"d":"180,000.00"}}]
[]
["B3.3.2",null,"Steel Fittings for Temporary By-Pass Pipeline PN25 as per drawing: P1001-EB1L-CIV-1301- Supply, Lay, Join, Test and Bed 600mm ND / 8mm Wall Thickness Grade X52 Steel Fittings with Solvent Free Liquid Epoxy Lining and Coated as per PSCL Particular Specifications for The Following:"]
[]
["B3.3.2.1",null,"Straight Pipe Section, 600mm ND, roughly 500mm long, Flanged one side & plain ended the other side (Item number TC1)","No",2,{"v":9279.199999999999,"d":"9279"},{"$f":"E415*F415","v":{"v":18558.399999999998,"d":"18,558.40"}}]
[]
["B3.3.2.2",null,"Dismantling Coupling, 600mm ND (Item number TC2)","No",2,70840,{"$f":"E417*F417","v":{"v":141680,"d":"141,680.00"}}]
[]
["B3.3.2.3",null,"Steel Reducer, 600mm ND to 800mm ND, Flanged on 600mm side & plain ended on 800mm side (Item number TC7)","No",2,48080,{"$f":"E419*F419","v":{"v":96160,"d":"96,160.00"}}]
[]
["B3.3.2.4",null,"Steel Tee, 800mm x 800mm x 600mm ND, Flanged on 600mm side, plain ended the other two sides","No",1,79100,{"$f":"+F421*E421","v":{"v":79100,"d":"79,100.00"}}]
[]
["B3.3.2.5",null,"600mm Blank Flange with 150mm drilled opening  with a 150mm Flanged Pipe Section.","No",1,9805,{"$f":"+F423*E423","v":{"v":9805,"d":"9,805.00"}}]
[]
["B3.3.2.6",null,"150mm RSV Gate Valve, Non-Rising Spindle & Hand Operated","No",1,33400,{"$f":"+F425*E425","v":{"v":33400,"d":"33,400.00"}}]
[]
["B3.3.2.7",null,"150mm Air Valve, Double Orifice, Dual Action with mechanism to prevent slamming","No",1,41045,{"$f":"+F427*E427","v":{"v":41045,"d":"41,045.00"}}]
[]
[]
[]
[]
[]
[]
[" Total Carried Forward",{"$nulls":5},{"$f":"SUM(G403:G433)","v":{"v":2531848.4,"d":"2,531,848.40"}}]
["ITEM\nNo","PAYMENT\nREF","DESCRIPTION","UNIT","QTY","RATE","   AMOUNT\nR"]
[" Brought Forward",{"$nulls":5},{"$f":"+G434","v":{"v":2531848.4,"d":"2,531,848.40"}}]
[]
["B3.4","8.2.3","VALVE CHAMBERS"]
[]
["B3.4.1",null,"Air Valve Chambers"]
[]
["B3.4.1.1",null,"Air Valve Chamber for 100DN double orfice vaccum  break PN25 air valve including isolating valve, Complete as Shown on Drawing, including all the pipework, Excavation, Reinforcement and Concrete Work, Supply Material ","No",2,800000,{"$f":"+F442*E442","v":{"v":1600000,"d":"1,600,000.00"}}]
[]
["A3.4.2",null,"Scour Valve Chamber"]
[]
["A3.4.2.1",null,"Scour Valve Chamber PN25, with 2x 200mm Scour valves and 400mm dismantling coupling including 400mm isolating valve, with 100mm dia by-pass and gate valve. Complete as Shown on Drawing, including all the pipework, Excavation, Reinforcement and Concrete Work, Supply Material ","No",1,2800000,{"$f":"+F446*E446","v":{"v":2800000,"d":"2,800,000.00"}}]
[]
["A3.4.2.2",null,"Dismantling fittings and valves inside existing scour valve chambers and transport all items to PS2 Pump Station - Lebowakgomo). Demolish the existing scour valve chamber structures and remove rubble.","No",1,15000,{"v":15000,"d":"15,000.00"}]
[]
["B3.5",null,"General"]
[]
["B3.5.1","PSL5.11","Cut-in and Connect to Existing Water infrastructure within Stipulated Time Frame including all Pipework as Specified. Inclusive for the 600mm ND pipeline on both sides (start and end points) and for both the temporary by-pass pipeline and the new permanent river crossing pipeline.","Sum",1,1200000,{"$f":"+F452*E452","v":{"v":1200000,"d":"1,200,000.00"}}]
[]
["B3.5.2","PSPS3.16","Radiographic Examination and Testing of Pipe Welded  Joints","No",20,3000,{"$f":"+F454*E454","v":{"v":60000,"d":"60,000.00"}}]
{"$rows_empty":7}
[" TOTAL SECTION B3 CARRIED TO SUMMARY",{"$nulls":5},{"$f":"SUM(G436:G461)","v":{"v":8206848.4,"d":"8,206,848.40"}}]
["SECTION B4 - THAKGALANG:  BEDDING (FLEXIBLE PIPES) - SANS 1200LB"]
["ITEM\nNo","PAYMENT\nREF","DESCRIPTION","UNIT","QTY","RATE","   AMOUNT\nR"]
[]
["B4.1","PSLB 8.2.1","Provision of Bedding From Trench Excavation "]
[]
["B4.1.1",null,"a)    Selected Granular Material","m³",20,100,{"$f":"+F468*E468","v":{"v":2000,"d":"2,000.00"}}]
[]
["B4.1.2",null,"B)    Selected Fill Material","m³",15,100,{"$f":"+F470*E470","v":{"v":1500,"d":"1,500.00"}}]
[]
["B4.2","8.2.2","Supply only of Bedding By Importation"]
[]
[null,"8.2.2.3","From Commercial Sources"]
[]
["B4.2.1",null,"a)    Selected Granular Material","m³",150,300,{"$f":"+F476*E476","v":{"v":45000,"d":"45,000.00"}}]
[]
["B4.2.2",null,"B)    Selected Fill Material","m³",40,250,{"$f":"+F478*E478","v":{"v":10000,"d":"10,000.00"}}]
[]
[]
["B4.3","8.2.3","Encasing Pipes in Concrete"]
[]
[null,null,"Supply Material and Construct Concrete Encasement for 600 DN Pipe for River Crossing as Specified on Drawings."]
[]
["B4.3.1",null,"Concrete Grade 15/19","m³",157,2500,{"$f":"+F485*E485","v":{"v":392500,"d":"392,500.00"}}]
[]
["B4.3.2",null,"Steel Mesh Ref No 100","m2",{"v":1000,"d":"1,000"},50,{"$f":"+F487*E487","v":{"v":50000,"d":"50,000.00"}}]
{"$rows_empty":23}
[" TOTAL SECTION B4 CARRIED TO SUMMARY",{"$nulls":5},{"$f":"SUM(G466:G510)","v":{"v":501000,"d":"501,000.00"}}]